{"text_format":"1","workbook":"xlsx","n_sheets":1,"sheets":["VYHODNOCENÍ"],"not_rendered":{"charts":0,"images":0,"macros":1,"external_links":0,"defined_names":5,"comments":0,"pivot_tables":0},"unopened":[],"bounds":{"document_bytes":16777216,"sheet_cells":100000,"rows_first":2000,"rows_last":500,"rows_between":2000,"halvings":0,"cell_chars":16384,"cell_head_chars":4096},"cells_cut":0,"cells_raw":0,"read":"whole","date_system":"1900"}

{"sheet":"VYHODNOCENÍ","index":0,"n_rows":1423,"n_cols":21,"rows_kept":1423,"cut":false,"hidden":false,"merged":[]}
["VYHODNOCENÍ",null,null,null,null,"kurz EUR/CZK:",25.074999999999999,null,null,null,{"$f":"SUBTOTAL(9,K3:K1985)","v":1306.6899999999996},{"$f":"N1/K1","v":6277.556268127867},{"$f":"O1/K1","v":250.37128163527737},{"$f":"SUBTOTAL(9,N3:N1985)","v":8202820},{"$f":"SUBTOTAL(9,O3:O1985)","v":327157.65000000049},{"$f":"Q1/K1","v":10171.086742264813},{"$f":"SUBTOTAL(9,Q3:Q1985)","v":13290457.335250005},{"$f":"P1-L1","v":3893.5304741369464},{"$f":"T1/K1","v":405.6265899208297},{"$f":"SUBTOTAL(9,T3:T1985)","v":530028.20878364879}]
["EVIDENČNÍ ČÍSLO (Nummer)","ŠTÍTEK (Etikette)","POZICE (Position)","ZÁMĚR (Bereitstellungsmeldung Nr.)","PŮVOD - PLO (Herkunft)","DŘEVINA (Holz)","DÉLKA (Lang)  [m]","STŘED. TLOUŠŤKA (Durchmesser)  [cm]","SORTIMENT","ZÓNA","m3","VYVOLÁVACÍ CENA [KČ/m3]","VYVOLÁVACÍ CENA (Startpreis) [EUR/m3]","VYVOLÁVACÍ CENA ZA KS (Kč)","VYVOLÁVACÍ CENA ZA KS (Startpreis Stk) (EUR)","VÍTĚZNÁ CENA [Kč/m3]","VÍTĚZNÁ CENA ZA KS (Kč)","VÍTĚZNÁ MÍNUS VYVOLÁVACÍ","VÍTĚZNÁ CENA (gewinnender Preis) (EUR/m3)","VÍTĚZNÁ CENA ZA KS (gewinnender Preis) (EUR)","ČETNOST NABÍDEK (Häufigkeit der Angebote)"]
[1,14221,"A",1,null,"DB",3,66,"C","B",0.88,5000,199,4400,175.12,12562.574999999999,11055.065999999999,7562.5749999999989,500.99999999999994,440.87999999999994,4]
[2,14222,"A",1,null,"DB",3,69,"A","A",0.96,10000,399,9600,383.03999999999996,12562.574999999999,12060.071999999998,2562.5749999999989,500.99999999999994,480.95999999999992,3]
[3,14223,"A",1,null,"DB",3,46,"A","A",0.42,8000,319,3360,133.97999999999999,8901.625,3738.6824999999999,901.625,355,149.1,2]
[4,14224,"A",1,null,"DB",3.5,50,"B","B",0.57999999999999996,7500,299,4350,173.42,8876.5499999999993,5148.3989999999994,1376.5499999999993,354,205.32,2]
[5,14225,"A",1,null,"DB",4,43,"A","A",0.49,8000,319,3920,156.31,9478.35,4644.3914999999997,1478.3500000000004,378,185.22,2]
[6,14226,"A",1,null,"DB",4.3,47,"A","A",0.63,8000,319,5040,200.97,13941.699999999999,8783.2709999999988,5941.6999999999989,556,350.28000000000003,4]
[7,14227,"A",1,null,"DB",4.5,55,"II","A",0.91,12000,479,10920,435.89000000000004,17522,15945.02,5522,698.7836490528415,635.89312063808575,3]
[8,14228,"A",1,null,"DB",5,53,"II","A",0.94,12000,479,11280,450.26,15122,14214.679999999998,3122,603.07078763708876,566.8865403788634,4]
[9,14229,"A",1,null,"DB",5.2,58,"B","B",1.17,7500,299,8775,349.83,15122,17692.739999999998,7622,603.07078763708876,705.5928215353938,4]
[10,14230,"A",1,null,"DB",6,69,"B","A",1.93,7500,299,14475,577.06999999999994,19533.424999999999,37699.510249999999,12033.424999999999,779,1503.47,5]
[11,14231,"A",1,null,"DB",6.5,59,"I","A",1.52,18000,718,27360,1091.3599999999999,31669.724999999999,48137.981999999996,13669.724999999999,1263,1919.76,8]
[12,14232,"A",1,null,"DB",6.5,46,"II","A",0.91,10000,399,9100,363.09000000000003,15521.424999999999,14124.49675,5521.4249999999993,619,563.29,6]
[13,14233,"A",1,null,"DB",6.5,53,"B","B",1.22,7500,299,9150,364.78,15122,18448.84,7622,603.07078763708876,735.74636091724824,4]
[14,14234,"A",1,null,"DB",7,60,"A","A",1.69,10000,399,16900,674.31,15122,25556.18,5122,603.07078763708876,1019.1896311066799,4]
[15,14235,"A",1,null,"DB",7,74,"A","A",2.59,10000,399,25900,1033.4099999999999,31418.974999999999,81375.145249999987,21418.974999999999,1253,3245.27,5]
[16,14236,"A",1,null,"DB",7,72,"B","A",2.4500000000000002,7500,299,18375,732.55000000000007,33174.224999999999,81276.851250000007,25674.224999999999,1323,3241.3500000000004,8]
[17,14237,"A",1,null,"DB",7,69,"C","B",2.25,5000,199,11250,447.75,15471.275,34810.368750000001,10471.275,617,1388.25,6]
[18,14238,"A",2,null,"MD",7,40,"B","B",0.73,4000,160,2920,116.8,4050,2956.5,50,161.51545363908275,117.90628115653041,2]
[19,14239,"A",2,null,"DB",6,49,"A","A",0.96,8000,319,7680,306.24,13440.199999999999,12902.591999999999,5440.1999999999989,536,514.55999999999995,2]
[20,14240,"A",2,null,"DB",6,58,"C","C",1.35,5000,199,6750,268.65000000000003,6350,8572.5,1350,253.24027916251248,341.87437686939188,1]
[21,14241,"A",2,null,"DB",7,56,"C","C",1.47,5000,199,7350,292.52999999999997,"NEVYDRAŽENO","NEVYDRAŽENO",-1850,"NEVYDRAŽENO","NEVYDRAŽENO",1]
[22,14242,"A",2,null,"DB",6,65,"B","A",1.71,7500,299,12825,511.28999999999996,11434.199999999999,19552.481999999996,3934.1999999999989,455.99999999999994,779.75999999999988,2]
[23,14243,"A",2,null,"DB",7.5,48,"C","C",1.1499999999999999,4000,160,4600,184,"NEVYDRAŽENO","NEVYDRAŽENO",-950,"NEVYDRAŽENO","NEVYDRAŽENO",1]
[24,14244,"A",2,null,"DB",8.5,46,"B","B",1.19,6000,239,7140,284.40999999999997,12938.699999999999,15397.052999999998,6938.6999999999989,516,614.04,2]
[25,14245,"A",2,null,"DB",5,55,"A","A",1.01,10000,399,10100,402.99,15122,15273.22,5122,603.07078763708876,609.10149551345967,3]
[26,14246,"A",2,null,"DB",5,52,"B","B",0.9,7500,299,6750,269.10000000000002,12687.949999999999,11419.154999999999,5187.9499999999989,505.99999999999994,455.4,2]
[27,14247,"A",2,null,"DB",5,41,"B","B",0.55000000000000004,6000,239,3300.0000000000005,131.45000000000002,12186.449999999999,6702.5474999999997,6186.4499999999989,485.99999999999994,267.3,3]
[28,14248,"A",2,null,"DB",5,44,"C","C",0.64,4000,160,2560,102.4,11434.199999999999,7317.887999999999,7434.1999999999989,455.99999999999994,291.83999999999997,3]
[29,14249,"A",2,null,"DB",4.5,51,"A","A",0.78,10000,399,7800,311.22000000000003,15122,11795.16,5122,603.07078763708876,470.39521435692927,3]
[30,14250,"A",2,null,"DB",3,67,"B","A",0.91,7500,299,6825,272.09000000000003,7850,7143.5,350,313.06081754735794,284.88534396809575,1]
[31,14251,"A",2,null,"DB",3,66,"A","A",0.88,10000,399,8800,351.12,"NEVYDRAŽENO","NEVYDRAŽENO",-8950,"NEVYDRAŽENO","NEVYDRAŽENO",1]
[32,14252,"A",2,null,"DB",3,54,"A","A",0.57999999999999996,10000,399,5800,231.42,7850,4553,-2150,313.06081754735794,181.57527417746761,1]
[33,14253,"A",2,null,"DB",3,62,"B","A",0.77,7500,299,5775,230.23000000000002,"NEVYDRAŽENO","NEVYDRAŽENO",-4400,"NEVYDRAŽENO","NEVYDRAŽENO",1]
[34,14254,"A",2,null,"DB",3,85,"C","A",1.47,5000,199,7350,292.52999999999997,7500,11025,2500,299.10269192422732,439.68095712861412,3]
[35,14255,"A",2,null,"DB",3.5,50,"C","C",0.57999999999999996,5000,199,2900,115.41999999999999,7171.45,4159.4409999999998,2171.4499999999998,286,165.88,2]
[36,14256,"A",2,null,"DB",4,60,"B","A",0.97,7500,299,7275,290.02999999999997,6450,6256.5,-1050,257.22831505483549,249.51146560319043,1]
[37,14257,"A",2,null,"DB",2.5,51,"D","C",0.43,3200,128,1376,55.04,4000,1720,800,159.52143569292124,68.594217347956132,3]
[38,14258,"A",2,null,"DB",4,48,"B","B",0.61,6000,239,3660,145.79,8050,4910.5,2050,321.03688933200402,195.83250249252245,1]
[39,14259,"A",2,null,"DB",4,55,"B","B",0.81,7500,299,6075,242.19000000000003,6450,5224.5,-1050,257.22831505483549,208.35493519441675,1]
[40,14260,"A",3,null,"DB",4.5,52,"B","B",0.81,7500,299,6075,242.19000000000003,12186.449999999999,9871.0244999999995,4686.4499999999989,485.99999999999994,393.65999999999997,2]
[41,14261,"A",3,null,"DB",6,58,"A","A",1.35,10000,399,13500,538.65000000000009,18279.674999999999,24677.561249999999,8279.6749999999993,729,984.15000000000009,5]
[42,14262,"A",3,null,"DB",6.5,48,"D","C",1,2500,100,2500,100,2950,2950,450,117.64705882352942,117.64705882352942,2]
[43,14263,"A",3,null,"DB",7,47,"B","B",1.03,6000,239,6180,246.17000000000002,12186.449999999999,12552.0435,6186.4499999999989,485.99999999999994,500.57999999999993,2]
[44,14264,"A",3,null,"DB",5.5,55,"B","B",1.1100000000000001,7500,299,8325,331.89000000000004,12186.449999999999,13526.959500000001,4686.4499999999989,485.99999999999994,539.46,2]
[45,14265,"A",3,null,"DB",4,75,"C","B",1.52,5000,199,7600,302.48,10105.225,15359.942000000001,5105.2250000000004,403,612.56000000000006,1]
[46,14266,"A",3,null,"DB",3.5,57,"B","B",0.76,7500,299,5700,227.24,"NEVYDRAŽENO","NEVYDRAŽENO",-4450,"NEVYDRAŽENO","NEVYDRAŽENO",1]
[47,14267,"A",3,null,"DB",3,60,"C","B",0.72,5000,199,3600,143.28,9302.8249999999989,6698.0339999999987,4302.8249999999989,370.99999999999994,267.11999999999995,2]
[48,14268,"A",7,null,"DB",4.5,60,"C","B",1.0900000000000001,5000,199,5450,216.91000000000003,15122,16482.98,10122,603.07078763708876,657.34715852442685,5]
[49,14269,"A",7,null,"DB",5,47,"C","C",0.73,4000,160,2920,116.8,10180.449999999999,7431.7284999999993,6180.4499999999989,405.99999999999994,296.37999999999994,3]
[50,14270,"A",7,null,"DB",6.2,70,"II","A",2.0499999999999998,12000,479,24599.999999999996,981.94999999999993,33675.724999999999,69035.236249999987,21675.724999999999,1343,2753.1499999999996,9]
[51,14271,"A",7,null,"DB",6.4,56,"II","A",1.34,12000,479,16080.000000000002,641.86,28159.224999999999,37733.361499999999,16159.224999999999,1123,1504.8200000000002,6]
[52,14272,"A",7,null,"DB",7,75,"II","A",2.66,12000,479,31920,1274.1400000000001,34152.15,90844.719000000012,22152.15,1362,3622.92,9]
[53,14273,"A",7,null,"DB",6,54,"II","A",1.17,12000,479,14040,560.42999999999995,15122,17692.739999999998,3122,603.07078763708876,705.5928215353938,3]
[54,14274,"A",7,null,"DB",6.8,65,"II","A",1.93,12000,479,23160,924.46999999999991,22843.325000000001,44087.617250000003,10843.325000000001,911,1758.23,7]
[55,14275,"A",7,null,"DB",7,71,"II","A",2.38,12000,479,28560,1140.02,31669.724999999999,75373.945499999987,19669.724999999999,1263,3005.94,8]
[56,14276,"A",7,null,"DB",7,58,"A","A",1.58,10000,399,15800,630.42000000000007,13941.699999999999,22027.885999999999,3941.6999999999989,556,878.48,4]
[57,14277,"A",7,null,"DB",3,55,"C","C",0.61,5000,199,3050,121.39,5850,3568.5,850,233.30009970089731,142.31306081754735,1]
[58,14278,"A",7,null,"DB",3,90,"II","A",1.65,12000,479,19800,790.34999999999991,35405.9,58419.735000000001,23405.9,1412,2329.7999999999997,4]
[59,14279,"A",7,null,"DB",3.5,63,"A","A",0.93,10000,399,9300,371.07,23144.224999999999,21524.129249999998,13144.224999999999,923,858.3900000000001,4]
[60,14280,"A",7,null,"DB",4,67,"II","A",1.21,12000,479,14520,579.59,30390.899999999998,36772.988999999994,18390.899999999998,1212,1466.52,7]
[61,14281,"A",7,null,"DB",4.5,57,"A","A",0.98,10000,399,9800,391.02,15122,14819.56,5122,603.07078763708876,591.00937188434693,3]
[62,14282,"A",7,null,"DB",4,51,"C","C",0.69,5000,199,3449.9999999999995,137.31,6450,4450.5,1450,257.22831505483549,177.48753738783648,2]
[63,14283,"A",7,null,"DB",4,50,"C","C",0.67,5000,199,3350,133.33000000000001,8049.0749999999998,5392.8802500000002,3049.0749999999998,321,215.07000000000002,3]
[64,14284,"A",7,null,"DB",4,65,"B","A",1.1399999999999999,7500,299,8550,340.85999999999996,6450,7352.9999999999991,-1050,257.22831505483549,293.24027916251242,1]
[65,14285,"A",7,null,"DB",4.5,65,"B","A",1.28,7500,299,9600,382.72,20552,26306.560000000001,13052,819.6211365902293,1049.1150548354935,4]
[66,14286,"A",3,null,"DB",3,52,"A","A",0.54,10000,399,5400,215.46,7850,4239,-2150,313.06081754735794,169.0528414755733,1]
[67,14287,"A",3,null,"DB",3,56,"B","B",0.63,7500,299,4725,188.37,"NEVYDRAŽENO","NEVYDRAŽENO",-3400,"NEVYDRAŽENO","NEVYDRAŽENO",1]
[68,14288,"A",3,null,"DB",3,69,"A","A",0.96,10000,399,9600,383.03999999999996,8050,7728,-1950,321.03688933200402,308.19541375872387,1]
[69,14289,"A",2,null,"DB",2.4,54,"B","B",0.47,7500,299,3525,140.53,7850,3689.5,350,313.06081754735794,147.13858424725822,1]
[70,14290,"A",2,null,"DB",2.5,42,"B","B",0.28999999999999998,6000,239,1739.9999999999998,69.31,7850,2276.5,1850,313.06081754735794,90.787637088733803,3]
[71,14291,"A",2,null,"DB",2.5,38,"B","C",0.24,4500,179,1080,42.96,8851.4750000000004,2124.3539999999998,4351.4750000000004,353,84.72,4]
[72,14292,"A",2,null,"DB",2.5,37,"B","C",0.22,4500,179,990,39.380000000000003,7748.1750000000002,1704.5985000000001,3248.1750000000002,309,67.98,3]
[73,14293,"A",2,null,"DB",2.5,45,"B","B",0.34,6000,239,2040.0000000000002,81.260000000000005,7850,2669,1850,313.06081754735794,106.4406779661017,2]
[74,14294,"A",2,null,"DB",2.5,51,"A","A",0.43,10000,399,4300,171.57,8500.4249999999993,3655.1827499999995,-1499.5750000000007,339,145.77000000000001,2]
[75,14295,"A",2,null,"DB",3,49,"A","A",0.48,8000,319,3840,153.12,8050,3864,50,321.03688933200402,154.09770687936194,2]
[76,14296,"A",2,null,"DB",3,57,"II","A",0.65,12000,479,7800,311.35000000000002,8050,5232.5,-3950,321.03688933200402,208.67397806580263,1]
[77,14297,"A",2,null,"DB",3,42,"C","C",0.35,4000,160,1400,56,4200,1470,200,167.4975074775673,58.624127617148552,2]
[78,14298,"A",2,null,"DB",3,40,"C","C",0.32,4000,160,1280,51.2,"NEVYDRAŽENO","NEVYDRAŽENO",-900,"NEVYDRAŽENO","NEVYDRAŽENO",1]
[79,14299,"A",2,null,"DB",3,42,"B","B",0.35,6000,239,2100,83.649999999999991,8050,2817.5,2050,321.03688933200402,112.36291126620139,1]
[80,14300,"A",2,null,"DB",3,53,"II","A",0.56000000000000005,12000,479,6720.0000000000009,268.24,8050,4508,-3950,321.03688933200402,179.78065802592226,2]
[81,14301,"A",2,null,"DB",4,46,"A","A",0.56000000000000005,8000,319,4480,178.64000000000001,10807.324999999999,6052.1019999999999,2807.3249999999989,430.99999999999994,241.35999999999999,2]
[82,14302,"A",2,null,"DB",3,61,"C","B",0.75,5000,199,3750,149.25,8050,6037.5,3050,321.03688933200402,240.77766699900303,2]
[83,14303,"A",2,null,"DB",3,37,"B","C",0.27,4500,179,1215,48.330000000000005,5850,1579.5,1350,233.30009970089731,62.99102691924228,1]
[84,14304,"A",2,null,"DB",3,47,"C","C",0.44,4000,160,1760,70.400000000000006,8249.6749999999993,3629.8569999999995,4249.6749999999993,329,144.76,3]
[85,14305,"A",2,null,"DB",3,48,"B","B",0.46,6000,239,2760,109.94,7850,3611,1850,313.06081754735794,144.00797607178467,1]
[86,14306,"A",2,null,"DB",3,37,"B","C",0.27,4500,179,1215,48.330000000000005,"NEVYDRAŽENO","NEVYDRAŽENO",-1400,"NEVYDRAŽENO","NEVYDRAŽENO",1]
[87,14307,"A",2,null,"DB",3,43,"B","B",0.37,6000,239,2220,88.429999999999993,7850,2904.5,1850,313.06081754735794,115.83250249252244,1]
[88,14308,"A",2,null,"DB",3,45,"A","A",0.4,8000,319,3200,127.60000000000001,8050,3220,50,321.03688933200402,128.41475573280161,1]
[89,14309,"A",2,null,"MD",12,46,"B","B",1.66,4000,160,6640,265.59999999999997,4500,7470,500,179.46161515453639,297.90628115653038,3]
[90,14310,"A",2,null,"MD",9,40,"C","C",0.94,3000,120,2820,112.8,5000,4700,2000,199.40179461615156,187.43768693918247,3]
[91,14311,"A",1,null,"DB",9,57,"D","C",1.96,3200,128,6272,250.88,8550,16758,5350,340.97706879361914,668.31505483549347,2]
[92,14312,"A",6,"15a","DB",3.4,52,"D","C",0.61,3200,128,1952,78.08,2850,1738.5,-350,113.65902293120638,69.332003988035893,1]
[93,14313,"A",6,"15a","DB",3.7,47,"B","B",0.54,6000,239,3240,129.06,2850,1539,-3150,113.65902293120638,61.375872382851448,1]
[94,14314,"A",6,"15a","DB",3.7,47,"D","C",0.54,2500,100,1350,54,2750,1485,250,109.67098703888335,59.222333000997018,1]
[95,14315,"A",6,"15a","DB",4.3,45,"C","C",0.57999999999999996,4000,160,2320,92.8,3100,1797.9999999999998,-900,123.62911266201397,71.704885343968101,1]
[96,14316,"A",6,"15a","DB",2.8,47,"D","C",0.41,2500,100,1025,41,2650,1086.5,150,105.68295114656033,43.330009970089733,1]
[97,14317,"A",6,"15a","DB",3.5,52,"C","C",0.63,5000,199,3150,125.37,1200,756,-3800,47.85643070787637,30.149551345962113,1]
[98,14318,"A",6,"15a","DB",4.4000000000000004,51,"B","B",0.76,7500,299,5700,227.24,12687.949999999999,9642.8419999999987,5187.9499999999989,505.99999999999994,384.55999999999995,2]
[99,14319,"A",6,"15a","DB",4.8,54,"A","A",0.94,10000,399,9400,375.06,13189.449999999999,12398.082999999999,3189.4499999999989,526,494.44,2]
[100,14320,"A",6,"15a","DB",5.2,41,"B","B",0.57999999999999996,6000,239,3479.9999999999995,138.62,12186.449999999999,7068.1409999999987,6186.4499999999989,485.99999999999994,281.87999999999994,2]
[101,14321,"A",6,"15a","DB",3.5,60,"II","A",0.85,12000,479,10200,407.15,25501.274999999998,21676.083749999998,13501.274999999998,1016.9999999999999,864.44999999999993,4]
[102,14322,"A",6,"15a","DB",3.4,50,"B","B",0.56999999999999995,7500,299,4275,170.42999999999998,8050,4588.5,550,321.03688933200402,182.99102691924227,1]
[103,14323,"A",6,"15a","DB",4.3,61,"A","A",1.07,10000,399,10700,426.93,13941.699999999999,14917.619000000001,3941.6999999999989,556,594.92000000000007,3]
[104,14324,"A",6,"15a","DB",4,53,"B","B",0.75,7500,299,5625,224.25,8250,6187.5,750,329.01296111665005,246.75972083748752,1]
[105,14325,"A",6,"15a","DB",3.1,48,"C","C",0.47,4000,160,1880,75.199999999999989,1200,564,-2800,47.85643070787637,22.492522432701893,1]
[106,14326,"A",6,"15a","DB",3.6,52,"C","C",0.65,5000,199,3250,129.35,2550,1657.5,-2450,101.69491525423729,66.101694915254242,1]
[107,14327,"A",6,"15a","DB",3.1,49,"C","C",0.5,4000,160,2000,80,2550,1275,-1450,101.69491525423729,50.847457627118644,1]
[108,14328,"A",6,"15a","DB",3.6,48,"C","C",0.55000000000000004,4000,160,2200,88,9001.9249999999993,4951.0587500000001,5001.9249999999993,359,197.45000000000002,2]
[109,14329,"A",6,"15a","DB",3.7,38,"C","C",0.35,3000,120,1050,42,8249.6749999999993,2887.3862499999996,5249.6749999999993,329,115.14999999999999,3]
[110,14330,"A",6,"15a","DB",3.4,48,"C","C",0.52,4000,160,2080,83.2,3150,1638,-850,125.62313060817547,65.324027916251254,2]
[111,14331,"A",6,"15a","DB",3,47,"D","C",0.44,2500,100,1100,44,2650,1166,150,105.68295114656033,46.500498504486544,2]
[112,14332,"A",6,"15a","DB",5.0999999999999996,53,"C","C",0.96,5000,199,4800,191.04,7998.9250000000002,7678.9679999999998,2998.9250000000002,319,306.24,1]
[113,14333,"A",6,"15a","DB",4.2,45,"C","C",0.56000000000000005,4000,160,2240,89.600000000000009,3250,1820.0000000000002,-750,129.61116650049851,72.582253240279172,2]
[114,14334,"A",6,"15a","DB",4.2,58,"B","B",0.95,7500,299,7125,284.05,11434.199999999999,10862.489999999998,3934.1999999999989,455.99999999999994,433.19999999999993,2]
[115,14335,"A",6,"15a","DB",4.7,55,"A","A",0.95,10000,399,9500,379.04999999999995,17522,16645.899999999998,7522,698.7836490528415,663.84446660019944,3]
[116,14336,"A",6,"15a","DB",4.5,52,"B","B",0.81,7500,299,6075,242.19000000000003,12938.699999999999,10480.347,5438.6999999999989,516,417.96000000000004,2]
[117,14337,"A",6,"15a","DB",4.9000000000000004,57,"B","B",1.07,7500,299,8025.0000000000009,319.93,12938.699999999999,13844.409,5438.6999999999989,516,552.12,2]
[118,14338,"A",6,"15a","DB",6.3,53,"C","C",1.18,5000,199,5900,234.82,6995.9250000000002,8255.191499999999,1995.9250000000002,279,329.21999999999997,2]
[119,14339,"A",6,"15a","DB",6.4,42,"B","B",0.74,6000,239,4440,176.85999999999999,11434.199999999999,8461.3079999999991,5434.1999999999989,455.99999999999994,337.43999999999994,2]
[120,14340,"A",6,"15a","DB",4.8,52,"B","B",0.87,7500,299,6525,260.13,12687.949999999999,11038.5165,5187.9499999999989,505.99999999999994,440.21999999999997,3]
[121,14341,"A",6,"15a","DB",5.2,45,"C","C",0.7,4000,160,2800,112,10180.449999999999,7126.3149999999987,6180.4499999999989,405.99999999999994,284.19999999999993,2]
[122,14342,"A",6,"15a","DB",5,47,"C","C",0.73,4000,160,2920,116.8,8249.6749999999993,6022.262749999999,4249.6749999999993,329,240.17,3]
[123,14343,"A",6,"15a","DB",5.4,50,"B","B",0.9,7500,299,6750,269.10000000000002,12186.449999999999,10967.804999999998,4686.4499999999989,485.99999999999994,437.4,2]
[124,14344,"A",6,"15a","DB",4.7,57,"C","C",1.02,5000,199,5100,202.98,7672.95,7826.4089999999997,2672.95,306,312.12,2]
[125,14345,"A",8,null,"DB",6,68,"C","B",1.87,5000,199,9350,372.13,7672.95,14348.416500000001,2672.95,306,572.22,3]
[126,14346,"A",8,null,"DB",8,75,"D","B",3.04,3200,128,9728,389.12,4850,14744,1650,193.41974077766702,587.99601196410777,2]
[127,14347,"A",8,null,"DB",8.3000000000000007,77,"C","B",3.33,5000,199,16650,662.67,15122,50356.26,10122,603.07078763708876,2008.2257228315057,5]
[128,14348,"A",8,null,"DB",12,60,"C","B",2.9,5000,199,14500,577.1,12186.449999999999,35340.704999999994,7186.4499999999989,485.99999999999994,1409.3999999999999,4]
[129,14349,"A",8,null,"DB",10,79,"C","B",4.22,5000,199,21100,839.78,10180.449999999999,42961.498999999996,5180.4499999999989,405.99999999999994,1713.3199999999997,4]
[130,14350,"A",5,null,"DB",8,59,"A","A",1.87,10000,399,18700,746.13,15122,28278.140000000003,5122,603.07078763708876,1127.742372881356,3]
[131,14351,"A",5,null,"DB",12,49,"II","A",1.92,10000,399,19200,766.07999999999993,20536.424999999999,39429.935999999994,10536.424999999999,819,1572.48,4]
[132,14352,"A",5,null,"DB",9.5,59,"B","B",2.2200000000000002,7500,299,16650,663.78000000000009,12938.699999999999,28723.914000000001,5438.6999999999989,516,1145.5200000000002,2]
[133,14353,"A",5,null,"DB",12,54,"B","B",2.34,7500,299,17550,699.66,12938.699999999999,30276.557999999997,5438.6999999999989,516,1207.4399999999998,2]
[134,14354,"A",5,null,"DB",10,47,"D","C",1.47,2500,100,3675,147,10180.449999999999,14965.261499999999,7680.4499999999989,405.99999999999994,596.81999999999994,4]
[135,14355,"A",5,null,"DB",6.5,54,"B","B",1.27,7500,299,9525,379.73,12938.699999999999,16432.148999999998,5438.6999999999989,516,655.32000000000005,3]
[136,14356,"A",5,null,"DB",5.5,71,"C","B",1.87,5000,199,9350,372.13,11434.199999999999,21381.953999999998,6434.1999999999989,455.99999999999994,852.71999999999991,3]
[137,14357,"A",5,null,"DB",8,42,"B","B",0.93,6000,239,5580,222.27,12687.949999999999,11799.7935,6687.9499999999989,505.99999999999994,470.58,3]
[138,14358,"A",5,null,"DB",6,65,"B","A",1.71,7500,299,12825,511.28999999999996,12687.949999999999,21696.394499999999,5187.9499999999989,505.99999999999994,865.25999999999988,2]
[139,14359,"A",5,null,"DB",5.5,48,"B","B",0.84,6000,239,5040,200.76,12186.449999999999,10236.617999999999,6186.4499999999989,485.99999999999994,408.23999999999995,2]
[140,14360,"A",5,null,"DB",7,50,"C","C",1.17,5000,199,5850,232.82999999999998,10180.449999999999,11911.126499999998,5180.4499999999989,405.99999999999994,475.01999999999992,2]
[141,14361,"A",5,null,"DB",6.5,65,"A","A",1.85,10000,399,18500,738.15000000000009,15122,27975.7,5122,603.07078763708876,1115.6809571286142,3]
[142,14362,"A",5,null,"DB",6.5,43,"B","B",0.79,6000,239,4740,188.81,12687.949999999999,10023.4805,6687.9499999999989,505.99999999999994,399.73999999999995,2]
[143,14363,"A",5,null,"DB",7,66,"B","A",2.0499999999999998,7500,299,15374.999999999998,612.94999999999993,17522,35920.1,10022,698.7836490528415,1432.5064805583249,3]
[144,14364,"A",6,"15a","DB",5,40,"B","B",0.53,6000,239,3180,126.67,12186.449999999999,6458.8184999999994,6186.4499999999989,485.99999999999994,257.58,3]
[145,14365,"A",28,null,"DB",7,40,"B","B",0.74,6000,239,4440,176.85999999999999,12186.449999999999,9017.973,6186.4499999999989,485.99999999999994,359.63999999999993,3]
[146,14366,"A",28,null,"DB",7,42,"B","B",0.81,6000,239,4860,193.59,11434.199999999999,9261.7019999999993,5434.1999999999989,455.99999999999994,369.35999999999996,2]
[147,14367,"A",28,null,"DB",8,48,"A","A",1.22,8000,319,9760,389.18,16273.674999999999,19853.8835,8273.6749999999993,649,791.78,3]
[148,14368,"A",28,null,"DB",8,47,"A","A",1.17,8000,319,9360,373.22999999999996,15521.424999999999,18160.067249999996,7521.4249999999993,619,724.2299999999999,3]
[149,14369,"A",28,null,"DB",5,46,"II","A",0.7,10000,399,7000,279.29999999999995,14393.05,10075.134999999998,4393.0499999999993,574,401.79999999999995,3]
[150,14370,"A",28,null,"DB",6,38,"A","B",0.56999999999999995,5500,219,3134.9999999999995,124.82999999999998,9678.9499999999989,5517.0014999999985,4178.9499999999989,385.99999999999994,220.01999999999995,3]
[151,14371,"A",28,null,"DB",7,40,"A","A",0.74,8000,319,5920,236.06,12186.449999999999,9017.973,4186.4499999999989,485.99999999999994,359.63999999999993,2]
[152,14372,"A",28,null,"DB",6,54,"B","B",1.17,7500,299,8775,349.83,20536.424999999999,24027.617249999999,13036.424999999999,819,958.2299999999999,4]
[153,14373,"A",28,null,"DB",6,45,"A","A",0.8,8000,319,6400,255.20000000000002,13440.199999999999,10752.16,5440.1999999999989,536,428.8,3]
[154,14374,"A",56,null,"DB",3.9,43,"D","C",0.48,2500,100,1200,48,1950,936,-550,77.766699900299102,37.328015952143566,1]
[155,14375,"A",56,null,"DB",4,31,"B","C",0.25,4500,179,1125,44.75,"NEVYDRAŽENO","NEVYDRAŽENO",-3300,"NEVYDRAŽENO","NEVYDRAŽENO",1]
[156,14376,"A",56,null,"DB",4,35,"D","C",0.32,1500,60,480,19.2,1650,528,150,65.802592223330009,21.056829511465605,1]
[157,14377,"A",56,null,"DB",4,32,"B","C",0.27,4500,179,1215,48.330000000000005,"NEVYDRAŽENO","NEVYDRAŽENO",-3300,"NEVYDRAŽENO","NEVYDRAŽENO",1]
[158,14378,"A",56,null,"DB",6,40,"B","B",0.63,6000,239,3780,150.57,8249.6749999999993,5197.2952499999992,2249.6749999999993,329,207.27,1]
[159,14379,"A",56,null,"DB",6,40,"B","B",0.63,6000,239,3780,150.57,12687.949999999999,7993.4084999999995,6687.9499999999989,505.99999999999994,318.77999999999997,2]
[160,14380,"A",28,null,"DB",6,44,"D","C",0.77,2500,100,1925,77,11835.4,9113.2579999999998,9335.4,472,363.44,4]
[161,14381,"A",28,null,"DB",6,60,"II","A",1.45,12000,479,17400,694.55,25501.274999999998,36976.848749999997,13501.274999999998,1016.9999999999999,1474.6499999999999,8]
[162,14382,"A",28,null,"DB",8,41,"A","A",0.89,8000,319,7120,283.91000000000003,12687.949999999999,11292.2755,4687.9499999999989,505.99999999999994,450.34,2]
[163,14383,"A",28,null,"DB",8,41,"A","A",0.89,8000,319,7120,283.91000000000003,13440.199999999999,11961.777999999998,5440.1999999999989,536,477.04,3]
[164,14384,"A",28,null,"DB",6,39,"B","C",0.6,4500,179,2700,107.39999999999999,11434.199999999999,6860.5199999999995,6934.1999999999989,455.99999999999994,273.59999999999997,3]
[165,14385,"A",28,null,"DB",8,52,"A","A",1.44,10000,399,14400,574.55999999999995,15122,21775.68,5122,603.07078763708876,868.42193419740772,4]
[166,14386,"A",28,null,"DB",9,49,"A","A",1.44,8000,319,11520,459.35999999999996,15270.674999999999,21989.771999999997,7270.6749999999993,609,876.95999999999992,4]
[167,14387,"A",28,null,"DB",8,44,"A","A",1.02,8000,319,8160,325.38,13440.199999999999,13709.003999999999,5440.1999999999989,536,546.72,3]
[168,14388,"A",28,null,"DB",6,52,"A","A",1.08,10000,399,10800,430.92,16522,17843.760000000002,6522,658.90329012961115,711.61555333998012,4]
[169,14389,"A",28,null,"DB",8,39,"B","C",0.8,4500,179,3600,143.20000000000002,11434.199999999999,9147.3599999999988,6934.1999999999989,455.99999999999994,364.79999999999995,4]
[170,14390,"A",28,null,"DB",8,41,"A","A",0.89,8000,319,7120,283.91000000000003,12186.449999999999,10845.940499999999,4186.4499999999989,485.99999999999994,432.53999999999996,3]
[171,14391,"A",28,null,"DB",8,47,"A","A",1.17,8000,319,9360,373.22999999999996,13716.025,16047.749249999999,5716.0249999999996,547,639.99,3]
[172,14392,"A",28,null,"DB",8,42,"C","C",0.93,4000,160,3720,148.80000000000001,12010.924999999999,11170.160250000001,8010.9249999999993,479,445.47,4]
[173,14393,"A",21,null,"DB",9.3000000000000007,68,"B","A",2.9,7500,299,21750,867.1,12687.949999999999,36795.054999999993,5187.9499999999989,505.99999999999994,1467.3999999999999,2]
[174,14394,"A",21,null,"DB",4.2,52,"C","C",0.76,5000,199,3800,151.24,9001.9249999999993,6841.4629999999997,4001.9249999999993,359,272.83999999999997,2]
[175,14395,"A",21,null,"DB",4,52,"B","B",0.72,7500,299,5400,215.28,"NEVYDRAŽENO","NEVYDRAŽENO",-1050,"NEVYDRAŽENO","NEVYDRAŽENO",1]
[176,14396,"A",21,null,"DB",4.2,70,"B","A",1.39,7500,299,10425,415.60999999999996,13122,18239.579999999998,5622,523.31006979062818,727.40099700897315,4]
[177,14397,"A",21,null,"DB",2.5,54,"A","A",0.49,10000,399,4900,195.51,10355.975,5074.4277499999998,355.97500000000036,413,202.37,2]
[178,14398,"A",21,null,"DB",9.3000000000000007,69,"A","A",2.98,10000,399,29800,1189.02,15170.375,45207.717499999999,5170.375,605,1802.9,4]
[179,14399,"A",21,null,"DB",3.8,55,"D","C",0.77,3200,128,2464,98.56,"NEVYDRAŽENO","NEVYDRAŽENO",-350,"NEVYDRAŽENO","NEVYDRAŽENO",1]
[180,14400,"A",21,null,"DB",2.5,62,"II","A",0.65,12000,479,7800,311.35000000000002,17602.649999999998,11441.7225,5602.6499999999978,701.99999999999989,456.29999999999995,2]
[181,14401,"A",21,null,"DB",2.5,49,"B","B",0.4,6000,239,2400,95.600000000000009,"NEVYDRAŽENO","NEVYDRAŽENO",-3450,"NEVYDRAŽENO","NEVYDRAŽENO",1]
[182,14402,"A",21,null,"DB",5.2,65,"A","A",1.48,10000,399,14800,590.52,23645.724999999999,34995.672999999995,13645.724999999999,943,1395.6399999999999,5]
[183,14403,"A",21,null,"DB",6.8,65,"II","A",1.93,12000,479,23160,924.46999999999991,30390.899999999998,58654.436999999991,18390.899999999998,1212,2339.16,7]
[184,14404,"A",21,null,"DB",4.9000000000000004,58,"B","B",1.1000000000000001,7500,299,8250,328.90000000000003,12938.699999999999,14232.57,5438.6999999999989,516,567.6,1]
[185,14405,"A",21,null,"DB",10,52,"B","B",1.8,7500,299,13500,538.20000000000005,18781.174999999999,33806.114999999998,11281.174999999999,749,1348.2,5]
[186,14406,"A",21,null,"DB",4.0999999999999996,70,"A","A",1.35,10000,399,13500,538.65000000000009,15122,20414.7,5122,603.07078763708876,814.14556331006986,2]
[187,14407,"A",21,null,"DB",4.5999999999999996,63,"A","A",1.23,10000,399,12300,490.77,15122,18600.060000000001,5122,603.07078763708876,741.77706879361915,3]
[188,14408,"A",21,null,"DB",8.1,77,"A","A",3.25,10000,399,32500,1296.75,29663.724999999999,96407.106249999997,19663.724999999999,1183,3844.75,5]
[189,14409,"A",56,null,"DB",3.5,63,"D","C",0.93,3200,128,2976,119.04,2950,2743.5,-250,117.64705882352942,109.41176470588236,1]
[190,14410,"A",32,null,"MD",10,45,"A","A",1.32,5500,219,7260,289.08000000000004,5687,7506.84,187,226.79960119641078,299.37547357926223,3]
[191,14411,"A",32,null,"MD",10,48,"A","A",1.51,5500,219,8305,330.69,5647,8526.9699999999993,147,225.20438683948157,340.05862412761718,3]
[192,14412,"A",32,null,"MD",10,43,"A","A",1.21,5500,219,6655,264.99,5702,6899.42,202,227.39780658025924,275.15134596211368,3]
[193,14413,"A",32,null,"MD",10,42,"B","B",1.1499999999999999,4000,160,4600,184,4500,5175,500,179.46161515453639,206.38085742771682,3]
[194,14414,"A",32,null,"MD",10,43,"A","A",1.21,5500,219,6655,264.99,5687,6881.2699999999995,187,226.79960119641078,274.42751744765701,3]
[195,14415,"A",32,null,"MD",10,48,"A","A",1.51,5500,219,8305,330.69,5638,8513.3799999999992,138,224.8454636091725,339.51665004985045,3]
[196,14416,"A",32,null,"MD",10,50,"A","A",1.64,5500,219,9020,359.15999999999997,5627,9228.2799999999988,127,224.40677966101697,368.0271186440678,3]
[197,14417,"A",32,null,"MD",10,44,"A","A",1.26,5500,219,6930,275.94,5687,7165.62,187,226.79960119641078,285.76749750747757,3]
[198,14418,"A",32,null,"MD",10,44,"B","B",1.26,4000,160,5040,201.6,4500,5670,500,179.46161515453639,226.12163509471586,3]
[199,14419,"A",32,null,"MD",10,45,"A","A",1.32,5500,219,7260,289.08000000000004,5698,7521.3600000000006,198,227.23828514456631,299.95453639082751,4]
[200,14420,"A",32,null,"MD",10,45,"A","A",1.32,5500,219,7260,289.08000000000004,5689,7509.4800000000005,189,226.87936191425723,299.48075772681955,3]
[201,14421,"A",32,null,"MD",10,48,"A","A",1.51,5500,219,8305,330.69,5697,8602.4699999999993,197,227.19840478564308,343.06959122632105,3]
[202,14422,"A",56,null,"DB",7,30,"D","C",0.41,1500,60,615,24.599999999999998,1700,697,200,67.79661016949153,27.796610169491526,2]
[203,14423,"A",56,null,"JS",3.7,38,"D","C",0.35,1400,56,489.99999999999994,19.599999999999998,"NEVYDRAŽENO","NEVYDRAŽENO",-350,"NEVYDRAŽENO","NEVYDRAŽENO",1]
[204,14424,"A",56,null,"DB",6,36,"D","C",0.51,1500,60,765,30.6,"NEVYDRAŽENO","NEVYDRAŽENO",-150,"NEVYDRAŽENO","NEVYDRAŽENO",1]
[205,14425,"A",56,null,"DB",3.6,39,"D","C",0.36,1500,60,540,21.599999999999998,"NEVYDRAŽENO","NEVYDRAŽENO",-150,"NEVYDRAŽENO","NEVYDRAŽENO",1]
[206,14426,"A",31,null,"MD",12,48,"C","C",1.81,3000,120,5430,217.20000000000002,3158,5715.9800000000005,158,125.94217347956132,227.95533399800598,2]
[207,14427,"A",31,null,"MD",12,48,"B","B",1.81,4000,160,7240,289.60000000000002,4500,8145,500,179.46161515453639,324.82552342971087,3]
[208,14428,"A",31,null,"MD",12,44,"A","A",1.52,5500,219,8360,332.88,5702,8667.0400000000009,202,227.39780658025924,345.64466600199404,3]
[209,14429,"A",56,null,"DB",3.7,70,"D","B",1.22,3200,128,3904,156.16,2950,3599,-250,117.64705882352942,143.52941176470588,1]
[210,14430,"A",56,null,"DB",4,47,"D","C",0.59,2500,100,1475,59,2350,1386.5,-150,93.718843469591235,55.294117647058826,1]
[211,14431,"A",31,null,"MD",10,47,"B","B",1.45,4000,160,5800,232,4500,6525,500,179.46161515453639,260.21934197407774,3]
[212,14432,"A",31,null,"MD",12,47,"A","A",1.74,5500,219,9570,381.06,5624,9785.76,124,224.28713858424726,390.25962113659023,2]
[213,14433,"A",31,null,"MD",10,45,"B","B",1.32,4000,160,5280,211.20000000000002,4600,6072,600,183.44965104685943,242.15353938185447,3]
[214,14434,"A",31,null,"MD",10,52,"A","A",1.77,5500,219,9735,387.63,5628,9961.56,128,224.4466600199402,397.27058823529416,3]
[215,14435,"A",31,null,"MD",12,45,"A","A",1.59,5500,219,8745,348.21000000000004,5638,8964.42,138,224.8454636091725,357.50428713858429,3]
[216,14436,"A",31,null,"MD",12,45,"B","B",1.59,4000,160,6360,254.4,4500,7155,500,179.46161515453639,285.34396809571285,4]
[217,14437,"A",31,null,"MD",12,47,"A","A",1.74,5500,219,9570,381.06,5679,9881.4599999999991,179,226.48055832502493,394.0761714855434,3]
[218,14438,"A",31,null,"MD",12,46,"B","B",1.66,4000,160,6640,265.59999999999997,4500,7470,500,179.46161515453639,297.90628115653038,3]
[219,14439,"A",31,null,"MD",12,46,"B","B",1.66,4000,160,6640,265.59999999999997,4207,6983.62,207,167.77666999002992,278.50927218344964,3]
[220,14440,"A",31,null,"MD",12,45,"B","B",1.59,4000,160,6360,254.4,4500,7155,500,179.46161515453639,285.34396809571285,3]
[221,14441,"A",31,null,"MD",12,46,"A","A",1.66,5500,219,9130,363.53999999999996,5649,9377.34,149,225.28414755732803,373.9716849451645,3]
[222,14442,"A",31,null,"MD",12,44,"A","A",1.52,5500,219,8360,332.88,5697,8659.44,197,227.19840478564308,345.3415752741775,3]
[223,14443,"A",31,null,"MD",10,42,"C","C",1.1499999999999999,3000,120,3449.9999999999995,138,4500,5175,1500,179.46161515453639,206.38085742771682,3]
[224,14444,"A",32,null,"MD",10,49,"B","B",1.57,4000,160,6280,251.20000000000002,4168,6543.76,168,166.22133599202394,260.96749750747762,2]
[225,14445,"A",32,null,"MD",10,44,"A","A",1.26,5500,219,6930,275.94,5698,7179.4800000000005,198,227.23828514456631,286.32023928215352,4]
[226,14446,"A",40,12,"DB",5.5,45,"B","B",0.74,6000,239,4440,176.85999999999999,12186.449999999999,9017.973,6186.4499999999989,485.99999999999994,359.63999999999993,2]
[227,14447,"A",40,12,"DB",6.7,40,"B","B",0.71,6000,239,4260,169.69,12186.449999999999,8652.3794999999991,6186.4499999999989,485.99999999999994,345.05999999999995,2]
[228,14448,"A",40,12,"DB",4.5,42,"C","C",0.52,4000,160,2080,83.2,7748.1750000000002,4029.0510000000004,3748.1750000000002,309,160.68,3]
[229,14449,"A",40,12,"DB",4.5999999999999996,50,"C","C",0.77,5000,199,3850,153.22999999999999,6450,4966.5,1450,257.22831505483549,198.06580259222332,1]
[230,14450,"A",40,12,"DB",4,45,"B","B",0.54,6000,239,3240,129.06,6450,3483.0000000000005,450,257.22831505483549,138.90329012961118,1]
[231,14451,"A",40,12,"DB",4.2,47,"B","B",0.62,6000,239,3720,148.18,12186.449999999999,7555.5989999999993,6186.4499999999989,485.99999999999994,301.31999999999994,2]
[232,14452,"A",40,12,"DB",5.0999999999999996,47,"B","B",0.75,6000,239,4500,179.25,12186.449999999999,9139.8374999999996,6186.4499999999989,485.99999999999994,364.49999999999994,2]
[233,14453,"A",40,12,"DB",4,45,"D","C",0.54,2500,100,1350,54,2630,1420.2,130,104.88534396809571,56.638085742771686,1]
[234,14454,"A",40,12,"DB",3.2,39,"D","C",0.32,1500,60,480,19.2,1350,432,-150,53.838484546360917,17.228315054835495,1]
[235,14455,"A",40,12,"DB",2.5,53,"C","C",0.47,5000,199,2350,93.53,2150,1010.4999999999999,-2850,85.742771684945168,40.299102691924226,1]
[236,14456,"A",40,12,"DB",2.2000000000000002,61,"C","B",0.55000000000000004,5000,199,2750,109.45,4850,2667.5,-150,193.41974077766702,106.38085742771686,1]
[237,14457,"A",40,12,"TR",2.1,41,"C","C",0.26,1700,68,442,17.68,2400,624,700,95.712861415752741,24.885343968095714,4]
[238,14458,"A",40,12,"TR",2.2000000000000002,39,"C","C",0.25,1700,68,425,17,2400,600,700,95.712861415752741,23.928215353938185,4]
[239,14459,"A","34-35",null,"MD",5.4,58,"B","B",1.19,4000,160,4760,190.39999999999998,4500,5355,500,179.46161515453639,213.5593220338983,4]
[240,14460,"A","34-35",null,"MD",5.4,59,"A","A",1.24,5500,219,6820,271.56,5742.1750000000002,7120.2970000000005,242.17500000000018,229,283.95999999999998,4]
[241,14461,"A","34-35",null,"MD",5.3,41,"C","C",0.57999999999999996,3000,120,1739.9999999999998,69.599999999999994,2500,1450,-500,99.700897308075781,57.82652043868395,1]
[242,14462,"A","34-35",null,"MD",4.2,44,"B","B",0.53,4000,160,2120,84.800000000000011,3800,2014,-200,151.54536390827519,80.319042871385861,2]
[243,14463,"A","34-35",null,"MD",4.2,45,"A","A",0.56000000000000005,5500,219,3080.0000000000005,122.64000000000001,5742.1750000000002,3215.6180000000004,242.17500000000018,229,128.24,3]
[244,14464,"A","34-35",null,"MD",4.3,47,"A","A",0.62,5500,219,3410,135.78,5000,3100,-500,199.40179461615156,123.62911266201397,3]
[245,14465,"A","34-35",null,"MD",4.5999999999999996,57,"B","B",0.98,4000,160,3920,156.80000000000001,4500,4410,500,179.46161515453639,175.87238285144565,4]
[246,14466,"A","34-35",null,"MD",4.0999999999999996,44,"B","B",0.52,4000,160,2080,83.2,3850,2002,-150,153.5393818544367,79.840478564307091,3]
[247,14467,"A","34-35",null,"MD",5.4,46,"B","B",0.75,4000,160,3000,120,3850,2887.5,-150,153.5393818544367,115.15453639082753,3]
[248,14468,"A","34-35",null,"MD",5.4,52,"C","C",0.96,3000,120,2880,115.19999999999999,3084.2249999999999,2960.8559999999998,84.224999999999909,123,118.08,2]
[249,14469,"A","34-35",null,"MD",5.3,49,"B","B",0.83,4000,160,3320,132.79999999999998,3850,3195.5,-150,153.5393818544367,127.43768693918246,4]
[250,14470,"A","34-35",null,"MD",5.3,46,"B","B",0.73,4000,160,2920,116.8,3850,2810.5,-150,153.5393818544367,112.08374875373879,3]
[251,14471,"A","34-35",null,"MD",4.0999999999999996,45,"C","C",0.54,3000,120,1620,64.800000000000011,2850,1539,-150,113.65902293120638,61.375872382851448,2]
[252,14472,"A","34-35",null,"MD",5.4,51,"B","B",0.92,4000,160,3680,147.20000000000002,4237.6750000000002,3898.6610000000005,237.67500000000018,169,155.48000000000002,3]
[253,14473,"A",10,null,"DB",4,40,"B","B",0.42,6000,239,2520,100.38,8050,3381,2050,321.03688933200402,134.83549351944168,1]
[254,14474,"A",10,null,"DB",4,35,"C","C",0.32,3000,120,960,38.4,"NEVYDRAŽENO","NEVYDRAŽENO",-850,"NEVYDRAŽENO","NEVYDRAŽENO",1]
[255,14475,"A",10,null,"DB",4,40,"B","B",0.42,6000,239,2520,100.38,8050,3381,2050,321.03688933200402,134.83549351944168,1]
[256,14476,"A",10,null,"DB",4,35,"C","C",0.32,3000,120,960,38.4,3150,1008,150,125.62313060817547,40.199401794616151,2]
[257,14477,"A",10,null,"DB",4.5,45,"B","B",0.6,6000,239,3600,143.4,6450,3870,450,257.22831505483549,154.3369890329013,1]
[258,14478,"A",10,null,"DB",4.5,46,"C","C",0.63,4000,160,2520,100.8,7672.95,4833.9584999999997,3672.95,306,192.78,2]
[259,14479,"A",10,null,"DB",5,40,"B","B",0.53,6000,239,3180,126.67,12186.449999999999,6458.8184999999994,6186.4499999999989,485.99999999999994,257.58,3]
[260,14480,"A",10,null,"DB",5,44,"B","B",0.64,6000,239,3840,152.96,10180.449999999999,6515.4879999999994,4180.4499999999989,405.99999999999994,259.83999999999997,2]
[261,14481,"A",10,null,"DB",4.7,53,"B","B",0.88,7500,299,6600,263.12,16522,14539.36,9022,658.90329012961115,579.8348953140578,3]
[262,14482,"A",10,null,"DB",5.5,40,"B","B",0.57999999999999996,6000,239,3479.9999999999995,138.62,11434.199999999999,6631.8359999999993,5434.1999999999989,455.99999999999994,264.47999999999996,3]
[263,14483,"A",10,null,"DB",6,40,"B","B",0.63,6000,239,3780,150.57,12186.449999999999,7677.4634999999989,6186.4499999999989,485.99999999999994,306.17999999999995,2]
[264,14484,"A",9,null,"DB",6,37,"C","C",0.54,3000,120,1620,64.800000000000011,"NEVYDRAŽENO","NEVYDRAŽENO",-850,"NEVYDRAŽENO","NEVYDRAŽENO",1]
[265,14485,"A",9,null,"DB",6,61,"C","B",1.5,5000,199,7500,298.5,6450,9675,1450,257.22831505483549,385.84247258225321,1]
[266,14486,"A",9,null,"DB",6,46,"B","B",0.84,6000,239,5040,200.76,12687.949999999999,10657.877999999999,6687.9499999999989,505.99999999999994,425.03999999999996,3]
[267,14487,"A",9,null,"DB",6.5,50,"B","B",1.08,7500,299,8100.0000000000009,322.92,15122,16331.76,7622,603.07078763708876,651.31645064805593,4]
[268,14488,"A",9,null,"DB",5,61,"D","C",1.25,3200,128,4000,160,4312.8999999999996,5391.125,1112.8999999999996,172,215,3]
[269,14489,"A",9,null,"DB",5,69,"C","B",1.6,5000,199,8000,318.40000000000003,7672.95,12276.720000000001,2672.95,306,489.6,2]
[270,14490,"A",9,null,"DB",4.7,74,"C","B",1.74,5000,199,8700,346.26,27858.325000000001,48473.485500000003,22858.325000000001,1111,1933.14,5]
[271,14491,"A",9,null,"DB",4.5,71,"A","A",1.53,10000,399,15300,610.47,15122,23136.66,5122,603.07078763708876,922.69830508474581,3]
[272,14492,"A",9,null,"DB",5,49,"B","B",0.8,6000,239,4800,191.20000000000002,12186.449999999999,9749.16,6186.4499999999989,485.99999999999994,388.79999999999995,2]
[273,14493,"A",9,null,"DB",4.5,50,"B","B",0.75,7500,299,5625,224.25,8050,6037.5,550,321.03688933200402,240.77766699900303,1]
[274,14494,"A",9,null,"DB",4.5999999999999996,85,"II","A",2.25,12000,479,27000,1077.75,36659.65,82484.212500000009,24659.65,1462,3289.5,6]
[275,14495,"A",9,null,"DB",4.5999999999999996,75,"C","B",1.75,5000,199,8750,348.25,6450,11287.5,1450,257.22831505483549,450.1495513459621,1]
[276,14496,"A",9,null,"DB",4.2,69,"B","A",1.35,7500,299,10125,403.65000000000003,11434.199999999999,15436.17,3934.1999999999989,455.99999999999994,615.59999999999991,2]
[277,14497,"A",9,null,"DB",4.5,44,"D","C",0.57999999999999996,2500,100,1450,57.999999999999993,"NEVYDRAŽENO","NEVYDRAŽENO",-550,"NEVYDRAŽENO","NEVYDRAŽENO",1]
[278,14498,"A",9,null,"DB",4,50,"B","B",0.67,7500,299,5025,200.33,10230.6,6854.5020000000004,2730.6000000000004,408,273.36,2]
[279,14499,"A",9,null,"DB",4,49,"B","B",0.64,6000,239,3840,152.96,8050,5152,2050,321.03688933200402,205.46360917248259,1]
[280,14500,"A",9,null,"DB",4,46,"A","A",0.56000000000000005,8000,319,4480,178.64000000000001,8550,4788.0000000000009,550,340.97706879361914,190.94715852442673,1]
[281,14501,"A",9,null,"DB",4,46,"A","A",0.56000000000000005,8000,319,4480,178.64000000000001,10656.875,5967.85,2656.875,425,238.00000000000003,2]
[282,14502,"A",9,null,"DB",3.2,44,"B","B",0.41,6000,239,2460,97.99,10656.875,4369.3187499999995,4656.875,425,174.25,2]
[283,14503,"A",9,null,"DB",3.5,47,"C","C",0.51,4000,160,2040,81.599999999999994,4150,2116.5,150,165.50348953140579,84.406779661016955,2]
[284,14504,"A",9,null,"DB",3,51,"B","B",0.52,7500,299,3900,155.48000000000002,"NEVYDRAŽENO","NEVYDRAŽENO",-4350,"NEVYDRAŽENO","NEVYDRAŽENO",1]
[285,14505,"A",9,null,"DB",3,50,"C","C",0.5,5000,199,2500,99.5,8801.3249999999989,4400.6624999999995,3801.3249999999989,350.99999999999994,175.49999999999997,2]
[286,14506,"A",9,null,"DB",3,52,"B","B",0.54,7500,299,4050.0000000000005,161.46,8050,4347,550,321.03688933200402,173.35992023928219,1]
[287,14507,"A",9,null,"DB",3,38,"B","C",0.28000000000000003,4500,179,1260.0000000000002,50.120000000000005,4550,1274.0000000000002,50,181.45563310069792,50.807577268195423,1]
[288,14508,"A",9,null,"DB",3.3,66,"B","A",0.97,7500,299,7275,290.02999999999997,"NEVYDRAŽENO","NEVYDRAŽENO",-4350,"NEVYDRAŽENO","NEVYDRAŽENO",2]
[289,14509,"A",9,null,"DB",3.4,67,"II","A",1.03,12000,479,12360,493.37,29162.224999999999,30037.09175,17162.224999999999,1163,1197.8900000000001,3]
[290,14510,"A",9,null,"DB",3,85,"C","A",1.47,5000,199,7350,292.52999999999997,9177.4499999999989,13490.851499999999,4177.4499999999989,365.99999999999994,538.01999999999987,3]
[291,14511,"A",9,null,"DB",3,52,"C","C",0.54,5000,199,2700,107.46000000000001,4650,2511,-350,185.44366899302094,100.13958125623131,2]
[292,14512,"A",9,null,"DB",3,78,"II","A",1.23,12000,479,14760,589.16999999999996,8050,9901.5,-3950,321.03688933200402,394.87537387836494,1]
[293,14513,"A",9,null,"DB",2.5,61,"B","A",0.62,7500,299,4650,185.38,8050,4991,550,321.03688933200402,199.04287138584249,1]
[294,14514,"A",10,null,"DB",3.5,40,"A","A",0.37,8000,319,2960,118.03,6450,2386.5,-1550,257.22831505483549,95.17447657028913,1]
[295,14515,"A",10,null,"DB",3.5,45,"A","A",0.47,8000,319,3760,149.92999999999998,5250,2467.5,-2750,209.37188434695912,98.404785643070781,1]
[296,14516,"A",10,null,"DB",3.2,47,"A","A",0.47,8000,319,3760,149.92999999999998,8050,3783.5,50,321.03688933200402,150.88733798604187,1]
[297,14517,"A",10,null,"DB",3,48,"B","B",0.46,6000,239,2760,109.94,8050,3703,2050,321.03688933200402,147.67696909272186,1]
[298,14518,"A",10,null,"DB",3,42,"C","C",0.35,4000,160,1400,56,4050,1417.5,50,161.51545363908275,56.530408773678957,1]
[299,14519,"A",10,null,"DB",3,44,"C","C",0.38,4000,160,1520,60.8,4250,1615,250,169.49152542372883,64.406779661016955,1]
[300,14520,"A",10,null,"DB",3,51,"II","A",0.52,12000,479,6240,249.08,8550,4446,-3450,340.97706879361914,177.30807577268195,1]
[301,14521,"A",10,null,"DB",3,38,"A","B",0.28000000000000003,5500,219,1540.0000000000002,61.320000000000007,6450,1806.0000000000002,950,257.22831505483549,72.023928215353948,1]
[302,14522,"A",10,null,"DB",3,41,"B","B",0.33,6000,239,1980,78.87,6450,2128.5,450,257.22831505483549,84.885343968095711,1]
[303,14523,"A",10,null,"DB",3,46,"B","B",0.42,6000,239,2520,100.38,6450,2709,450,257.22831505483549,108.03589232303091,1]
[304,14524,"A",10,null,"DB",2.5,48,"A","A",0.38,8000,319,3040,121.22,"NEVYDRAŽENO","NEVYDRAŽENO",-4850,"NEVYDRAŽENO","NEVYDRAŽENO",1]
[305,14525,"A",56,null,"DB",3,51,"A","A",0.52,10000,399,5200,207.48000000000002,"NEVYDRAŽENO","NEVYDRAŽENO",-6850,"NEVYDRAŽENO","NEVYDRAŽENO",1]
[306,14526,"A",56,null,"DB",3.2,38,"B","C",0.3,4500,179,1350,53.699999999999996,"NEVYDRAŽENO","NEVYDRAŽENO",-1350,"NEVYDRAŽENO","NEVYDRAŽENO",1]
[307,14527,"A",56,null,"DB",2.9,35,"C","C",0.23,3000,120,690,27.6,2550,586.5,-450,101.69491525423729,23.389830508474578,1]
[308,14528,"A",56,null,"JS",2.5,53,"D","C",0.47,1400,56,658,26.32,1450,681.5,50,57.82652043868395,27.178464606181453,1]
[309,14529,"A",56,null,"DB",2.5,39,"D","C",0.25,1500,60,375,15,"NEVYDRAŽENO","NEVYDRAŽENO",-300,"NEVYDRAŽENO","NEVYDRAŽENO",1]
[310,14530,"A",56,null,"DB",2.9,43,"D","C",0.35,2500,100,875,35,"NEVYDRAŽENO","NEVYDRAŽENO",-1300,"NEVYDRAŽENO","NEVYDRAŽENO",1]
[311,14531,"A",56,null,"JS",2.7,55,"C","C",0.55000000000000004,2300,92,1265,50.6,"NEVYDRAŽENO","NEVYDRAŽENO",-650,"NEVYDRAŽENO","NEVYDRAŽENO",1]
[312,14532,"A",56,null,"DB",3.6,47,"C","C",0.53,4000,160,2120,84.800000000000011,"NEVYDRAŽENO","NEVYDRAŽENO",-900,"NEVYDRAŽENO","NEVYDRAŽENO",1]
[313,14533,"A",56,null,"DB",4,36,"D","C",0.34,1500,60,510.00000000000006,20.400000000000002,1550,527,50,61.814556331006983,21.016949152542377,1]
[314,14534,"B",51,null,"MD",4,54,"A","A",0.77,5500,219,4235,168.63,10255.674999999999,7896.8697499999998,4755.6749999999993,409,314.93,5]
[315,14535,"B",51,null,"MD",4,64,"A","A",1.08,5500,219,5940,236.52,12763.174999999999,13784.228999999999,7263.1749999999993,509,549.72,4]
[316,14536,"B",51,null,"MD",5,65,"A","A",1.39,5500,219,7644.9999999999991,304.40999999999997,6745.1750000000002,9375.7932499999988,1245.1750000000002,269,373.90999999999997,4]
[317,14537,"B",51,null,"MD",5,64,"B","A",1.35,4000,160,5400,216,4139,5587.6500000000005,139,165.06480558325026,222.83748753738786,2]
[318,14538,"B",51,null,"MD",4,65,"A","A",1.1100000000000001,5500,219,6105.0000000000009,243.09000000000003,11760.174999999999,13053.794250000001,6260.1749999999993,469,520.59,3]
[319,14539,"B",51,null,"MD",4,77,"A","A",1.56,5500,219,8580,341.64,14267.674999999999,22257.573,8767.6749999999993,569,887.64,4]
[320,14540,"B",51,null,"MD",5,47,"B","B",0.72,4000,160,2880,115.19999999999999,4510,3247.2,510,179.86041874376869,129.49950149551344,4]
[321,14541,"B",51,null,"MD",5,51,"A","A",0.85,5500,219,4675,186.15,5638,4792.3,138,224.8454636091725,191.11864406779662,4]
[322,14542,"B",51,null,"MD",5,75,"A","A",1.85,5500,219,10175,405.15000000000003,8249.6749999999993,15261.89875,2749.6749999999993,329,608.65,3]
[323,14543,"B",51,null,"MD",5.9,55,"B","B",1.17,4000,160,4680,187.2,3200,3744,-800,127.61714855433699,149.31206380857427,1]
[324,14544,"B",51,null,"MD",5,56,"A","A",1.03,5500,219,5665,225.57,9001.9249999999993,9271.9827499999992,3501.9249999999993,359,369.77,4]
[325,14545,"B",51,null,"MD",4,64,"B","A",1.08,4000,160,4320,172.8,8751.1749999999993,9451.2690000000002,4751.1749999999993,349,376.92,4]
[326,14546,"B",51,null,"DB",4,66,"B","A",1.17,7500,299,8775,349.83,13122,15352.74,5622,523.31006979062818,612.27278165503492,2]
[327,14547,"B",51,null,"MD",4,56,"A","A",0.82,5500,219,4510,179.57999999999998,6010,4928.2,510,239.68095712861415,196.53838484546358,3]
[328,14548,"B",51,null,"MD",5,59,"B","B",1.1399999999999999,4000,160,4560,182.39999999999998,4199,4786.8599999999997,199,167.45762711864407,190.90169491525421,2]
[329,14549,"B",51,null,"MD",5,55,"A","A",0.99,5500,219,5445,216.81,8500.4249999999993,8415.4207499999993,3000.4249999999993,339,335.61,3]
[330,14550,"B",51,null,"DB",5.4,44,"II","A",0.69,10000,399,6899.9999999999991,275.31,15320.824999999999,10571.369249999998,5320.8249999999989,611,421.59,5]
[331,14551,"B",51,null,"DB",7,40,"A","A",0.74,8000,319,5920,236.06,12687.949999999999,9389.0829999999987,4687.9499999999989,505.99999999999994,374.43999999999994,3]
[332,14552,"B",51,null,"DB",4.8,45,"II","A",0.64,10000,399,6400,255.36,15195.449999999999,9725.0879999999997,5195.4499999999989,606,387.84000000000003,3]
[333,14553,"B",51,null,"DB",3.4,47,"A","A",0.5,8000,319,4000,159.5,10707.025,5353.5124999999998,2707.0249999999996,427,213.5,2]
[334,14554,"B",51,null,"DB",4.8,48,"A","A",0.73,8000,319,5840,232.87,15170.375,11074.373749999999,7170.375,605,441.65,3]
[335,14555,"B",51,null,"DB",4.9000000000000004,54,"A","A",0.95,10000,399,9500,379.04999999999995,15122,14365.9,5122,603.07078763708876,572.91724825523431,5]
[336,14556,"B",51,null,"DB",5,46,"A","A",0.7,8000,319,5600,223.29999999999998,13440.199999999999,9408.14,5440.1999999999989,536,375.2,2]
[337,14557,"B",51,null,"DB",5,50,"II","A",0.83,12000,479,9960,397.57,17828.325000000001,14797.509749999999,5828.3250000000007,711,590.13,5]
[338,14558,"B",51,null,"DB",4,72,"C","B",1.4,5000,199,7000,278.59999999999997,8650.875,12111.224999999999,3650.875,345,482.99999999999994,4]
[339,14559,"B",51,null,"DB",5,43,"A","A",0.61,8000,319,4880,194.59,12938.699999999999,7892.6069999999991,4938.6999999999989,516,314.76,2]
[340,14560,"B",51,null,"DB",6,47,"II","A",0.88,10000,399,8800,351.12,18931.625,16659.830000000002,8931.625,755,664.4,3]
[341,14561,"B",51,null,"DB",5.9,41,"A","A",0.65,8000,319,5200,207.35,13189.449999999999,8573.1424999999999,5189.4499999999989,526,341.90000000000003,3]
[342,14562,"B",50,null,"DB",3,52,"A","A",0.54,10000,399,5400,215.46,8550,4617,-1450,340.97706879361914,184.12761714855435,1]
[343,14563,"B",50,null,"DB",3,44,"C","C",0.38,4000,160,1520,60.8,2150,817,-1850,85.742771684945168,32.582253240279165,1]
[344,14564,"B",50,null,"DB",3,56,"A","A",0.63,10000,399,6300,251.37,8050,5071.5,-1950,321.03688933200402,202.25324027916253,1]
[345,14565,"B",50,null,"DB",3,46,"B","B",0.42,6000,239,2520,100.38,8050,3381,2050,321.03688933200402,134.83549351944168,1]
[346,14566,"B",50,null,"DB",4,66,"II","A",1.17,12000,479,14040,560.42999999999995,15122,17692.739999999998,3122,603.07078763708876,705.5928215353938,2]
[347,14567,"B",50,null,"DB",3.8,72,"B","A",1.33,7500,299,9975,397.67,8050,10706.5,550,321.03688933200402,426.97906281156537,1]
[348,14568,"B",50,null,"DB",4,65,"C","B",1.1399999999999999,5000,199,5699.9999999999991,226.85999999999999,6450,7352.9999999999991,1450,257.22831505483549,293.24027916251242,2]
[349,14569,"B",50,null,"DB",4,52,"A","A",0.72,10000,399,7200,287.27999999999997,15122,10887.84,5122,603.07078763708876,434.21096709870386,2]
[350,14570,"B",50,null,"DB",4,46,"B","B",0.56000000000000005,6000,239,3360.0000000000005,133.84,6450,3612.0000000000005,450,257.22831505483549,144.0478564307079,1]
[351,14571,"B",50,null,"MD",5,43,"A","A",0.6,5500,219,3300,131.4,5687,3412.2,187,226.79960119641078,136.07976071784645,2]
[352,14572,"B",50,null,"MD",5,50,"B","B",0.82,4000,160,3280,131.19999999999999,5010,4108.2,1010,199.80059820538386,163.83649052841477,4]
[353,14573,"C",4,null,"DB",3,58,"B","B",0.68,7500,299,5100,203.32000000000002,3150,2142,-4350,125.62313060817547,85.423728813559322,1]
[354,14574,"C",4,null,"DB",2.9,70,"A","A",0.96,10000,399,9600,383.03999999999996,8050,7728,-1950,321.03688933200402,308.19541375872387,1]
[355,14575,"C",4,null,"DB",3,66,"A","A",0.88,10000,399,8800,351.12,14468.275,12732.082,4468.2749999999996,577,507.76,2]
[356,14576,"C",4,null,"DB",3.5,61,"C","B",0.87,5000,199,4350,173.13,5650,4915.5,650,225.32402791625125,196.03190428713859,1]
[357,14577,"C",4,null,"DB",4,57,"C","C",0.87,5000,199,4350,173.13,6450,5611.5,1450,257.22831505483549,223.78863409770688,1]
[358,14578,"C",4,null,"DB",4,63,"C","B",1.07,5000,199,5350,212.93,3150,3370.5,-1850,125.62313060817547,134.41674975074775,1]
[359,14579,"C",4,null,"DB",3.9,57,"C","C",0.85,5000,199,4250,169.15,5850,4972.5,850,233.30009970089731,198.30508474576271,1]
[360,14580,"C",4,null,"DB",4,52,"C","C",0.72,5000,199,3600,143.28,1200,864,-3800,47.85643070787637,34.456630109670982,1]
[361,14581,"C",4,null,"DB",4,58,"B","B",0.9,7500,299,6750,269.10000000000002,8550,7695,1050,340.97706879361914,306.87936191425723,1]
[362,14582,"C",4,null,"DB",5,53,"C","C",0.94,5000,199,4700,187.06,13122,12334.679999999998,8122,523.31006979062818,491.91146560319044,3]
[363,14583,"C",4,null,"DB",5,48,"B","B",0.77,6000,239,4620,184.03,12186.449999999999,9383.566499999999,6186.4499999999989,485.99999999999994,374.21999999999997,2]
[364,14584,"C",4,null,"DB",9,50,"C","C",1.5,5000,199,7500,298.5,8550,12825,3550,340.97706879361914,511.46560319042874,1]
[365,14585,"C",4,null,"DB",5.5,48,"B","B",0.84,6000,239,5040,200.76,12186.449999999999,10236.617999999999,6186.4499999999989,485.99999999999994,408.23999999999995,2]
[366,14586,"C",4,null,"DB",7.4,44,"B","B",0.95,6000,239,5700,227.04999999999998,12186.449999999999,11577.127499999999,6186.4499999999989,485.99999999999994,461.69999999999993,2]
[367,14587,"C",4,null,"DB",5,67,"B","A",1.51,7500,299,11325,451.49,17522,26458.22,10022,698.7836490528415,1055.1633100697907,3]
[368,14588,"C",4,null,"DB",6.5,75,"A","A",2.4700000000000002,10000,399,24700.000000000004,985.53000000000009,15122,37351.340000000004,5122,603.07078763708876,1489.5848454636093,3]
[369,14589,"C",4,null,"DB",7.5,54,"A","A",1.46,10000,399,14600,582.54,13941.699999999999,20354.881999999998,3941.6999999999989,556,811.76,3]
[370,14590,"C",4,null,"DB",5.5,64,"B","A",1.51,7500,299,11325,451.49,22868.399999999998,34531.284,15368.399999999998,911.99999999999989,1377.12,4]
[371,14591,"C",4,null,"DB",5,70,"C","B",1.65,5000,199,8250,328.34999999999997,10180.449999999999,16797.742499999997,5180.4499999999989,405.99999999999994,669.89999999999986,2]
[372,14592,"C",4,null,"DB",4.5,56,"C","C",0.94,5000,199,4700,187.06,3150,2961,-1850,125.62313060817547,118.08574277168493,1]
[373,14593,"C",4,null,"DB",4,52,"B","B",0.72,7500,299,5400,215.28,8550,6156,1050,340.97706879361914,245.50348953140576,1]
[374,14594,"C","34-35",null,"MD",5.0999999999999996,55,"A","A",1.01,5500,219,5555,221.19,5000,5050,-500,199.40179461615156,201.39581256231307,2]
[375,14595,"C","34-35",null,"MD",5.0999999999999996,48,"C","C",0.77,3000,120,2310,92.4,2733.1749999999997,2104.54475,-266.82500000000027,108.99999999999999,83.929999999999993,2]
[376,14596,"C","34-35",null,"MD",5.2,51,"C","C",0.89,3000,120,2670,106.8,2733.1749999999997,2432.5257499999998,-266.82500000000027,108.99999999999999,97.009999999999991,2]
[377,14597,"C","34-35",null,"MD",5.3,57,"A","A",1.1299999999999999,5500,219,6214.9999999999991,247.46999999999997,5000,5649.9999999999991,-500,199.40179461615156,225.32402791625125,3]
[378,14598,"C","34-35",null,"MD",5.3,51,"B","B",0.9,4000,160,3600,144,3800,3420,-200,151.54536390827519,136.39082751744769,3]
[379,14599,"C","34-35",null,"MD",5.0999999999999996,55,"B","B",1.01,4000,160,4040,161.6,4850,4898.5,850,193.41974077766702,195.3539381854437,4]
[380,14600,"C","34-35",null,"MD",4.3,42,"B","B",0.49,4000,160,1960,78.400000000000006,3850,1886.5,-150,153.5393818544367,75.234297108673985,2]
[381,14601,"C","34-35",null,"MD",5.2,56,"A","A",1.07,5500,219,5885,234.33,5000,5350,-500,199.40179461615156,213.35992023928219,3]
[382,14602,"C","34-35",null,"MD",5.0999999999999996,49,"A","A",0.8,5500,219,4400,175.20000000000002,5000,4000,-500,199.40179461615156,159.52143569292127,3]
[383,14603,"C","34-35",null,"MD",4.0999999999999996,43,"B","B",0.49,4000,160,1960,78.400000000000006,4150,2033.5,150,165.50348953140579,81.096709870388835,4]
[384,14604,"C","34-35",null,"MD",5.3,49,"A","A",0.83,5500,219,4565,181.76999999999998,5000,4150,-500,199.40179461615156,165.50348953140579,3]
[385,14605,"C","34-35",null,"MD",5.3,46,"B","B",0.73,4000,160,2920,116.8,4510,3292.2999999999997,510,179.86041874376869,131.29810568295113,4]
[386,14606,"C","34-35",null,"MD",5.4,57,"A","A",1.1499999999999999,5500,219,6324.9999999999991,251.85,5000,5750,-500,199.40179461615156,229.31206380857427,3]
[387,14607,"C","34-35",null,"MD",4.4000000000000004,53,"B","B",0.81,4000,160,3240,129.60000000000002,4510,3653.1000000000004,510,179.86041874376869,145.68693918245265,4]
[388,14608,"C","34-35",null,"MD",5.2,50,"B","B",0.85,4000,160,3400,136,4510,3833.5,510,179.86041874376869,152.88135593220338,4]
[389,14609,"C","34-35",null,"MD",4.4000000000000004,52,"B","B",0.78,4000,160,3120,124.80000000000001,4510,3517.8,510,179.86041874376869,140.29112662013958,4]
[390,14610,"C","34-35",null,"MD",5.2,55,"A","A",1.03,5500,219,5665,225.57,5000,5150,-500,199.40179461615156,205.38384845463611,3]
[391,14611,"C","34-35",null,"MD",4.2,44,"C","C",0.53,3000,120,1590,63.6,3250,1722.5,250,129.61116650049851,68.693918245264214,2]
[392,14612,"C","34-35",null,"MD",4.7,45,"B","B",0.62,4000,160,2480,99.2,3800,2356,-200,151.54536390827519,93.958125623130613,4]
[393,14613,"C","34-35",null,"MD",5.4,67,"A","A",1.59,5500,219,8745,348.21000000000004,5742.1750000000002,9130.05825,242.17500000000018,229,364.11,4]
[394,14614,"C","34-35",null,"MD",5.2,54,"A","A",1,5500,219,5500,219,5240.6750000000002,5240.6750000000002,-259.32499999999982,209,209,3]
[395,14615,"C","34-35",null,"MD",5.0999999999999996,46,"A","A",0.71,5500,219,3905,155.48999999999998,5010,3557.1,-490,199.80059820538386,141.85842472582254,3]
[396,14616,"C","34-35",null,"MD",5.0999999999999996,56,"A","A",1.05,5500,219,5775,229.95000000000002,5742.1750000000002,6029.2837500000005,242.17500000000018,229,240.45000000000002,3]
[397,14617,"C","34-35",null,"MD",5.0999999999999996,46,"B","B",0.71,4000,160,2840,113.6,4510,3202.1,510,179.86041874376869,127.70089730807577,4]
[398,14618,"C","34-35",null,"MD",5.0999999999999996,56,"A","A",1.05,5500,219,5775,229.95000000000002,5000,5250,-500,199.40179461615156,209.37188434695915,3]
[399,14619,"C","34-35",null,"MD",4.2,53,"A","A",0.77,5500,219,4235,168.63,5010,3857.7000000000003,-490,199.80059820538386,153.84646061814558,3]
[400,14620,"C","34-35",null,"MD",4.2,48,"B","B",0.63,4000,160,2520,100.8,4510,2841.3,510,179.86041874376869,113.31206380857428,3]
[401,14621,"C",12,null,"DB",6.9,55,"II","A",1.4,12000,479,16800,670.59999999999991,16022.924999999999,22432.094999999998,4022.9249999999993,639,894.59999999999991,5]
[402,14622,"C",12,null,"DB",6,55,"B","B",1.21,7500,299,9075,361.78999999999996,25350.825000000001,30674.498250000001,17850.825000000001,1011.0000000000001,1223.3100000000002,6]
[403,14623,"C",12,null,"DB",6.6,64,"II","A",1.82,12000,479,21840,871.78000000000009,34177.224999999999,62202.549500000001,22177.224999999999,1363,2480.6600000000003,6]
[404,14624,"C",12,null,"DB",6.9,44,"B","B",0.88,6000,239,5280,210.32,12687.949999999999,11165.395999999999,6687.9499999999989,505.99999999999994,445.28,3]
[405,14625,"C",12,null,"DB",6.2,51,"A","A",1.07,10000,399,10700,426.93,27858.325000000001,29808.407750000002,17858.325000000001,1111,1188.77,8]
[406,14626,"C",12,null,"DB",6.2,47,"A","A",0.91,8000,319,7280,290.29000000000002,15270.674999999999,13896.314249999999,7270.6749999999993,609,554.19000000000005,3]
[407,14627,"C",12,null,"DB",6,62,"II","A",1.55,12000,479,18600,742.45,31168.224999999999,48310.748749999999,19168.224999999999,1243,1926.65,8]
[408,14628,"C",12,null,"DB",6.9,50,"A","A",1.1499999999999999,10000,399,11500,458.84999999999997,12186.449999999999,14014.417499999998,2186.4499999999989,485.99999999999994,558.89999999999986,3]
[409,14629,"C",56,null,"DB",4,51,"C","C",0.69,5000,199,3449.9999999999995,137.31,8550,5899.4999999999991,3550,340.97706879361914,235.27417746759718,1]
[410,14630,"C",56,null,"DB",4,41,"C","C",0.44,4000,160,1760,70.400000000000006,7246.6750000000002,3188.5370000000003,3246.6750000000002,289,127.16,2]
[411,14631,"C",56,null,"DB",4,45,"A","A",0.54,8000,319,4320,172.26000000000002,8550,4617,550,340.97706879361914,184.12761714855435,1]
[412,14632,"C",56,null,"DB",4,53,"C","C",0.75,5000,199,3750,149.25,8550,6412.5,3550,340.97706879361914,255.73280159521437,1]
[413,14633,"C",56,null,"DB",4,40,"C","C",0.42,4000,160,1680,67.2,5641.875,2369.5875000000001,1641.875,225,94.5,2]
[414,14634,"C",56,null,"DB",4,64,"D","C",1.1000000000000001,3200,128,3520.0000000000005,140.80000000000001,"NEVYDRAŽENO","NEVYDRAŽENO",-1250,"NEVYDRAŽENO","NEVYDRAŽENO",1]
[415,14635,"C",56,null,"DB",4,70,"D","B",1.32,3200,128,4224,168.96,"NEVYDRAŽENO","NEVYDRAŽENO",-250,"NEVYDRAŽENO","NEVYDRAŽENO",1]
[416,14636,"C",56,null,"DB",4,72,"D","B",1.4,3200,128,4480,179.2,"NEVYDRAŽENO","NEVYDRAŽENO",-50,"NEVYDRAŽENO","NEVYDRAŽENO",3]
[417,14637,"C",53,null,"DB",4,76,"II","A",1.56,12000,479,18720,747.24,35430.974999999999,55272.320999999996,23430.974999999999,1413,2204.2800000000002,6]
[418,14638,"C",53,null,"DB",5.5,66,"C","B",1.61,5000,199,8050.0000000000009,320.39000000000004,22822,36743.420000000006,17822,910.1495513459621,1465.340777666999,6]
[419,14639,"C",53,null,"DB",7,62,"C","B",1.81,5000,199,9050,360.19,22843.325000000001,41346.418250000002,17843.325000000001,911,1648.91,7]
[420,14640,"C",53,null,"DB",9.3000000000000007,57,"A","A",2.02,10000,399,20200,805.98,17522,35394.44,7522,698.7836490528415,1411.5429710867397,4]
[421,14641,"C",53,null,"DB",6.4,62,"II","A",1.65,12000,479,19800,790.34999999999991,31669.724999999999,52255.046249999992,19669.724999999999,1263,2083.9499999999998,5]
[422,14642,"C",53,null,"DB",9.1,48,"II","A",1.39,10000,399,13899.999999999998,554.61,15446.199999999999,21470.217999999997,5446.1999999999989,616,856.2399999999999,5]
[423,14643,"C",49,null,"MD",10,56,"A","A",2.06,5500,219,11330,451.14,5810,11968.6,310,231.7048853439681,477.31206380857429,3]
[424,14644,"C",49,null,"MD",9,54,"A","A",1.72,5500,219,9460,376.68,5679,9767.8799999999992,179,226.48055832502493,389.5465603190429,3]
[425,14645,"C",49,null,"MD",9,61,"A","A",2.2000000000000002,5500,219,12100.000000000002,481.8,5687,12511.400000000001,187,226.79960119641078,498.95912263210374,3]
[426,14646,"C",49,null,"MD",8,57,"A","A",1.71,5500,219,9405,374.49,6010,10277.1,510,239.68095712861415,409.8544366899302,3]
[427,14647,"C",49,null,"MD",6,45,"B","B",0.79,4000,160,3160,126.4,4250,3357.5,250,169.49152542372883,133.89830508474577,2]
[428,14648,"C",49,10,"DB",6,45,"A","A",0.8,8000,319,6400,255.20000000000002,14393.05,11514.44,6393.0499999999993,574,459.20000000000005,2]
[429,14649,"C",49,null,"MD",7,49,"A","A",1.1000000000000001,5500,219,6050.0000000000009,240.9,4000,4400,-1500,159.52143569292124,175.47357926221338,1]
[430,14650,"C",49,10,"DB",6,50,"B","B",1,7500,299,7500,299,12687.949999999999,12687.949999999999,5187.9499999999989,505.99999999999994,505.99999999999994,2]
[431,14651,"C",47,null,"DB",12,59,"B","B",2.8,7500,299,21000,837.19999999999993,11434.199999999999,32015.759999999995,3934.1999999999989,455.99999999999994,1276.7999999999997,2]
[432,14652,"C",47,null,"DB",8,63,"C","B",2.13,5000,199,10650,423.87,8050,17146.5,3050,321.03688933200402,683.80857427716853,2]
[433,14653,"C",47,null,"DB",8,52,"C","C",1.44,5000,199,7200,286.56,8550,12312,3550,340.97706879361914,491.00697906281152,2]
[434,14654,"C",47,null,"DB",6,46,"A","A",0.84,8000,319,6720,267.95999999999998,11434.199999999999,9604.7279999999992,3434.1999999999989,455.99999999999994,383.03999999999996,3]
[435,14655,"C",47,null,"DB",8,53,"C","C",1.5,5000,199,7500,298.5,8550,12825,3550,340.97706879361914,511.46560319042874,2]
[436,14656,"C",47,null,"DB",6,63,"B","A",1.6,7500,299,12000,478.40000000000003,15122,24195.200000000001,7622,603.07078763708876,964.91326021934208,3]
[437,14657,"C",47,null,"DB",8,53,"C","C",1.5,5000,199,7500,298.5,7998.9250000000002,11998.387500000001,2998.9250000000002,319,478.5,2]
[438,14658,"C",47,null,"DB",8,58,"B","B",1.8,7500,299,13500,538.20000000000005,12186.449999999999,21935.609999999997,4686.4499999999989,485.99999999999994,874.8,2]
[439,14659,"C",47,null,"DB",8,66,"II","A",2.35,12000,479,28200,1125.6500000000001,20552,48297.200000000004,8552,819.6211365902293,1926.109670987039,4]
[440,14660,"C",47,null,"DB",6,59,"B","B",1.4,7500,299,10500,418.59999999999997,11434.199999999999,16007.879999999997,3934.1999999999989,455.99999999999994,638.39999999999986,3]
[441,14661,"C",47,null,"DB",8,48,"C","C",1.22,4000,160,4880,195.2,6450,7869,2450,257.22831505483549,313.81854436689929,1]
[442,14662,"C",47,null,"DB",5,67,"II","A",1.51,12000,479,18120,723.29,30917.474999999999,46685.38725,18917.474999999999,1233,1861.83,6]
[443,14663,"C",47,null,"DB",5,62,"A","A",1.29,10000,399,12900,514.71,15997.85,20637.226500000001,5997.85,638,823.02,3]
[444,14664,"C",25,null,"MD",12,47,"B","B",1.74,4000,160,6960,278.39999999999998,4189,7288.86,189,167.05882352941177,290.68235294117648,2]
[445,14665,"C",25,null,"MD",12,48,"B","B",1.81,4000,160,7240,289.60000000000002,4198,7598.38,198,167.41774675972084,303.02612163509474,2]
[446,14666,"C",25,null,"MD",12,49,"C","C",1.89,3000,120,5670,226.79999999999998,3154,5961.0599999999995,154,125.7826520438684,237.72921236291126,3]
[447,14667,"C",25,null,"MD",12,52,"A","A",2.13,5500,219,11715,466.46999999999997,5679,12096.269999999999,179,226.48055832502493,482.40358923230309,3]
[448,14668,"C",25,null,"MD",12,50,"A","A",1.97,5500,219,10835,431.43,5689,11207.33,189,226.87936191425723,446.95234297108675,3]
[449,14669,"C",25,null,"MD",12,47,"B","B",1.74,4000,160,6960,278.39999999999998,4125,7177.5,125,164.50648055832502,286.24127617148554,2]
[450,14670,"C",25,null,"MD",12,53,"B","B",2.21,4000,160,8840,353.6,4510,9967.1,510,179.86041874376869,397.49152542372877,3]
[451,14671,"C",33,null,"MD",10,44,"A","A",1.26,5500,219,6930,275.94,5698,7179.4800000000005,198,227.23828514456631,286.32023928215352,4]
[452,14672,"C",33,null,"MD",10,50,"A","A",1.64,5500,219,9020,359.15999999999997,5697,9343.08,197,227.19840478564308,372.60538384845461,3]
[453,14673,"C",33,null,"MD",10,47,"A","A",1.45,5500,219,7975,317.55,5694,8256.2999999999993,194,227.0787637088734,329.2642073778664,3]
[454,14674,"C",33,null,"MD",10,46,"B","B",1.38,4000,160,5520,220.79999999999998,4510,6223.7999999999993,510,179.86041874376869,248.20737786640078,4]
[455,14675,"C",33,null,"MD",10.1,42,"B","B",1.1599999999999999,4000,160,4640,185.6,4510,5231.5999999999995,510,179.86041874376869,208.63808574277166,3]
[456,14676,"C",33,null,"MD",10.1,45,"A","A",1.34,5500,219,7370,293.46000000000004,5010,6713.4000000000005,-490,199.80059820538386,267.73280159521437,2]
[457,14677,"C",33,null,"MD",10,50,"A","A",1.64,5500,219,9020,359.15999999999997,5699,9346.3599999999988,199,227.27816550348953,372.73619142572284,3]
[458,14678,"C",33,null,"MD",10,54,"A","A",1.91,5500,219,10505,418.28999999999996,5677,10843.07,177,226.40079760717848,432.42552342971089,3]
[459,14679,"C",33,null,"MD",10,55,"A","A",1.99,5500,219,10945,435.81,5666,11275.34,166,225.96211365902295,449.66460618145567,3]
[460,14680,"C",33,null,"MD",10,46,"B","B",1.38,4000,160,5520,220.79999999999998,4510,6223.7999999999993,510,179.86041874376869,248.20737786640078,4]
[461,14681,"C",33,null,"MD",10,47,"A","A",1.45,5500,219,7975,317.55,5644,8183.8,144,225.08474576271186,326.37288135593218,3]
[462,14682,"C",33,null,"MD",10,48,"A","A",1.51,5500,219,8305,330.69,5622,8489.2199999999993,122,224.2073778664008,338.55314057826524,3]
[463,14683,"C",33,null,"MD",10,52,"B","B",1.77,4000,160,7080,283.2,4510,7982.7,510,179.86041874376869,318.35294117647061,3]
[464,14684,"C",33,null,"MD",10,49,"B","B",1.57,4000,160,6280,251.20000000000002,4510,7080.7000000000007,510,179.86041874376869,282.38085742771688,4]
[465,14685,"C",29,null,"DB",4,39,"B","C",0.4,4500,179,1800,71.600000000000009,8550,3420,4050,340.97706879361914,136.39082751744766,2]
[466,14686,"C",29,null,"DB",4,40,"B","B",0.42,6000,239,2520,100.38,8550,3591,2550,340.97706879361914,143.21036889332004,1]
[467,14687,"C",29,null,"DB",4,51,"B","B",0.69,7500,299,5175,206.30999999999997,8550,5899.4999999999991,1050,340.97706879361914,235.27417746759718,2]
[468,14688,"C",29,null,"DB",4,38,"B","C",0.38,4500,179,1710,68.02,6168.45,2344.011,1668.4499999999998,246,93.48,3]
[469,14689,"C",29,null,"DB",4,45,"A","A",0.54,8000,319,4320,172.26000000000002,14719.025,7948.2735000000002,6719.0249999999996,587,316.98,2]
[470,14690,"C",29,null,"DB",4,42,"B","B",0.47,6000,239,2820,112.33,13540.5,6364.0349999999999,7540.5,540,253.79999999999998,2]
[471,14691,"C",29,null,"DB",4,47,"A","A",0.59,8000,319,4720,188.20999999999998,14693.949999999999,8669.4304999999986,6693.9499999999989,586,345.74,2]
[472,14692,"C",29,null,"DB",4,64,"A","A",1.1000000000000001,10000,399,11000,438.90000000000003,13122,14434.2,3122,523.31006979062818,575.64107676969104,3]
[473,14693,"C",29,null,"DB",4,45,"C","C",0.54,4000,160,2160,86.4,8050,4347,4050,321.03688933200402,173.35992023928219,2]
[474,14694,"C",29,null,"DB",4,49,"A","A",0.64,8000,319,5120,204.16,8550,5472,550,340.97706879361914,218.22532402791626,1]
[475,14695,"C",29,null,"DB",4,55,"B","B",0.81,7500,299,6075,242.19000000000003,8550,6925.5000000000009,1050,340.97706879361914,276.19142572283153,1]
[476,14696,"C",29,null,"DB",4,53,"B","B",0.75,7500,299,5625,224.25,8550,6412.5,1050,340.97706879361914,255.73280159521437,1]
[477,14697,"C",29,null,"DB",4,37,"C","C",0.36,3000,120,1080,43.199999999999996,6450,2322,3450,257.22831505483549,92.602193419740772,2]
[478,14698,"C",29,null,"DB",4,49,"C","C",0.64,4000,160,2560,102.4,6450,4128,2450,257.22831505483549,164.62612163509471,2]
[479,14699,"C",29,null,"DB",4,39,"A","B",0.4,5500,219,2200,87.600000000000009,6450,2580,950,257.22831505483549,102.8913260219342,1]
[480,14700,"C",29,null,"DB",4,39,"B","C",0.4,4500,179,1800,71.600000000000009,6450,2580,1950,257.22831505483549,102.8913260219342,2]
[481,14701,"C",29,null,"DB",4,41,"B","B",0.44,6000,239,2640,105.16,12637.8,5560.6319999999996,6637.7999999999993,504,221.76,2]
[482,14702,"C",29,null,"DB",4,51,"C","C",0.69,5000,199,3449.9999999999995,137.31,6450,4450.5,1450,257.22831505483549,177.48753738783648,2]
[483,14703,"C",29,null,"DB",4,42,"C","C",0.47,4000,160,1880,75.199999999999989,8901.625,4183.7637500000001,4901.625,355,166.85,3]
[484,14704,"C",29,null,"DB",4,45,"C","C",0.54,4000,160,2160,86.4,3150,1701,-850,125.62313060817547,67.836490528414757,1]
[485,14705,"C",29,null,"DB",4,55,"B","B",0.81,7500,299,6075,242.19000000000003,15122,12248.820000000002,7622,603.07078763708876,488.48733798604195,3]
[486,14706,"C",29,null,"DB",4,47,"B","B",0.59,6000,239,3540,141.01,8550,5044.5,2550,340.97706879361914,201.17647058823528,2]
[487,14707,"C",29,null,"DB",4,46,"C","C",0.56000000000000005,4000,160,2240,89.600000000000009,11308.824999999999,6332.942,7308.8249999999989,450.99999999999994,252.56,3]
[488,14708,"C",29,null,"DB",4,41,"B","B",0.44,6000,239,2640,105.16,13841.4,6090.2159999999994,7841.4,552,242.88,2]
[489,14709,"C",29,null,"DB",3.9,41,"C","C",0.43,4000,160,1720,68.8,6450,2773.5,2450,257.22831505483549,110.60817547357927,1]
[490,14710,"C",29,null,"DB",4,51,"D","C",0.69,3200,128,2208,88.32,3550,2449.5,350,141.57527417746761,97.686939182452633,3]
[491,14711,"C",29,null,"DB",4,46,"C","C",0.56000000000000005,4000,160,2240,89.600000000000009,3150,1764.0000000000002,-850,125.62313060817547,70.348953140578274,2]
[492,14712,"C",29,null,"DB",4,39,"D","C",0.4,1500,60,600,24,2833.4749999999999,1133.3900000000001,1333.4749999999999,113,45.2,4]
[493,14713,"C",29,null,"DB",4,35,"C","C",0.32,3000,120,960,38.4,3635.875,1163.48,635.875,145,46.4,2]
[494,14714,"C",29,null,"DB",4,45,"C","C",0.54,4000,160,2160,86.4,6450,3483.0000000000005,2450,257.22831505483549,138.90329012961118,2]
[495,14715,"C",46,null,"MD",5,59,"C","C",1.1399999999999999,3000,120,3419.9999999999995,136.79999999999998,4250,4845,1250,169.49152542372883,193.22033898305085,3]
[496,14716,"C",46,null,"MD",5,45,"A","A",0.66,5500,219,3630,144.54000000000002,5677,3746.82,177,226.40079760717848,149.42452642073781,3]
[497,14717,"C",46,null,"MD",5,68,"A","A",1.52,5500,219,8360,332.88,5666,8612.32,166,225.96211365902295,343.46241276171486,3]
[498,14718,"C",46,null,"MD",5,55,"A","A",0.99,5500,219,5445,216.81,5633,5576.67,133,224.64606181455633,222.39960119641077,3]
[499,14719,"C",46,null,"MD",5,49,"A","A",0.79,5500,219,4345,173.01000000000002,5688,4493.5200000000004,188,226.839481555334,179.20319042871387,3]
[500,14720,"C",46,null,"MD",5,47,"A","A",0.72,5500,219,3960,157.68,5698,4102.5599999999995,198,227.23828514456631,163.61156530408775,3]
[501,14721,"C",46,null,"MD",5,54,"A","A",0.96,5500,219,5280,210.23999999999998,5691,5463.36,191,226.95912263210369,217.88075772681952,4]
[502,14722,"C",46,null,"MD",5,64,"A","A",1.35,5500,219,7425.0000000000009,295.65000000000003,5637,7609.9500000000007,137,224.80558325024927,303.48753738783654,3]
[503,14723,"C",46,null,"MD",5,51,"B","B",0.85,4000,160,3400,136,4201,3570.85,201,167.53738783649052,142.40677966101694,2]
[504,14724,"C",46,null,"MD",5,56,"A","A",1.03,5500,219,5665,225.57,5627,5795.81,127,224.40677966101697,231.13898305084749,2]
[505,14725,"C",46,null,"MD",7,53,"A","A",1.29,5500,219,7095,282.51,"NEVYDRAŽENO","NEVYDRAŽENO",-1500,"NEVYDRAŽENO","NEVYDRAŽENO",1]
[506,14726,"C",46,null,"MD",4,60,"A","A",0.95,5500,219,5225,208.04999999999998,14016.924999999999,13316.078749999999,8516.9249999999993,559,531.04999999999995,4]
[507,14727,"C",46,null,"MD",4,51,"A","A",0.68,5500,219,3740.0000000000005,148.92000000000002,5683,3864.44,183,226.64007976071784,154.11525423728816,2]
[508,14728,"C",46,null,"MD",4,58,"B","B",0.88,4000,160,3520,140.80000000000001,4187,3684.56,187,166.97906281156531,146.94157527417747,2]
[509,14729,"C",46,null,"MD",5,47,"A","A",0.72,5500,219,3960,157.68,5637,4058.64,137,224.80558325024927,161.86001994017946,3]
[510,14730,"C",46,null,"MD",4,57,"B","B",0.85,4000,160,3400,136,4150,3527.5,150,165.50348953140579,140.67796610169492,3]
[511,14731,"C",46,null,"MD",8,54,"A","A",1.53,5500,219,8415,335.07,5674,8681.2199999999993,174,226.28115653040879,346.21016949152545,3]
[512,14732,"C",46,null,"MD",6.9,69,"B","A",2.16,4000,160,8640,345.6,"NEVYDRAŽENO","NEVYDRAŽENO",-700,"NEVYDRAŽENO","NEVYDRAŽENO",1]
[513,14733,"C",46,null,"MD",5,57,"A","A",1.07,5500,219,5885,234.33,5647,6042.29,147,225.20438683948157,240.96869391824529,3]
[514,14734,"C",46,null,"MD",6,52,"B","B",1.06,4000,160,4240,169.60000000000002,"NEVYDRAŽENO","NEVYDRAŽENO",-150,"NEVYDRAŽENO","NEVYDRAŽENO",2]
[515,14735,"C",46,null,"DB",4,52,"D","C",0.72,3200,128,2304,92.16,"NEVYDRAŽENO","NEVYDRAŽENO",-750,"NEVYDRAŽENO","NEVYDRAŽENO",1]
[516,14736,"C",46,null,"DB",2.7,54,"D","C",0.53,3200,128,1696,67.84,"NEVYDRAŽENO","NEVYDRAŽENO",-750,"NEVYDRAŽENO","NEVYDRAŽENO",1]
[517,14737,"C",29,null,"DB",4,37,"C","C",0.36,3000,120,1080,43.199999999999996,2150,774,-850,85.742771684945168,30.867397806580261,1]
[518,14738,"C",29,null,"DB",4,45,"C","C",0.54,4000,160,2160,86.4,10681.949999999999,5768.2529999999997,6681.9499999999989,425.99999999999994,230.04,2]
[519,14739,"C",29,null,"DB",4,52,"II","A",0.72,12000,479,8640,344.88,15122,10887.84,3122,603.07078763708876,434.21096709870386,2]
[520,14740,"C",29,null,"DB",4,45,"B","B",0.54,6000,239,3240,129.06,10180.449999999999,5497.4430000000002,4180.4499999999989,405.99999999999994,219.23999999999998,2]
[521,14741,"C",29,null,"DB",4,43,"B","B",0.49,6000,239,2940,117.11,8550,4189.5,2550,340.97706879361914,167.07876370887337,2]
[522,14742,"C",29,null,"DB",4,36,"A","B",0.34,5500,219,1870.0000000000002,74.460000000000008,6450,2193,950,257.22831505483549,87.457627118644069,1]
[523,14743,"C",29,null,"DB",4,39,"B","C",0.4,4500,179,1800,71.600000000000009,8124.3,3249.7200000000003,3624.3,324,129.6,2]
[524,14744,"C",29,null,"DB",4,44,"B","B",0.51,6000,239,3060,121.89,6450,3289.5,450,257.22831505483549,131.18644067796609,1]
[525,14745,"C",53,null,"DB",3.1,48,"II","A",0.47,10000,399,4700,187.53,19107.149999999998,8980.3604999999989,9107.1499999999978,761.99999999999989,358.13999999999993,3]
[526,14746,"C",53,null,"DB",4.7,57,"II","A",1.02,12000,479,12240,488.58,22843.325000000001,23300.191500000001,10843.325000000001,911,929.22,8]
[527,14747,"C",53,null,"DB",4,62,"C","B",1.03,5000,199,5150,204.97,11684.949999999999,12035.4985,6684.9499999999989,465.99999999999994,479.97999999999996,4]
[528,14748,"C",53,null,"DB",6.1,55,"I","A",1.23,18000,718,22140,883.14,27883.399999999998,34296.581999999995,9883.3999999999978,1112,1367.76,8]
[529,14749,"C",53,null,"DB",6.1,56,"II","A",1.28,12000,479,15360,613.12,17828.325000000001,22820.256000000001,5828.3250000000007,711,910.08,6]
[530,14750,"C",53,null,"DB",4.5999999999999996,81,"II","A",2.04,12000,479,24480,977.16,36659.65,74785.686000000002,24659.65,1462,2982.48,9]
[531,14751,"C",53,null,"DB",4.8,60,"II","A",1.1599999999999999,12000,479,13919.999999999998,555.64,30390.899999999998,35253.443999999996,18390.899999999998,1212,1405.9199999999998,8]
[532,14752,"C",49,10,"DB",3,50,"C","C",0.5,5000,199,2500,99.5,8050,4025,3050,321.03688933200402,160.51844466600201,3]
[533,14753,"C",49,10,"DB",3,44,"A","A",0.38,8000,319,3040,121.22,8550,3249,550,340.97706879361914,129.57128614157529,1]
[534,14754,"C",49,null,"MD",6.1,47,"B","B",0.88,4000,160,3520,140.80000000000001,3000,2640,-1000,119.64107676969093,105.28414755732801,1]
[535,14755,"C",49,null,"MD",5,45,"B","B",0.66,4000,160,2640,105.60000000000001,4157,2743.6200000000003,157,165.78265204386841,109.41655034895315,2]
[536,14756,"C",49,10,"DB",4,52,"B","B",0.72,7500,299,5400,215.28,8550,6156,1050,340.97706879361914,245.50348953140576,1]
[537,14757,"C",49,10,"DB",3,55,"A","A",0.61,10000,399,6100,243.39,8050,4910.5,-1950,321.03688933200402,195.83250249252245,1]
[538,14758,"C",49,10,"DB",5,54,"A","A",0.97,10000,399,9700,387.03,15947.699999999999,15469.268999999998,5947.6999999999989,636,616.91999999999996,3]
[539,14759,"C",49,10,"DB",4,47,"A","A",0.59,8000,319,4720,188.20999999999998,14092.15,8314.3684999999987,6092.15,562,331.58,2]
[540,14760,"C",49,null,"MD",4,49,"A","A",0.63,5500,219,3465,137.97,5664,3568.32,164,225.88235294117646,142.30588235294118,2]
[541,14761,"C",49,10,"DB",3,52,"II","A",0.54,12000,479,6480,258.66000000000003,13640.8,7366.0320000000002,1640.7999999999993,544,293.76,2]
[542,14762,"C",49,10,"DB",3,53,"B","B",0.56000000000000005,7500,299,4200,167.44000000000003,9327.9,5223.6240000000007,1827.8999999999996,372,208.32000000000002,2]
[543,14763,"C",49,10,"DB",4,51,"B","B",0.69,7500,299,5175,206.30999999999997,10355.975,7145.6227499999995,2855.9750000000004,413,284.96999999999997,2]
[544,14764,"C",49,null,"MD",4,45,"A","A",0.53,5500,219,2915,116.07000000000001,5644,2991.32,144,225.08474576271186,119.2949152542373,2]
[545,14765,"C",49,10,"DB",3,45,"C","C",0.4,4000,160,1600,64,3150,1260,-850,125.62313060817547,50.249252243270192,1]
[546,14766,"C",49,null,"MD",4,46,"A","A",0.55000000000000004,5500,219,3025.0000000000005,120.45,5677,3122.3500000000004,177,226.40079760717848,124.52043868394817,2]
[547,14767,"C",49,null,"MD",4,44,"B","B",0.51,4000,160,2040,81.599999999999994,4510,2300.1,510,179.86041874376869,91.728813559322035,4]
[548,14768,"C",54,null,"MD",5,47,"B","B",0.72,4000,160,2880,115.19999999999999,4168,3000.96,168,166.22133599202394,119.67936191425723,2]
[549,14769,"C",54,null,"MD",5,42,"A","A",0.57999999999999996,5500,219,3190,127.02,5699,3305.4199999999996,199,227.27816550348953,131.82133599202393,2]
[550,14770,"C",54,null,"MD",5,50,"A","A",0.82,5500,219,4510,179.57999999999998,5688,4664.16,188,226.839481555334,186.00837487537387,4]
[551,14771,"C",54,null,"MD",5,50,"D","C",0.82,2000,80,1640,65.599999999999994,2050,1681,50,81.754735792622142,67.038883349950154,2]
[552,14772,"C",54,null,"MD",5,48,"B","B",0.75,4000,160,3000,120,4510,3382.5,510,179.86041874376869,134.89531405782651,4]
[553,14773,"C",54,null,"MD",5,51,"A","A",0.85,5500,219,4675,186.15,5677,4825.45,177,226.40079760717848,192.4406779661017,2]
[554,14774,"C",54,null,"MD",5,49,"A","A",0.79,5500,219,4345,173.01000000000002,5674,4482.46,174,226.28115653040879,178.76211365902296,3]
[555,14775,"C",54,null,"MD",5,45,"A","A",0.66,5500,219,3630,144.54000000000002,5698,3760.6800000000003,198,227.23828514456631,149.97726819541376,2]
[556,14776,"C",54,null,"MD",5,45,"A","A",0.66,5500,219,3630,144.54000000000002,5624,3711.84,124,224.28713858424726,148.02951146560321,2]
[557,14777,"C",54,null,"MD",5,43,"B","B",0.6,4000,160,2400,96,4158,2494.7999999999997,158,165.82253240279164,99.493519441674977,4]
[558,14778,"C",50,null,"MD",5.0999999999999996,43,"B","B",0.62,4000,160,2480,99.2,4150,2573,150,165.50348953140579,102.61216350947159,2]
[559,14779,"C",50,null,"MD",5,40,"B","B",0.52,4000,160,2080,83.2,4167,2166.84,167,166.18145563310071,86.414356929212374,2]
[560,14780,"C",50,null,"MD",5,44,"A","A",0.63,5500,219,3465,137.97,5627,3545.01,127,224.40677966101697,141.3762711864407,3]
[561,14781,"C",50,null,"MD",5,54,"B","B",0.96,4000,160,3840,153.6,4124,3959.04,124,164.4666001994018,157.88793619142572,2]
[562,14782,"C",50,null,"MD",5,42,"B","B",0.57999999999999996,4000,160,2320,92.8,4239,2458.62,239,169.05284147557327,98.050648055832497,3]
[563,14783,"C",50,null,"MD",5,56,"C","C",1.03,3000,120,3090,123.60000000000001,4080,4202.4000000000005,1080,162.71186440677965,167.59322033898306,4]
[564,14784,"C",50,null,"MD",5,48,"B","B",0.75,4000,160,3000,120,4510,3382.5,510,179.86041874376869,134.89531405782651,4]
[565,14785,"C",50,null,"MD",5,56,"A","A",1.03,5500,219,5665,225.57,5637,5806.1100000000006,137,224.80558325024927,231.54975074775675,2]
[566,14786,"C",50,null,"MD",5,47,"A","A",0.72,5500,219,3960,157.68,5698,4102.5599999999995,198,227.23828514456631,163.61156530408775,2]
[567,14787,"C",57,null,"MD",4,46,"B","B",0.55000000000000004,4000,160,2200,88,4510,2480.5,510,179.86041874376869,98.923230309072792,4]
[568,14788,"C",57,null,"MD",4,48,"B","B",0.6,4000,160,2400,96,4510,2706,510,179.86041874376869,107.91625124626121,4]
[569,14789,"C",57,null,"MD",4,38,"B","C",0.37,4000,160,1480,59.2,4203,1555.11,203,167.61714855433701,62.018344965104689,3]
[570,14790,"C",57,null,"MD",4,50,"A","A",0.66,5500,219,3630,144.54000000000002,5702,3763.32,202,227.39780658025924,150.0825523429711,3]
[571,14791,"C",57,null,"MD",4,46,"A","A",0.55000000000000004,5500,219,3025.0000000000005,120.45,5703,3136.65,203,227.43768693918247,125.09072781655037,2]
[572,14792,"C",57,null,"MD",4,39,"B","C",0.4,4000,160,1600,64,4167,1666.8000000000002,167,166.18145563310071,66.47258225324029,3]
[573,14793,"C",57,null,"MD",5,48,"A","A",0.75,5500,219,4125,164.25,5687,4265.25,187,226.79960119641078,170.09970089730808,4]
[574,14794,"C",57,null,"MD",5,51,"B","B",0.85,4000,160,3400,136,4510,3833.5,510,179.86041874376869,152.88135593220338,4]
[575,14795,"C",57,null,"MD",4,42,"A","A",0.46,5500,219,2530,100.74000000000001,5634,2591.6400000000003,134,224.68594217347956,103.35553339980061,2]
[576,14796,"C",57,null,"MD",4,60,"A","A",0.95,5500,219,5225,208.04999999999998,5628,5346.5999999999995,128,224.4466600199402,213.22432701894317,3]
[577,14797,"C",57,null,"MD",4,54,"B","B",0.77,4000,160,3080,123.2,4500,3465,500,179.46161515453639,138.18544366899303,4]
[578,14798,"C",57,null,"MD",5,64,"A","A",1.35,5500,219,7425.0000000000009,295.65000000000003,5627,7596.4500000000007,127,224.40677966101697,302.94915254237293,2]
[579,14799,"C",57,null,"MD",5,43,"C","C",0.6,3000,120,1800,72,3350,2010,350,133.59920239282155,80.159521435692923,3]
[580,14800,"C",57,null,"MD",5,56,"B","B",1.03,4000,160,4120,164.8,4650,4789.5,650,185.44366899302094,191.00697906281158,4]
[581,14801,"C",57,null,"MD",4,45,"A","A",0.53,5500,219,2915,116.07000000000001,5628,2982.84,128,224.4466600199402,118.95672981056831,3]
[582,14802,"C",57,null,"MD",5,41,"A","A",0.55000000000000004,5500,219,3025.0000000000005,120.45,5625,3093.7500000000005,125,224.32701894317049,123.37986041874377,2]
[583,14803,"C",57,null,"MD",5,46,"B","B",0.69,4000,160,2760,110.39999999999999,4510,3111.8999999999996,510,179.86041874376869,124.10368893320039,3]
[584,14804,"C",57,null,"MD",5,46,"B","B",0.69,4000,160,2760,110.39999999999999,4510,3111.8999999999996,510,179.86041874376869,124.10368893320039,4]
[585,14805,"C",57,null,"MD",4,60,"A","A",0.95,5500,219,5225,208.04999999999998,5645,5362.75,145,225.12462612163509,213.86839481555333,3]
[586,14806,"C",57,null,"MD",4,47,"B","B",0.57999999999999996,4000,160,2320,92.8,4141,2401.7799999999997,141,165.14456630109672,95.783848454636086,2]
[587,14807,"C",57,null,"MD",4,47,"B","B",0.57999999999999996,4000,160,2320,92.8,4145,2404.1,145,165.30408773678963,95.87637088733797,2]
[588,14808,"C",57,null,"MD",4,56,"B","B",0.82,4000,160,3280,131.19999999999999,4510,3698.2,510,179.86041874376869,147.48554336989031,4]
[589,14809,"C",57,null,"MD",4,42,"B","B",0.46,4000,160,1840,73.600000000000009,4123,1896.5800000000002,123,164.42671984047857,75.636291126620151,2]
[590,14810,"C",57,null,"MD",3,49,"B","B",0.47,4000,160,1880,75.199999999999989,3650,1715.5,-350,145.56331006979065,68.414755732801595,2]
[591,14811,"C",57,null,"MD",3,51,"B","B",0.51,4000,160,2040,81.599999999999994,3000,1530,-1000,119.64107676969093,61.016949152542374,1]
[592,14812,"C",57,null,"MD",4,45,"B","B",0.53,4000,160,2120,84.800000000000011,5010,2655.3,1010,199.80059820538386,105.89431704885345,4]
[593,14813,"C",57,null,"MD",4,51,"B","B",0.68,4000,160,2720,108.80000000000001,5010,3406.8,1010,199.80059820538386,135.86440677966104,4]
[594,14814,"C",57,null,"MD",4,59,"A","A",0.92,5500,219,5060,201.48000000000002,5687,5232.04,187,226.79960119641078,208.65563310069791,2]
[595,14815,"C",57,null,"MD",4,50,"B","B",0.66,4000,160,2640,105.60000000000001,5010,3306.6000000000004,1010,199.80059820538386,131.86839481555336,3]
[596,14816,"C",57,null,"MD",4,49,"B","B",0.63,4000,160,2520,100.8,4450,2803.5,450,177.46759720837488,111.80458624127618,3]
[597,14817,"C",57,null,"MD",4,60,"B","A",0.95,4000,160,3800,152,5010,4759.5,1010,199.80059820538386,189.81056829511465,4]
[598,14818,"C",57,null,"MD",4,61,"B","A",0.98,4000,160,3920,156.80000000000001,4163,4079.74,163,166.02193419740777,162.70149551345961,3]
[599,14819,"C",49,10,"DB",8,69,"II","A",2.57,12000,479,30839.999999999996,1231.03,26554.424999999999,68244.87225,14554.424999999999,1059,2721.6299999999997,4]
[600,14820,"C",42,15,"DB",4,53,"A","A",0.75,10000,399,7500,299.25,15122,11341.5,5122,603.07078763708876,452.30309072781654,2]
[601,14821,"C",42,15,"DB",4,49,"B","B",0.64,6000,239,3840,152.96,8249.6749999999993,5279.7919999999995,2249.6749999999993,329,210.56,2]
[602,14822,"C",42,15,"DB",4,51,"B","B",0.69,7500,299,5175,206.30999999999997,15122,10434.179999999998,7622,603.07078763708876,416.11884346959118,2]
[603,14823,"C",42,15,"DB",4,44,"C","C",0.51,4000,160,2040,81.599999999999994,6450,3289.5,2450,257.22831505483549,131.18644067796609,1]
[604,14824,"C",42,15,"DB",4,46,"C","C",0.56000000000000005,4000,160,2240,89.600000000000009,6450,3612.0000000000005,2450,257.22831505483549,144.0478564307079,1]
[605,14825,"C",42,15,"DB",4,40,"B","B",0.42,6000,239,2520,100.38,10656.875,4475.8874999999998,4656.875,425,178.5,2]
[606,14826,"C",42,15,"DB",4,44,"C","C",0.51,4000,160,2040,81.599999999999994,6450,3289.5,2450,257.22831505483549,131.18644067796609,1]
[607,14827,"C",42,15,"DB",3.9,45,"B","B",0.52,6000,239,3120,124.28,6450,3354,450,257.22831505483549,133.75872382851446,1]
[608,14828,"C",42,10,"MD",4,53,"A","A",0.74,5500,219,4070,162.06,5620,4158.8,120,224.12761714855435,165.85443668993022,2]
[609,14829,"C",42,10,"MD",4,56,"B","B",0.82,4000,160,3280,131.19999999999999,4510,3698.2,510,179.86041874376869,147.48554336989031,4]
[610,14830,"C",42,10,"MD",4,55,"B","B",0.79,4000,160,3160,126.4,4510,3562.9,510,179.86041874376869,142.08973080757727,4]
[611,14831,"C",42,10,"MD",4,54,"C","C",0.77,3000,120,2310,92.4,3650,2810.5,650,145.56331006979065,112.0837487537388,3]
[612,14832,"C",42,10,"MD",4,48,"B","B",0.6,4000,160,2400,96,4152,2491.1999999999998,152,165.58325024925225,99.349950149551347,3]
[613,14833,"C",42,10,"MD",4,53,"C","C",0.74,3000,120,2220,88.8,3187,2358.38,187,127.098703888335,94.053040877367891,3]
[614,14834,"C",42,10,"MD",4,59,"B","B",0.92,4000,160,3680,147.20000000000002,4510,4149.2,510,179.86041874376869,165.4715852442672,4]
[615,14835,"C",42,10,"MD",4,50,"B","B",0.66,4000,160,2640,105.60000000000001,4178,2757.48,178,166.62013958125624,109.96929212362912,2]
[616,14836,"C",42,10,"MD",4,45,"C","C",0.53,3000,120,1590,63.6,3125,1656.25,125,124.62612163509472,66.051844466600201,3]
[617,14837,"C",42,10,"MD",4,41,"B","B",0.44,4000,160,1760,70.400000000000006,4167,1833.48,167,166.18145563310071,73.119840478564313,3]
[618,14838,"C",41,10,"DB",4,47,"C","C",0.59,4000,160,2360,94.399999999999991,8500.4249999999993,5015.2507499999992,4500.4249999999993,339,200.01,2]
[619,14839,"C",41,10,"DB",4,62,"C","B",1.03,5000,199,5150,204.97,6770.25,6973.3575000000001,1770.25,270,278.10000000000002,2]
[620,14840,"C",41,10,"DB",4,52,"C","C",0.72,5000,199,3600,143.28,9001.9249999999993,6481.3859999999995,4001.9249999999993,359,258.48,2]
[621,14841,"C",41,10,"DB",4,55,"A","A",0.81,10000,399,8100.0000000000009,323.19,15122,12248.820000000002,5122,603.07078763708876,488.48733798604195,3]
[622,14842,"C",41,10,"DB",4,58,"D","C",0.9,3200,128,2880,115.2,3450,3105,250,137.58723828514456,123.82851445663012,2]
[623,14843,"C",41,10,"MD",4,64,"A","A",1.08,5500,219,5940,236.52,5627,6077.1600000000008,127,224.40677966101697,242.35932203389834,2]
[624,14844,"C",41,10,"MD",4,57,"B","B",0.85,4000,160,3400,136,4510,3833.5,510,179.86041874376869,152.88135593220338,4]
[625,14845,"C",41,10,"MD",4,47,"B","B",0.57999999999999996,4000,160,2320,92.8,4189,2429.62,189,167.05882352941177,96.89411764705882,2]
[626,14846,"C",41,10,"MD",4,58,"B","B",0.88,4000,160,3520,140.80000000000001,4510,3968.8,510,179.86041874376869,158.27716849451645,4]
[627,14847,"C",41,10,"MD",3.9,47,"C","C",0.56000000000000005,3000,120,1680.0000000000002,67.2,2500,1400.0000000000002,-500,99.700897308075781,55.832502492522444,1]
[628,14848,"C",41,10,"MD",4,56,"B","B",0.82,4000,160,3280,131.19999999999999,4510,3698.2,510,179.86041874376869,147.48554336989031,4]
[629,14849,"C",41,10,"MD",3.9,40,"C","C",0.41,3000,120,1230,49.199999999999996,3250,1332.5,250,129.61116650049851,53.14057826520439,2]
[630,14850,"C",41,10,"MD",4,49,"B","B",0.63,4000,160,2520,100.8,4125,2598.75,125,164.50648055832502,103.63908275174477,3]
[631,14851,"C",42,15,"DB",4,57,"C","C",0.87,5000,199,4350,173.13,10122,8806.14,5122,403.66899302093719,351.19202392821535,3]
[632,14852,"C",42,10,"MD",4,55,"B","B",0.79,4000,160,3160,126.4,4510,3562.9,510,179.86041874376869,142.08973080757727,4]
[633,14853,"C",42,10,"MD",4,61,"B","A",0.98,4000,160,3920,156.80000000000001,4510,4419.8,510,179.86041874376869,176.26321036889331,4]
[634,14854,"C",42,10,"MD",4,61,"A","A",0.98,5500,219,5390,214.62,9252.6749999999993,9067.6214999999993,3752.6749999999993,369,361.62,5]
[635,14855,"C",42,10,"MD",4,57,"A","A",0.85,5500,219,4675,186.15,5696,4841.5999999999995,196,227.15852442671985,193.08474576271186,3]
[636,14856,"C",42,10,"MD",4,58,"B","B",0.88,4000,160,3520,140.80000000000001,9503.4249999999993,8363.0139999999992,5503.4249999999993,379,333.52,5]
[637,14857,"C",42,10,"MD",4,54,"C","C",0.77,3000,120,2310,92.4,3102,2388.54,102,123.70887337986042,95.255832502492524,3]
[638,14858,"C",42,10,"MD",4,58,"B","B",0.88,4000,160,3520,140.80000000000001,4102,3609.76,102,163.58923230309074,143.95852442671986,3]
[639,14859,"C",42,10,"MD",3.9,45,"B","B",0.52,4000,160,2080,83.2,4050,2106,50,161.51545363908275,83.988035892323026,2]
[640,14860,"C",42,10,"MD",4,54,"B","B",0.77,4000,160,3080,123.2,4185,3222.4500000000003,185,166.89930209371886,128.51246261216352,3]
[641,14861,"C",42,10,"MD",4,52,"B","B",0.71,4000,160,2840,113.6,4510,3202.1,510,179.86041874376869,127.70089730807577,4]
[642,14862,"C",42,10,"MD",4,54,"B","B",0.77,4000,160,3080,123.2,4510,3472.7000000000003,510,179.86041874376869,138.49252243270189,4]
[643,14863,"C",42,10,"MD",3.9,48,"B","B",0.59,4000,160,2360,94.399999999999991,4050,2389.5,50,161.51545363908275,95.294117647058812,2]
[644,14864,"C",42,10,"MD",3.9,50,"C","C",0.64,3000,120,1920,76.8,4050,2592,1050,161.51545363908275,103.36989032901296,2]
[645,14865,"C",42,10,"MD",4,47,"C","C",0.57999999999999996,3000,120,1739.9999999999998,69.599999999999994,4050,2349,1050,161.51545363908275,93.678963110667993,3]
[646,14866,"C",42,10,"MD",3.9,50,"C","C",0.64,3000,120,1920,76.8,4050,2592,1050,161.51545363908275,103.36989032901296,2]
[647,14867,"C",42,10,"MD",4,55,"C","C",0.79,3000,120,2370,94.800000000000011,4050,3199.5,1050,161.51545363908275,127.59720837487538,3]
[648,14868,"C",41,10,"DB",4,49,"C","C",0.64,4000,160,2560,102.4,8500.4249999999993,5440.2719999999999,4500.4249999999993,339,216.96,2]
[649,14869,"C",41,10,"DB",4,62,"C","B",1.03,5000,199,5150,204.97,6450,6643.5,1450,257.22831505483549,264.94516450648058,1]
[650,14870,"C",41,10,"DB",4,64,"C","B",1.1000000000000001,5000,199,5500,218.9,15122,16634.2,10122,603.07078763708876,663.37786640079764,4]
[651,14871,"C",41,10,"DB",4,63,"B","A",1.07,7500,299,8025.0000000000009,319.93,13122,14040.54,5622,523.31006979062818,559.94177467597217,3]
[652,14872,"C",41,10,"DB",4,41,"C","C",0.44,4000,160,1760,70.400000000000006,5566.65,2449.326,1566.6499999999996,222,97.68,2]
[653,14873,"C",41,10,"DB",4,45,"C","C",0.54,4000,160,2160,86.4,2150,1161,-1850,85.742771684945168,46.301096709870393,1]
[654,14874,"C",41,10,"MD",3.9,70,"C","B",1.26,3000,120,3780,151.19999999999999,9503.4249999999993,11974.315499999999,6503.4249999999993,379,477.54,3]
[655,14875,"C",41,10,"MD",4,47,"C","C",0.57999999999999996,3000,120,1739.9999999999998,69.599999999999994,3200,1855.9999999999998,200,127.61714855433699,74.017946161515454,3]
[656,14876,"C",41,10,"MD",4,49,"B","B",0.63,4000,160,2520,100.8,4125,2598.75,125,164.50648055832502,103.63908275174477,2]
[657,14877,"C",41,10,"MD",4,64,"A","A",1.08,5500,219,5940,236.52,10757.174999999999,11617.749,5257.1749999999993,429,463.32000000000005,5]
[658,14878,"C",41,10,"MD",4,67,"A","A",1.18,5500,219,6490,258.41999999999996,13013.924999999999,15356.431499999999,7513.9249999999993,519,612.41999999999996,3]
[659,14879,"C",41,10,"MD",4,71,"A","A",1.32,5500,219,7260,289.08000000000004,13515.424999999999,17840.361000000001,8015.4249999999993,539,711.48,3]
[660,14880,"C",41,10,"MD",4,63,"B","A",1.04,4000,160,4160,166.4,5010,5210.4000000000005,1010,199.80059820538386,207.79262213359922,4]
[661,14881,"C",41,10,"MD",4,50,"A","A",0.66,5500,219,3630,144.54000000000002,5614,3705.2400000000002,114,223.88833499501496,147.76630109670987,4]
[662,14882,"C",52,null,"DB",3.3,55,"C","C",0.67,5000,199,3350,133.33000000000001,"NEVYDRAŽENO","NEVYDRAŽENO",-2850,"NEVYDRAŽENO","NEVYDRAŽENO",1]
[663,14883,"C",52,null,"DB",5,50,"C","C",0.83,5000,199,4150,165.17,8550,7096.5,3550,340.97706879361914,283.01096709870387,1]
[664,14884,"C",52,null,"DB",5.8,68,"C","B",1.81,5000,199,9050,360.19,13122,23750.82,8122,523.31006979062818,947.19122632103699,5]
[665,14885,"C",52,null,"DB",4.4000000000000004,52,"B","B",0.79,7500,299,5925,236.21,11434.199999999999,9033.018,3934.1999999999989,455.99999999999994,360.23999999999995,2]
[666,14886,"C",52,null,"DB",6.8,39,"A","B",0.68,5500,219,3740.0000000000005,148.92000000000002,11434.199999999999,7775.2559999999994,5934.1999999999989,455.99999999999994,310.08,3]
[667,14887,"C",52,null,"JS",7.4,47,"A","A",1.08,3500,140,3780.0000000000005,151.20000000000002,3736.1749999999997,4035.069,236.17499999999973,149,160.92000000000002,2]
[668,14888,"C",52,null,"DB",8.1999999999999993,57,"C","C",1.78,5000,199,8900,354.22,20360.899999999998,36242.401999999995,15360.899999999998,811.99999999999989,1445.36,6]
[669,14889,"C",52,null,"DB",9.3000000000000007,45,"A","A",1.25,8000,319,10000,398.75,17853.399999999998,22316.749999999996,9853.3999999999978,711.99999999999989,889.99999999999989,6]
[670,14890,"C",52,null,"DB",7.8,41,"B","B",0.86,6000,239,5160,205.54,12186.449999999999,10480.347,6186.4499999999989,485.99999999999994,417.95999999999992,3]
[671,14891,"C",52,null,"JS",9.1999999999999993,45,"A","A",1.23,3500,140,4305,172.2,4237.6750000000002,5212.3402500000002,737.67500000000018,169,207.87,2]
[672,14892,"C",52,null,"DB",9.6,38,"A","B",0.91,5500,219,5005,199.29000000000002,11434.199999999999,10405.121999999999,5934.1999999999989,455.99999999999994,414.96,3]
[673,14893,"C",40,12,"DB",7.8,53,"B","B",1.46,7500,299,10950,436.53999999999996,11434.199999999999,16693.931999999997,3934.1999999999989,455.99999999999994,665.75999999999988,2]
[674,14894,"C",40,12,"DB",6.1,66,"C","B",1.79,5000,199,8950,356.21,15122,27068.38,10122,603.07078763708876,1079.4967098703889,4]
[675,14895,"C",40,12,"DB",8,45,"D","C",1.07,2500,100,2675,107,2450,2621.5,-50,97.706879361914261,104.54636091724826,2]
[676,14896,"C",40,12,"DB",3.9,64,"C","B",1.07,5000,199,5350,212.93,6450,6901.5,1450,257.22831505483549,275.23429710867401,2]
[677,14897,"C",40,12,"DB",4.9000000000000004,41,"B","B",0.54,6000,239,3240,129.06,10932.699999999999,5903.6579999999994,4932.6999999999989,435.99999999999994,235.44,2]
[678,14898,"C",40,12,"DB",5.6,31,"B","C",0.35,4500,179,1575,62.65,6450,2257.5,1950,257.22831505483549,90.029910269192413,1]
[679,14899,"C",40,12,"DB",4.4000000000000004,33,"D","C",0.31,1500,60,465,18.600000000000001,1650,511.5,150,65.802592223330009,20.398803589232301,2]
[680,14900,"C",40,12,"DB",4,42,"C","C",0.47,4000,160,1880,75.199999999999989,1200,564,-2800,47.85643070787637,22.492522432701893,1]
[681,14901,"C",40,12,"DB",2.5,81,"D","B",1.1100000000000001,3200,128,3552.0000000000005,142.08000000000001,2650,2941.5000000000005,-550,105.68295114656033,117.30807577268197,1]
[682,14902,"C",40,12,"DB",3.4,40,"B","B",0.36,6000,239,2160,86.039999999999992,2150,774,-3850,85.742771684945168,30.867397806580261,1]
[683,14903,"C",40,12,"DB",3,61,"B","A",0.75,7500,299,5625,224.25,3150,2362.5,-4350,125.62313060817547,94.217347956131604,1]
[684,14904,"C",40,12,"DB",3,42,"C","C",0.35,4000,160,1400,56,3150,1102.5,-850,125.62313060817547,43.968095712861412,1]
[685,14905,"C",40,12,"DB",6,33,"C","C",0.42,3000,120,1260,50.4,1850,777,-1150,73.778664007976076,30.98703888334995,1]
[686,14906,"C",40,12,"DB",6.6,34,"D","C",0.5,1500,60,750,30,1650,825,150,65.802592223330009,32.901296111665005,1]
[687,14907,"C",40,12,"DB",6,44,"A","A",0.77,8000,319,6160,245.63,13440.199999999999,10348.954,5440.1999999999989,536,412.72,2]
[688,14908,"C",40,12,"DB",6.1,52,"D","C",1.1000000000000001,3200,128,3520.0000000000005,140.80000000000001,2650,2915.0000000000005,-550,105.68295114656033,116.25124626121637,1]
[689,14909,"C",40,12,"TR",5.7,41,"D","C",0.71,1400,56,994,39.76,2400,1704,1000,95.712861415752741,67.956131605184439,4]
[690,14910,"C",40,12,"TR",3,53,"D","C",0.62,1400,56,868,34.72,2400,1488,1000,95.712861415752741,59.3419740777667,4]
[691,14911,"C",40,12,"DB",2,47,"D","C",0.28999999999999998,2500,100,725,28.999999999999996,1650,478.49999999999994,-850,65.802592223330009,19.082751744765702,1]
[692,14912,"C",40,12,"DB",3.2,46,"D","C",0.45,2500,100,1125,45,1200,540,-1300,47.85643070787637,21.535393818544367,1]
[693,14913,"C",40,12,"DB",3,41,"B","B",0.33,6000,239,1980,78.87,1200,396,-4800,47.85643070787637,15.792622133599203,1]
[694,14914,"C",40,12,"DB",3.7,40,"D","C",0.39,2500,100,975,39,1650,643.5,-850,65.802592223330009,25.663010967098703,1]
[695,14915,"C",40,12,"DB",4,49,"D","C",0.64,2500,100,1600,64,1650,1056,-850,65.802592223330009,42.113659022931209,1]
[696,14916,"C",40,12,"DB",4.4000000000000004,87,"B","A",2.2599999999999998,7500,299,16950,675.7399999999999,15122,34175.719999999994,7622,603.07078763708876,1362.9399800598205,3]
[697,14917,"C",40,12,"TR",5.3,50,"D","C",0.98,1400,56,1372,54.879999999999995,2400,2352,1000,95.712861415752741,93.798604187437689,4]
[698,14918,"C",40,12,"DB",4.5,54,"B","B",0.88,7500,299,6600,263.12,11434.199999999999,10062.096,3934.1999999999989,455.99999999999994,401.28,2]
[699,14919,"C",40,12,"DB",4.3,41,"B","B",0.48,6000,239,2880,114.72,11434.199999999999,5488.4159999999993,5434.1999999999989,455.99999999999994,218.87999999999997,2]
[700,14920,"C",40,12,"DB",4,45,"D","C",0.54,2500,100,1350,54,1450,783,-1050,57.82652043868395,31.226321036889335,1]
[701,14921,"C",40,12,"DB",6.5,36,"D","C",0.55000000000000004,1500,60,825.00000000000011,33,1450,797.50000000000011,-50,57.82652043868395,31.804586241276176,1]
[702,14922,"C",40,12,"DB",4.4000000000000004,46,"C","C",0.62,4000,160,2480,99.2,10180.449999999999,6311.878999999999,6180.4499999999989,405.99999999999994,251.71999999999997,2]
[703,14923,"C",39,null,"DB",8,45,"B","B",1.07,6000,239,6420,255.73000000000002,11434.199999999999,12234.593999999999,5434.1999999999989,455.99999999999994,487.91999999999996,2]
[704,14924,"C",39,null,"DB",7,47,"B","B",1.03,6000,239,6180,246.17000000000002,12186.449999999999,12552.0435,6186.4499999999989,485.99999999999994,500.57999999999993,2]
[705,14925,"C",39,null,"DB",7,40,"A","A",0.74,8000,319,5920,236.06,13189.449999999999,9760.1929999999993,5189.4499999999989,526,389.24,2]
[706,14926,"C",39,null,"DB",2.5,38,"C","C",0.24,3000,120,720,28.799999999999997,"NEVYDRAŽENO","NEVYDRAŽENO",-550,"NEVYDRAŽENO","NEVYDRAŽENO",2]
[707,14927,"C",39,null,"DB",2.5,35,"C","C",0.2,3000,120,600,24,"NEVYDRAŽENO","NEVYDRAŽENO",-550,"NEVYDRAŽENO","NEVYDRAŽENO",2]
[708,14928,"C",39,null,"DB",3,57,"C","C",0.65,5000,199,3250,129.35,6093.2249999999995,3960.5962499999996,1093.2249999999995,242.99999999999997,157.94999999999999,2]
[709,14929,"C",39,null,"DB",3,42,"B","B",0.35,6000,239,2100,83.649999999999991,"NEVYDRAŽENO","NEVYDRAŽENO",-2850,"NEVYDRAŽENO","NEVYDRAŽENO",1]
[710,14930,"C",39,null,"DB",3,40,"A","A",0.32,8000,319,2560,102.08,8050,2576,50,321.03688933200402,102.7318045862413,1]
[711,14931,"C",39,null,"DB",3,40,"B","B",0.32,6000,239,1920,76.48,8050,2576,2050,321.03688933200402,102.7318045862413,1]
[712,14932,"C",39,null,"DB",3,44,"A","A",0.38,8000,319,3040,121.22,8050,3059,50,321.03688933200402,121.99401794616153,1]
[713,14933,"C",39,null,"DB",3,39,"B","C",0.3,4500,179,1350,53.699999999999996,5150,1545,650,205.38384845463611,61.615154536390833,1]
[714,14934,"C",39,null,"DB",5.5,49,"B","B",0.88,6000,239,5280,210.32,12186.449999999999,10724.075999999999,6186.4499999999989,485.99999999999994,427.67999999999995,2]
[715,14935,"C",39,null,"DB",5,48,"C","C",0.77,4000,160,3080,123.2,10180.449999999999,7838.9464999999991,6180.4499999999989,405.99999999999994,312.61999999999995,2]
[716,14936,"C",39,null,"DB",4.5,40,"B","B",0.47,6000,239,2820,112.33,12186.449999999999,5727.6314999999995,6186.4499999999989,485.99999999999994,228.41999999999996,2]
[717,14937,"C",39,null,"DB",4.5,42,"B","B",0.52,6000,239,3120,124.28,12186.449999999999,6336.9539999999997,6186.4499999999989,485.99999999999994,252.71999999999997,2]
[718,14938,"C",39,null,"DB",4,45,"A","A",0.54,8000,319,4320,172.26000000000002,8550,4617,550,340.97706879361914,184.12761714855435,1]
[719,14939,"C",39,null,"DB",4,41,"C","C",0.44,4000,160,1760,70.400000000000006,8050,3542,4050,321.03688933200402,141.25623130608176,1]
[720,14940,"C",39,null,"DB",4,38,"B","C",0.38,4500,179,1710,68.02,8050,3059,3550,321.03688933200402,121.99401794616153,1]
[721,14941,"C",39,null,"DB",4.2,46,"A","A",0.59,8000,319,4720,188.20999999999998,13440.199999999999,7929.7179999999989,5440.1999999999989,536,316.24,2]
[722,14942,"C",38,null,"DB",6.3,76,"B","A",2.46,7500,299,18450,735.54,15122,37200.120000000003,7622,603.07078763708876,1483.5541375872383,3]
[723,14943,"C",38,null,"DB",3,50,"B","B",0.5,7500,299,3750,149.5,9302.8249999999989,4651.4124999999995,1802.8249999999989,370.99999999999994,185.49999999999997,2]
[724,14944,"C",38,null,"DB",3,39,"A","B",0.3,5500,219,1650,65.7,5250,1575,-250,209.37188434695912,62.811565304087736,1]
[725,14945,"C",38,null,"DB",3,44,"A","A",0.38,8000,319,3040,121.22,8050,3059,50,321.03688933200402,121.99401794616153,1]
[726,14946,"C",38,null,"DB",3,70,"A","A",0.99,10000,399,9900,395.01,8050,7969.5,-1950,321.03688933200402,317.82652043868399,1]
[727,14947,"C",38,null,"DB",3,72,"C","B",1.05,5000,199,5250,208.95000000000002,8050,8452.5,3050,321.03688933200402,337.08873379860427,2]
[728,14948,"C",38,null,"DB",3.1,77,"C","B",1.24,5000,199,6200,246.76,19107.149999999998,23692.865999999998,14107.149999999998,761.99999999999989,944.87999999999988,5]
[729,14949,"C",17,10,"DB",3,49,"A","A",0.48,8000,319,3840,153.12,13690.949999999999,6571.655999999999,5690.9499999999989,546,262.08,2]
[730,14950,"C",17,null,"MD",4,43,"D","C",0.48,2000,80,960,38.4,2450,1176,450,97.706879361914261,46.899302093718845,2]
[731,14951,"C",17,10,"DB",4,43,"A","A",0.49,8000,319,3920,156.31,6450,3160.5,-1550,257.22831505483549,126.04187437686939,1]
[732,14952,"C",38,null,"DB",3.8,45,"A","A",0.51,8000,319,4080,162.69,8050,4105.5,50,321.03688933200402,163.72881355932205,1]
[733,14953,"C",38,null,"DB",3.6,37,"B","C",0.32,4500,179,1440,57.28,"NEVYDRAŽENO","NEVYDRAŽENO",-3300,"NEVYDRAŽENO","NEVYDRAŽENO",1]
[734,14954,"C",38,null,"DB",4.8,62,"B","A",1.24,7500,299,9300,370.76,8550,10602,1050,340.97706879361914,422.81156530408771,1]
[735,14955,"C",38,null,"DB",4,44,"C","C",0.51,4000,160,2040,81.599999999999994,"NEVYDRAŽENO","NEVYDRAŽENO",-2800,"NEVYDRAŽENO","NEVYDRAŽENO",1]
[736,14956,"C",38,null,"DB",5,52,"B","B",0.9,7500,299,6750,269.10000000000002,12687.949999999999,11419.154999999999,5187.9499999999989,505.99999999999994,455.4,2]
[737,14957,"C",38,null,"DB",5.5,51,"C","C",0.95,5000,199,4750,189.04999999999998,12637.8,12005.909999999998,7637.7999999999993,504,478.79999999999995,3]
[738,14958,"C",38,null,"DB",3,60,"A","A",0.72,10000,399,7200,287.27999999999997,"NEVYDRAŽENO","NEVYDRAŽENO",-6850,"NEVYDRAŽENO","NEVYDRAŽENO",1]
[739,14959,"C",17,10,"DB",5,46,"C","C",0.7,4000,160,2800,112,8550,5985,4550,340.97706879361914,238.68394815553339,1]
[740,14960,"C",17,10,"DB",5,43,"C","C",0.61,4000,160,2440,97.6,9077.15,5537.0614999999998,5077.1499999999996,362,220.82,3]
[741,14961,"C",17,10,"DB",7,48,"A","A",1.07,8000,319,8560,341.33000000000004,18630.724999999999,19934.875749999999,10630.724999999999,743,795.01,6]
[742,14962,"C",17,10,"DB",8.1,55,"A","A",1.64,10000,399,16400,654.36,15772.174999999999,25866.366999999998,5772.1749999999993,629,1031.56,3]
[743,14963,"C",17,10,"DB",4,44,"B","B",0.51,6000,239,3060,121.89,8550,4360.5,2550,340.97706879361914,173.89830508474577,1]
[744,14964,"C",17,10,"DB",4,45,"A","A",0.54,8000,319,4320,172.26000000000002,6450,3483.0000000000005,-1550,257.22831505483549,138.90329012961118,1]
[745,14965,"C",17,10,"DB",3,45,"A","A",0.4,8000,319,3200,127.60000000000001,8050,3220,50,321.03688933200402,128.41475573280161,1]
[746,14966,"C",17,10,"DB",4,46,"B","B",0.56000000000000005,6000,239,3360.0000000000005,133.84,13364.975,7484.3860000000013,7364.9750000000004,533,298.48,2]
[747,14967,"C",17,10,"DB",4,47,"B","B",0.59,6000,239,3540,141.01,8550,5044.5,2550,340.97706879361914,201.17647058823528,2]
[748,14968,"C",17,10,"DB",4,44,"A","A",0.51,8000,319,4080,162.69,8550,4360.5,550,340.97706879361914,173.89830508474577,2]
[749,14969,"C",17,10,"DB",4,44,"B","B",0.51,6000,239,3060,121.89,3150,1606.5,-2850,125.62313060817547,64.067796610169495,1]
[750,14970,"C",17,10,"DB",6,48,"A","A",0.92,8000,319,7360,293.48,13941.699999999999,12826.364,5941.6999999999989,556,511.52000000000004,2]
[751,14971,"C",17,10,"DB",6,47,"C","C",0.88,4000,160,3520,140.80000000000001,8751.1749999999993,7701.0339999999997,4751.1749999999993,349,307.12,2]
[752,14972,"C",17,10,"DB",3,48,"C","C",0.46,4000,160,1840,73.600000000000009,5867.55,2699.0730000000003,1867.5500000000002,234,107.64,1]
[753,14973,"C",17,10,"DB",3,44,"C","C",0.38,4000,160,1520,60.8,1200,456,-2800,47.85643070787637,18.18544366899302,1]
[754,14974,"C",17,10,"DB",3,58,"C","C",0.68,5000,199,3400.0000000000005,135.32000000000002,13064.074999999999,8883.5709999999999,8064.0749999999989,521,354.28000000000003,3]
[755,14975,"C",17,10,"DB",9,52,"B","B",1.62,7500,299,12150,484.38000000000005,15122,24497.640000000003,7622,603.07078763708876,976.9746759720839,4]
[756,14976,"C",17,10,"DB",8,46,"A","A",1.1200000000000001,8000,319,8960,357.28000000000003,14543.5,16288.720000000001,6543.5,580,649.6,3]
[757,14977,"C",17,10,"DB",9,62,"A","A",2.3199999999999998,10000,399,23200,925.68,15122,35083.040000000001,5122,603.07078763708876,1399.1242273180458,4]
[758,14978,"C",17,10,"DB",10.1,45,"B","B",1.35,6000,239,8100.0000000000009,322.65000000000003,12186.449999999999,16451.7075,6186.4499999999989,485.99999999999994,656.1,3]
[759,14979,"C",17,10,"DB",8.1,44,"A","A",1.04,8000,319,8320,331.76,13716.025,14264.665999999999,5716.0249999999996,547,568.88,3]
[760,14980,"C",17,10,"DB",8.1,46,"C","C",1.1399999999999999,4000,160,4560,182.39999999999998,8550,9747,4550,340.97706879361914,388.7138584247258,3]
[761,14981,"C",22,null,"MD",6.9,66,"B","A",1.98,4000,160,7920,316.8,"NEVYDRAŽENO","NEVYDRAŽENO",-1100,"NEVYDRAŽENO","NEVYDRAŽENO",1]
[762,14982,"C",22,null,"MD",6,51,"B","B",1.02,4000,160,4080,163.19999999999999,"NEVYDRAŽENO","NEVYDRAŽENO",-1000,"NEVYDRAŽENO","NEVYDRAŽENO",1]
[763,14983,"C",22,null,"MD",7,50,"A","A",1.1499999999999999,5500,219,6324.9999999999991,251.85,"NEVYDRAŽENO","NEVYDRAŽENO",-1800,"NEVYDRAŽENO","NEVYDRAŽENO",1]
[764,14984,"C",22,null,"MD",3.1,58,"A","A",0.69,5500,219,3794.9999999999995,151.10999999999999,"NEVYDRAŽENO","NEVYDRAŽENO",-3000,"NEVYDRAŽENO","NEVYDRAŽENO",1]
[765,14985,"C",22,null,"MD",4.5,55,"B","B",0.89,4000,160,3560,142.4,4510,4013.9,510,179.86041874376869,160.07577268195413,3]
[766,14986,"C",22,null,"MD",4,49,"B","B",0.63,4000,160,2520,100.8,4135,2605.0500000000002,135,164.90528414755732,103.89032901296112,2]
[767,14987,"C",22,null,"DB",5,76,"A","A",1.95,10000,399,19500,778.05,27883.399999999998,54372.63,17883.399999999998,1112,2168.4,6]
[768,14988,"C",22,null,"DB",5,76,"C","B",1.95,5000,199,9750,388.05,8926.6999999999989,17407.064999999999,3926.6999999999989,355.99999999999994,694.19999999999982,4]
[769,14989,"C",22,null,"DB",6.6,62,"C","B",1.7,5000,199,8500,338.3,6450,10965,1450,257.22831505483549,437.28813559322032,2]
[770,14990,"C",22,null,"DB",5.5,46,"II","A",0.77,10000,399,7700,307.23,13440.199999999999,10348.954,3440.1999999999989,536,412.72,2]
[771,14991,"C",12,null,"DB",4,51,"II","A",0.69,12000,479,8280,330.51,20335.825000000001,14031.71925,8335.8250000000007,811,559.58999999999992,6]
[772,14992,"C",12,null,"DB",4,54,"A","A",0.78,10000,399,7800,311.22000000000003,15772.174999999999,12302.2965,5772.1749999999993,629,490.62,4]
[773,14993,"C",12,null,"DB",4.7,56,"C","C",0.99,5000,199,4950,197.01,13966.775,13827.107249999999,8966.7749999999996,557,551.42999999999995,4]
[774,14994,"C",12,null,"DB",4.4000000000000004,52,"B","B",0.79,7500,299,5925,236.21,6450,5095.5,-1050,257.22831505483549,203.21036889332004,1]
[775,14995,"C",12,null,"DB",4.0999999999999996,54,"A","A",0.8,10000,399,8000,319.20000000000005,17577.575000000001,14062.060000000001,7577.5750000000007,701,560.80000000000007,5]
[776,14996,"C",12,null,"DB",3.7,49,"B","B",0.59,6000,239,3540,141.01,6550,3864.5,550,261.21635094715856,154.11764705882354,1]
[777,14997,"C",12,null,"DB",4.4000000000000004,59,"A","A",1.03,10000,399,10300,410.97,30641.649999999998,31560.8995,20641.649999999998,1222,1258.6600000000001,8]
[778,14998,"C",12,null,"DB",4.9000000000000004,58,"A","A",1.1000000000000001,10000,399,11000,438.90000000000003,21614.649999999998,23776.114999999998,11614.649999999998,861.99999999999989,948.19999999999993,7]
[779,14999,"C",12,null,"DB",5.3,55,"II","A",1.07,12000,479,12840,512.53000000000009,27883.399999999998,29835.238000000001,15883.399999999998,1112,1189.8400000000001,8]
[780,15000,"C",12,null,"DB",5.4,55,"A","A",1.0900000000000001,10000,399,10900,434.91,15122,16482.98,5122,603.07078763708876,657.34715852442685,7]
[781,15001,"C","34-35",null,"MD",4.0999999999999996,45,"C","C",0.54,3000,120,1620,64.800000000000011,3200,1728,200,127.61714855433699,68.913260219341979,3]
[782,15002,"C","34-35",null,"MD",5.3,50,"A","A",0.87,5500,219,4785,190.53,4488.4250000000002,3904.9297500000002,-1011.5749999999998,179,155.72999999999999,2]
[783,15003,"C","34-35",null,"MD",4.0999999999999996,53,"B","B",0.76,4000,160,3040,121.6,4200,3192,200,167.4975074775673,127.29810568295115,3]
[784,15004,"C","34-35",null,"MD",5.3,50,"A","A",0.87,5500,219,4785,190.53,5566.65,4842.9854999999998,66.649999999999636,222,193.14,2]
[785,15005,"C","34-35",null,"MD",4.0999999999999996,51,"B","B",0.7,4000,160,2800,112,4250,2975,250,169.49152542372883,118.64406779661017,3]
[786,15006,"C","34-35",null,"MD",5.0999999999999996,53,"A","A",0.94,5500,219,5170,205.85999999999999,5566.65,5232.6509999999989,66.649999999999636,222,208.67999999999998,2]
[787,15007,"C","34-35",null,"MD",5.2,48,"B","B",0.78,4000,160,3120,124.80000000000001,3300,2574,-700,131.60518444666002,102.65204386839481,2]
[788,15008,"C","34-35",null,"MD",5.2,47,"B","B",0.75,4000,160,3000,120,4650,3487.5,650,185.44366899302094,139.08275174476569,3]
[789,15009,"C","34-35",null,"MD",4.2,42,"B","B",0.48,4000,160,1920,76.8,4650,2232,650,185.44366899302094,89.012961116650047,3]
[790,15010,"C","34-35",null,"MD",4.2,47,"B","B",0.61,4000,160,2440,97.6,4250,2592.5,250,169.49152542372883,103.38983050847459,3]
[791,15011,"C","34-35",null,"MD",5.2,60,"II","A",1.23,7000,279,8610,343.17,5491.4250000000002,6754.4527500000004,-1508.5749999999998,219,269.37,2]
[792,15012,"C","34-35",null,"MD",5.2,51,"A","A",0.89,5500,219,4895,194.91,4237.6750000000002,3771.5307500000004,-1262.3249999999998,169,150.41,2]
[793,15013,"C","34-35",null,"MD",5.2,57,"A","A",1.1100000000000001,5500,219,6105.0000000000009,243.09000000000003,5742.1750000000002,6373.8142500000004,242.17500000000018,229,254.19000000000003,2]
[794,15014,"C","34-35",null,"MD",5.2,79,"B","A",2.13,4000,160,8520,340.79999999999995,4037.0749999999998,8598.9697499999984,37.074999999999818,161,342.93,3]
[795,15015,"D",22,null,"DB",8.1999999999999993,57,"A","A",1.78,10000,399,17800,710.22,15122,26917.16,5122,603.07078763708876,1073.4660019940179,4]
[796,15016,"D",22,null,"MD",12,52,"A","A",2.13,5500,219,11715,466.46999999999997,7246.6750000000002,15435.417750000001,1746.6750000000002,289,615.56999999999994,4]
[797,15017,"D",22,null,"MD",12,59,"B","B",2.75,4000,160,11000,440,5010,13777.5,1010,199.80059820538386,549.45164506480558,3]
[798,15018,"D",23,null,"MD",6,52,"A","A",1.06,5500,219,5830,232.14000000000001,"NEVYDRAŽENO","NEVYDRAŽENO",-2400,"NEVYDRAŽENO","NEVYDRAŽENO",1]
[799,15019,"D",23,null,"MD",8,56,"A","A",1.65,5500,219,9075,361.34999999999997,5685,9380.25,185,226.71984047856432,374.08773678963109,4]
[800,15020,"D",23,null,"MD",10,60,"A","A",2.37,5500,219,13035,519.03,5614,13305.18,114,223.88833499501496,530.61535393818542,4]
[801,15021,"D",23,null,"MD",10,51,"A","A",1.71,5500,219,9405,374.49,5639,9642.69,139,224.88534396809573,384.55393818544366,4]
[802,15022,"D",23,null,"MD",12,45,"A","A",1.59,5500,219,8745,348.21000000000004,5637,8962.83,137,224.80558325024927,357.44087736789635,3]
[803,15023,"D",23,null,"MD",12,53,"A","A",2.21,5500,219,12155,483.99,8249.6749999999993,18231.781749999998,2749.6749999999993,329,727.09,4]
[804,15024,"D",23,null,"MD",10,58,"A","A",2.21,5500,219,12155,483.99,5673,12537.33,173,226.24127617148554,499.99322033898301,3]
[805,15025,"D",23,null,"MD",10,48,"A","A",1.51,5500,219,8305,330.69,5694,8597.94,194,227.0787637088734,342.88893320039881,3]
[806,15026,"D",23,null,"MD",12,57,"A","A",2.56,5500,219,14080,560.64,5674,14525.44,174,226.28115653040879,579.27976071784656,3]
[807,15027,"D",23,null,"MD",12,65,"A","A",3.33,5500,219,18315,729.27,7246.6750000000002,24131.427750000003,1746.6750000000002,289,962.37,5]
[808,15028,"D",23,null,"MD",12,57,"A","A",2.56,5500,219,14080,560.64,8249.6749999999993,21119.167999999998,2749.6749999999993,329,842.24,4]
[809,15029,"D",23,null,"MD",12,61,"A","A",2.93,5500,219,16115,641.67000000000007,5637,16516.41,137,224.80558325024927,658.68035892323041,3]
[810,15030,"D",23,null,"MD",11,54,"A","A",2.11,5500,219,11605,462.09,"NEVYDRAŽENO","NEVYDRAŽENO",-190,"NEVYDRAŽENO","NEVYDRAŽENO",2]
[811,15031,"D",23,null,"MD",11,52,"A","A",1.95,5500,219,10725,427.05,"NEVYDRAŽENO","NEVYDRAŽENO",-190,"NEVYDRAŽENO","NEVYDRAŽENO",2]
[812,15032,"D",23,null,"MD",10.5,55,"A","A",2.09,5500,219,11495,457.71,"NEVYDRAŽENO","NEVYDRAŽENO",-490,"NEVYDRAŽENO","NEVYDRAŽENO",2]
[813,15033,"D",24,null,"MD",11.6,47,"A","A",1.68,5500,219,9240,367.91999999999996,5510,9256.7999999999993,10,219.74077766699901,369.16450648055832,2]
[814,15034,"D",24,null,"MD",12,61,"A","A",2.93,5500,219,16115,641.67000000000007,5621,16469.530000000002,121,224.16749750747758,656.81076769690935,3]
[815,15035,"D",24,null,"MD",13.4,48,"B","B",2.02,4000,160,8080,323.2,4510,9110.2000000000007,510,179.86041874376869,363.31804586241276,2]
[816,15036,"D",24,null,"MD",10.8,53,"A","A",1.99,5500,219,10945,435.81,5510,10964.9,10,219.74077766699901,437.28414755732803,2]
[817,15037,"D",24,null,"MD",9,64,"B","A",2.42,4000,160,9680,387.2,5010,12124.199999999999,1010,199.80059820538386,483.51744765702892,4]
[818,15038,"D",24,null,"MD",12.4,59,"B","B",2.84,4000,160,11360,454.4,5010,14228.4,1010,199.80059820538386,567.43369890329018,3]
[819,15039,"D",24,null,"MD",10,59,"A","A",2.29,5500,219,12595,501.51,5609,12844.61,109,223.68893320039882,512.2476570289133,3]
[820,15040,"D",24,null,"MD",14,43,"A","A",1.69,5500,219,9295,370.11,5687,9611.0299999999988,187,226.79960119641078,383.2913260219342,3]
[821,15041,"D",24,null,"MD",14,44,"B","B",1.77,4000,160,7080,283.2,4510,7982.7,510,179.86041874376869,318.35294117647061,3]
[822,15042,"D",24,null,"MD",12.3,56,"A","A",2.5299999999999998,5500,219,13914.999999999998,554.06999999999994,7246.6750000000002,18334.087749999999,1746.6750000000002,289,731.17,3]
[823,15043,"D",24,null,"MD",14,47,"A","A",2.02,5500,219,11110,442.38,5624,11360.48,124,224.28713858424726,453.06001994017947,3]
[824,15044,"D",24,null,"MD",14,42,"B","B",1.61,4000,160,6440,257.60000000000002,5500,8855,1500,219.34197407776671,353.1405782652044,4]
[825,15045,"D",25,null,"MD",10,45,"B","B",1.32,4000,160,5280,211.20000000000002,4157,5487.2400000000007,157,165.78265204386841,218.8331006979063,2]
[826,15046,"D",25,null,"MD",12,43,"C","C",1.45,3000,120,4350,174,4500,6525,1500,179.46161515453639,260.21934197407774,4]
[827,15047,"D",25,null,"MD",10,46,"B","B",1.38,4000,160,5520,220.79999999999998,4236,5845.6799999999994,236,168.93320039880359,233.12781655034894,2]
[828,15048,"D",25,null,"MD",10,51,"B","B",1.71,4000,160,6840,273.60000000000002,4238,7246.98,238,169.01296111665005,289.01216350947158,2]
[829,15049,"D",25,null,"MD",10,40,"C","C",1.04,3000,120,3120,124.80000000000001,3158,3284.32,158,125.94217347956132,130.97986041874378,3]
[830,15050,"D",25,null,"MD",12,56,"A","A",2.4700000000000002,5500,219,13585.000000000002,540.93000000000006,5674,14014.78,174,226.28115653040879,558.91445663010973,3]
[831,15051,"D",25,null,"MD",10,52,"II","A",1.77,7000,279,12390,493.83,9001.9249999999993,15933.407249999998,2001.9249999999993,359,635.42999999999995,3]
[832,15052,"D",25,null,"MD",12,50,"B","B",1.97,4000,160,7880,315.2,4500,8865,500,179.46161515453639,353.53938185443667,4]
[833,15053,"D",26,null,"MD",14,60,"A","A",3.31,5500,219,18205,724.89,10255.674999999999,33946.284249999997,4755.6749999999993,409,1353.79,4]
[834,15054,"D",26,null,"MD",14,59,"A","A",3.2,5500,219,17600,700.80000000000007,10506.424999999999,33620.559999999998,5006.4249999999993,419,1340.8000000000002,4]
[835,15055,"D",26,null,"MD",12,52,"B","B",2.13,4000,160,8520,340.79999999999995,4510,9606.2999999999993,510,179.86041874376869,383.10269192422732,4]
[836,15056,"D",26,null,"MD",12,62,"B","A",3.03,4000,160,12120,484.79999999999995,6995.9250000000002,21197.652749999997,2995.9250000000002,279,845.36999999999989,5]
[837,15057,"D",26,null,"MD",12,54,"A","A",2.2999999999999998,5500,219,12649.999999999998,503.7,7998.9250000000002,18397.5275,2498.9250000000002,319,733.69999999999993,4]
[838,15058,"D",26,null,"MD",10,66,"A","A",2.86,5500,219,15730,626.33999999999992,12261.674999999999,35068.390499999994,6761.6749999999993,489,1398.54,5]
[839,15059,"D",26,null,"MD",12,44,"B","B",1.52,4000,160,6080,243.2,5010,7615.2,1010,199.80059820538386,303.69690927218346,3]
[840,15060,"D",26,null,"MD",12,58,"A","A",2.65,5500,219,14575,580.35,10506.424999999999,27842.026249999995,5006.4249999999993,419,1110.3499999999999,4]
[841,15061,"D",26,null,"MD",12,48,"A","A",1.81,5500,219,9955,396.39,7998.9250000000002,14478.054250000001,2498.9250000000002,319,577.39,4]
[842,15062,"D",13,null,"MD",4,70,"A","A",1.29,5500,219,7095,282.51,15521.424999999999,20022.63825,10021.424999999999,619,798.51,5]
[843,15063,"D",13,null,"DBC",4,54,"B","B",0.78,2200,88,1716,68.64,2500,1950,300,99.700897308075781,77.766699900299116,2]
[844,15064,"D",13,null,"DBC",4,48,"B","B",0.61,2200,88,1342,53.68,2500,1525,300,99.700897308075781,60.817547357926223,2]
[845,15065,"D",13,null,"MD",4,55,"A","A",0.79,5500,219,4345,173.01000000000002,10757.174999999999,8498.1682500000006,5257.1749999999993,429,338.91,3]
[846,15066,"D",13,null,"MD",4,62,"A","A",1.01,5500,219,5555,221.19,5698,5754.9800000000005,198,227.23828514456631,229.51066799601196,2]
[847,15067,"D",13,null,"MD",4,60,"A","A",0.95,5500,219,5225,208.04999999999998,5649,5366.55,149,225.28414755732803,214.01994017946163,2]
[848,15068,"D",13,null,"MD",4,57,"B","B",0.85,4000,160,3400,136,4198,3568.2999999999997,198,167.41774675972084,142.30508474576271,2]
[849,15069,"D",13,null,"MD",5,56,"A","A",1.03,5500,219,5665,225.57,5693,5863.79,193,227.03888334995017,233.85004985044867,3]
[850,15070,"D",13,null,"MD",7.9,73,"A","A",2.77,5500,219,15235,606.63,11509.424999999999,31881.107249999997,6009.4249999999993,459,1271.43,4]
[851,15071,"D",13,null,"MD",7.8,82,"II","A",3.44,7000,279,24080,959.76,15772.174999999999,54256.281999999999,8772.1749999999993,629,2163.7599999999998,4]
[852,15072,"D",13,null,"MD",8,71,"A","A",2.65,5500,219,14575,580.35,13766.174999999999,36480.363749999997,8266.1749999999993,549,1454.85,5]
[853,15073,"D",13,null,"MD",8,69,"A","A",2.5,5500,219,13750,547.5,13264.674999999999,33161.6875,7764.6749999999993,529,1322.5,5]
[854,15074,"D",13,null,"MD",6,62,"B","A",1.52,4000,160,6080,243.2,4520,6870.4,520,180.25922233300099,273.99401794616153,2]
[855,15075,"D",13,null,"MD",7.9,66,"A","A",2.2599999999999998,5500,219,12429.999999999998,494.93999999999994,15521.424999999999,35078.420499999993,10021.424999999999,619,1398.9399999999998,4]
[856,15076,"D",13,null,"MD",6.9,62,"B","A",1.74,4000,160,6960,278.39999999999998,4650,8091,650,185.44366899302094,322.67198404785643,2]
[857,15077,"D",30,null,"DB",7.5,39,"C","C",0.75,3000,120,2250,90,9001.9249999999993,6751.4437499999995,6001.9249999999993,359,269.25,2]
[858,15078,"D",30,null,"DB",6.6,42,"B","B",0.77,6000,239,4620,184.03,11434.199999999999,8804.3339999999989,5434.1999999999989,455.99999999999994,351.11999999999995,2]
[859,15079,"D",30,null,"DB",8.8000000000000007,40,"A","A",0.93,8000,319,7440,296.67,12687.949999999999,11799.7935,4687.9499999999989,505.99999999999994,470.58,2]
[860,15080,"D",30,null,"DB",5.8,51,"B","B",1.01,7500,299,7575,301.99,11434.199999999999,11548.541999999999,3934.1999999999989,455.99999999999994,460.55999999999995,3]
[861,15081,"D",30,null,"DB",5.6,54,"B","B",1.0900000000000001,7500,299,8175.0000000000009,325.91000000000003,10180.449999999999,11096.690499999999,2680.4499999999989,405.99999999999994,442.53999999999996,2]
[862,15082,"D",30,null,"DB",4.5,41,"D","C",0.5,2500,100,1250,50,"NEVYDRAŽENO","NEVYDRAŽENO",-850,"NEVYDRAŽENO","NEVYDRAŽENO",1]
[863,15083,"D",30,null,"DB",4,62,"C","B",1.03,5000,199,5150,204.97,7798.3249999999998,8032.2747499999996,2798.3249999999998,311,320.33,2]
[864,15084,"D",30,null,"DB",3.3,48,"B","B",0.51,6000,239,3060,121.89,"NEVYDRAŽENO","NEVYDRAŽENO",-2850,"NEVYDRAŽENO","NEVYDRAŽENO",1]
[865,15085,"D",30,null,"DB",5.2,50,"D","C",0.87,3200,128,2784,111.36,7698.0249999999996,6697.2817500000001,4498.0249999999996,307,267.08999999999997,2]
[866,15086,"D",30,null,"DB",4,81,"C","A",1.78,5000,199,8900,354.22,5200,9256,200,207.37786640079761,369.13260219341976,2]
[867,15087,"D",30,null,"DB",3.2,61,"C","B",0.8,5000,199,4000,159.20000000000002,"NEVYDRAŽENO","NEVYDRAŽENO",-1850,"NEVYDRAŽENO","NEVYDRAŽENO",1]
[868,15088,"D",30,null,"DB",4.4000000000000004,74,"D","B",1.63,3200,128,5216,208.64,5917.7,9645.8509999999987,2717.7,236,384.67999999999995,3]
[869,15089,"D",30,null,"DB",6.1,68,"B","A",1.9,7500,299,14250,568.1,"NEVYDRAŽENO","NEVYDRAŽENO",-1050,"NEVYDRAŽENO","NEVYDRAŽENO",1]
[870,15090,"D",48,null,"DB",8.6999999999999993,59,"A","A",2.0299999999999998,10000,399,20299.999999999996,809.96999999999991,20787.174999999999,42197.965249999994,10787.174999999999,829,1682.87,5]
[871,15091,"D",48,null,"DB",8.1999999999999993,42,"A","A",0.95,8000,319,7600,303.05,13665.875,12982.581249999999,5665.875,545,517.75,4]
[872,15092,"D",48,null,"DB",6.9,51,"A","A",1.2,10000,399,12000,478.79999999999995,18530.424999999999,22236.51,8530.4249999999993,739,886.8,4]
[873,15093,"D",48,null,"DB",5.4,50,"A","A",0.9,10000,399,9000,359.1,18781.174999999999,16903.057499999999,8781.1749999999993,749,674.1,4]
[874,15094,"D",48,null,"DB",8.6999999999999993,42,"A","A",1.01,8000,319,8080,322.19,13941.699999999999,14081.116999999998,5941.6999999999989,556,561.56000000000006,3]
[875,15095,"D",48,null,"DB",4,53,"A","A",0.75,10000,399,7500,299.25,16173.375,12130.03125,6173.375,645,483.75,3]
[876,15096,"D",48,null,"DB",4.3,45,"A","A",0.57999999999999996,8000,319,4640,185.01999999999998,13490.35,7824.4029999999993,5490.35,538,312.03999999999996,3]
[877,15097,"D",48,null,"DB",4.5999999999999996,45,"A","A",0.62,8000,319,4960,197.78,13941.699999999999,8643.8539999999994,5941.6999999999989,556,344.71999999999997,2]
[878,15098,"D",48,null,"DB",6.7,42,"A","A",0.78,8000,319,6240,248.82000000000002,13440.199999999999,10483.356,5440.1999999999989,536,418.08000000000004,2]
[879,15099,"D",36,null,"DB",10.1,74,"B","A",3.74,7500,299,28050,1118.26,35681.724999999999,133449.65150000001,28181.724999999999,1423,5322.02,7]
[880,15100,"D",36,null,"DB",11.6,54,"II","A",2.2599999999999998,12000,479,27119.999999999996,1082.54,27858.325000000001,62959.814499999993,15858.325000000001,1111,2510.8599999999997,8]
[881,15101,"D",36,null,"DB",11.1,56,"B","B",2.33,7500,299,17475,696.67000000000007,15122,35234.26,7622,603.07078763708876,1405.1549351944168,4]
[882,15102,"D",36,null,"DB",11.1,67,"A","A",3.36,10000,399,33600,1340.6399999999999,38339.674999999996,128821.30799999998,28339.674999999996,1528.9999999999998,5137.4399999999987,8]
[883,15103,"D",36,null,"DB",10.5,70,"II","A",3.47,12000,479,41640,1662.13,28058.924999999999,97364.469750000004,16058.924999999999,1119,3882.9300000000003,6]
[884,15104,"D",36,null,"DB",12,52,"II","A",2.16,12000,479,25920,1034.6400000000001,25501.274999999998,55082.754000000001,13501.274999999998,1016.9999999999999,2196.7199999999998,7]
[885,15105,"D",36,null,"DB",12,51,"II","A",2.08,12000,479,24960,996.32,16775.174999999999,34892.364000000001,4775.1749999999993,669,1391.52,4]
[886,15106,"D",30,null,"DB",3.2,47,"B","B",0.47,6000,239,2820,112.33,"NEVYDRAŽENO","NEVYDRAŽENO",-3450,"NEVYDRAŽENO","NEVYDRAŽENO",1]
[887,15107,"D",30,null,"DB",3.4,44,"C","C",0.44,4000,160,1760,70.400000000000006,"NEVYDRAŽENO","NEVYDRAŽENO",-1850,"NEVYDRAŽENO","NEVYDRAŽENO",1]
[888,15108,"D",30,null,"DB",2.4,40,"D","C",0.25,2500,100,625,25,"NEVYDRAŽENO","NEVYDRAŽENO",-1100,"NEVYDRAŽENO","NEVYDRAŽENO",1]
[889,15109,"D",30,null,"DB",3.2,43,"C","C",0.39,4000,160,1560,62.400000000000006,"NEVYDRAŽENO","NEVYDRAŽENO",-1850,"NEVYDRAŽENO","NEVYDRAŽENO",1]
[890,15110,"D",30,null,"DB",3.2,69,"II","A",1.03,12000,479,12360,493.37,25375.899999999998,26137.177,13375.899999999998,1011.9999999999999,1042.3599999999999,3]
[891,15111,"D",30,null,"DB",4,67,"C","B",1.21,5000,199,6050,240.79,13122,15877.619999999999,8122,523.31006979062818,633.20518444666004,2]
[892,15112,"D",30,null,"DB",4.0999999999999996,46,"D","C",0.57999999999999996,2500,100,1450,57.999999999999993,"NEVYDRAŽENO","NEVYDRAŽENO",-1100,"NEVYDRAŽENO","NEVYDRAŽENO",1]
[893,15113,"D",30,null,"DB",4.2,46,"B","B",0.59,6000,239,3540,141.01,"NEVYDRAŽENO","NEVYDRAŽENO",-2088.3000000000002,"NEVYDRAŽENO","NEVYDRAŽENO",2]
[894,15114,"D",30,null,"DB",2.9,51,"B","B",0.5,7500,299,3750,149.5,8174.45,4087.2249999999999,674.44999999999982,326,163,2]
[895,15115,"E",56,null,"DB",4,52,"C","C",0.72,5000,199,3600,143.28,"NEVYDRAŽENO","NEVYDRAŽENO",-3800,"NEVYDRAŽENO","NEVYDRAŽENO",1]
[896,15116,"E",56,null,"DB",3,56,"D","C",0.63,3200,128,2016,80.64,"NEVYDRAŽENO","NEVYDRAŽENO",-550,"NEVYDRAŽENO","NEVYDRAŽENO",1]
[897,15117,"E",56,null,"DB",4,37,"D","C",0.36,1500,60,540,21.599999999999998,1650,594,150,65.802592223330009,23.688933200398804,1]
[898,15118,"E",56,null,"DB",4,47,"C","C",0.59,4000,160,2360,94.399999999999991,"NEVYDRAŽENO","NEVYDRAŽENO",-1150,"NEVYDRAŽENO","NEVYDRAŽENO",1]
[899,15119,"E",56,null,"DB",3.3,44,"D","C",0.42,2500,100,1050,42,"NEVYDRAŽENO","NEVYDRAŽENO",-650,"NEVYDRAŽENO","NEVYDRAŽENO",1]
[900,15120,"E",56,null,"DB",2.5,37,"D","C",0.22,1500,60,330,13.2,1650,363,150,65.802592223330009,14.476570289132603,1]
[901,15121,"E",56,null,"DB",4,31,"D","C",0.25,1500,60,375,15,1650,412.5,150,65.802592223330009,16.450648055832502,1]
[902,15122,"E",56,null,"JS",4,30,"D","C",0.23,1400,56,322,12.88,"NEVYDRAŽENO","NEVYDRAŽENO",-150,"NEVYDRAŽENO","NEVYDRAŽENO",1]
[903,15123,"E",56,null,"DB",3,30,"D","C",0.17,1500,60,255.00000000000003,10.200000000000001,"NEVYDRAŽENO","NEVYDRAŽENO",-50,"NEVYDRAŽENO","NEVYDRAŽENO",1]
[904,15124,"E",56,null,"DB",3.6,38,"D","C",0.34,1500,60,510.00000000000006,20.400000000000002,"NEVYDRAŽENO","NEVYDRAŽENO",-50,"NEVYDRAŽENO","NEVYDRAŽENO",1]
[905,15125,"E",56,null,"DB",4,37,"D","C",0.36,1500,60,540,21.599999999999998,"NEVYDRAŽENO","NEVYDRAŽENO",-50,"NEVYDRAŽENO","NEVYDRAŽENO",1]
[906,15126,"E",56,null,"JS",3.9,31,"D","C",0.24,1400,56,336,13.44,"NEVYDRAŽENO","NEVYDRAŽENO",-150,"NEVYDRAŽENO","NEVYDRAŽENO",1]
[907,15127,"E",56,null,"DB",3,31,"C","C",0.19,3000,120,570,22.8,"NEVYDRAŽENO","NEVYDRAŽENO",-1550,"NEVYDRAŽENO","NEVYDRAŽENO",1]
[908,15128,"E",56,null,"DB",4,33,"D","C",0.28000000000000003,1500,60,420.00000000000006,16.8,"NEVYDRAŽENO","NEVYDRAŽENO",-50,"NEVYDRAŽENO","NEVYDRAŽENO",1]
[909,15129,"E",56,null,"DB",4,34,"D","C",0.3,1500,60,450,18,"NEVYDRAŽENO","NEVYDRAŽENO",-50,"NEVYDRAŽENO","NEVYDRAŽENO",1]
[910,15130,"E",56,null,"DB",4,33,"D","C",0.28000000000000003,1500,60,420.00000000000006,16.8,"NEVYDRAŽENO","NEVYDRAŽENO",-50,"NEVYDRAŽENO","NEVYDRAŽENO",1]
[911,15131,"E",56,null,"DB",4,38,"D","C",0.38,1500,60,570,22.8,"NEVYDRAŽENO","NEVYDRAŽENO",-50,"NEVYDRAŽENO","NEVYDRAŽENO",1]
[912,15132,"E",56,null,"DB",4,38,"D","C",0.38,1500,60,570,22.8,"NEVYDRAŽENO","NEVYDRAŽENO",-50,"NEVYDRAŽENO","NEVYDRAŽENO",1]
[913,15133,"E",56,null,"DB",4,36,"D","C",0.34,1500,60,510.00000000000006,20.400000000000002,"NEVYDRAŽENO","NEVYDRAŽENO",-50,"NEVYDRAŽENO","NEVYDRAŽENO",1]
[914,15134,"E",56,null,"DB",4,31,"C","C",0.25,3000,120,750,30,"NEVYDRAŽENO","NEVYDRAŽENO",-1800,"NEVYDRAŽENO","NEVYDRAŽENO",1]
[915,15135,"E",16,15,"DB",4,55,"B","B",0.81,7500,299,6075,242.19000000000003,8650,7006.5000000000009,1150,344.96510468594221,279.42173479561319,1]
[916,15136,"E",16,15,"DB",4,51,"D","C",0.69,3200,128,2208,88.32,1850,1276.5,-1350,73.778664007976076,50.907278165503492,2]
[917,15137,"E",16,15,"DB",4,57,"D","C",0.87,3200,128,2784,111.36,6450,5611.5,3250,257.22831505483549,223.78863409770688,4]
[918,15138,"E",16,15,"DB",4,52,"II","A",0.72,12000,479,8640,344.88,8850,6372,-3150,352.94117647058823,254.11764705882351,2]
[919,15139,"E",16,15,"DB",3,41,"C","C",0.33,4000,160,1320,52.800000000000004,3150,1039.5,-850,125.62313060817547,41.455633100697909,1]
[920,15140,"E",16,15,"DB",4,50,"B","B",0.67,7500,299,5025,200.33,8550,5728.5,1050,340.97706879361914,228.45463609172484,1]
[921,15141,"E",16,15,"DB",4,45,"D","C",0.54,2500,100,1350,54,6450,3483.0000000000005,3950,257.22831505483549,138.90329012961118,2]
[922,15142,"E",16,15,"DB",6,47,"C","C",0.88,4000,160,3520,140.80000000000001,1200,1056,-2800,47.85643070787637,42.113659022931209,1]
[923,15143,"E",16,15,"DB",5.9,42,"D","C",0.69,2500,100,1724.9999999999998,69,2300,1586.9999999999998,-200,91.724825523429715,63.290129611166499,1]
[924,15144,"E",16,15,"DB",6,44,"C","C",0.77,4000,160,3080,123.2,6450,4966.5,2450,257.22831505483549,198.06580259222332,2]
[925,15145,"E",16,15,"DB",4,70,"D","B",1.32,3200,128,4224,168.96,2650,3498,-550,105.68295114656033,139.50149551345964,1]
[926,15146,"E",16,15,"DB",4,71,"D","B",1.36,3200,128,4352,174.08,2650,3604.0000000000005,-550,105.68295114656033,143.72881355932205,2]
[927,15147,"E",16,15,"DB",3.9,76,"D","B",1.52,3200,128,4864,194.56,6450,9804,3250,257.22831505483549,390.98703888334995,3]
[928,15148,"E",16,15,"DB",4,43,"D","C",0.49,2500,100,1225,49,2150,1053.5,-350,85.742771684945168,42.013958125623134,1]
[929,15149,"E",16,15,"DB",4,50,"B","B",0.67,7500,299,5025,200.33,6450,4321.5,-1050,257.22831505483549,172.34297108673979,1]
[930,15150,"E",16,15,"DB",4,51,"D","C",0.69,3200,128,2208,88.32,2150,1483.4999999999998,-1050,85.742771684945168,59.162512462612163,1]
[931,15151,"E",20,10,"DB",4.2,47,"A","A",0.62,8000,319,4960,197.78,12938.699999999999,8021.9939999999997,4938.6999999999989,516,319.92,2]
[932,15152,"E",20,10,"DB",4,62,"II","A",1.03,12000,479,12360,493.37,15122,15575.66,3122,603.07078763708876,621.16291126620149,3]
[933,15153,"E",20,10,"DB",4.9000000000000004,49,"II","A",0.78,10000,399,7800,311.22000000000003,18781.174999999999,14649.316500000001,8781.1749999999993,749,584.22,5]
[934,15154,"E",20,10,"DB",4.3,60,"A","A",1.04,10000,399,10400,414.96000000000004,15122,15726.880000000001,5122,603.07078763708876,627.19361914257229,4]
[935,15155,"E",20,10,"DB",4,52,"B","B",0.72,7500,299,5400,215.28,6450,4644,-1050,257.22831505483549,185.20438683948154,1]
[936,15156,"E",20,10,"DB",4.0999999999999996,56,"C","C",0.86,5000,199,4300,171.14,6450,5547,1450,257.22831505483549,221.21635094715853,1]
[937,15157,"E",20,10,"DB",7.9,43,"A","A",0.96,8000,319,7680,306.24,13716.025,13167.384,5716.0249999999996,547,525.12,4]
[938,15158,"E",20,10,"DB",6.9,59,"II","A",1.61,12000,479,19320,771.19,30415.974999999999,48969.719750000004,18415.974999999999,1213,1952.93,6]
[939,15159,"E",20,10,"DB",7.6,63,"A","A",2.0299999999999998,10000,399,20299.999999999996,809.96999999999991,15345.9,31152.176999999996,5345.9,612,1242.3599999999999,5]
[940,15160,"E",20,10,"DB",8,49,"A","A",1.28,8000,319,10240,408.32,13615.725,17428.128000000001,5615.7250000000004,543,695.04,4]
[941,15161,"E",20,10,"DB",6.4,50,"A","A",1.07,10000,399,10700,426.93,15220.525,16285.96175,5220.5249999999996,607,649.49,4]
[942,15162,"E",20,10,"DB",6.7,48,"A","A",1.03,8000,319,8240,328.57,13440.199999999999,13843.405999999999,5440.1999999999989,536,552.08000000000004,4]
[943,15163,"E",20,10,"DB",5.2,63,"C","B",1.39,5000,199,6949.9999999999991,276.60999999999996,24147.224999999999,33564.642749999999,19147.224999999999,963,1338.57,6]
[944,15164,"E",20,10,"DB",5.4,82,"A","A",2.46,10000,399,24600,981.54,15122,37200.120000000003,5122,603.07078763708876,1483.5541375872383,4]
[945,15165,"E",20,10,"DB",5.3,50,"A","A",0.88,10000,399,8800,351.12,13440.199999999999,11827.375999999998,3440.1999999999989,536,471.68,4]
[946,15166,"E",20,10,"DB",5.7,46,"II","A",0.8,10000,399,8000,319.20000000000005,13941.699999999999,11153.36,3941.6999999999989,556,444.8,3]
[947,15167,"E",20,10,"DB",4.5,47,"A","A",0.66,8000,319,5280,210.54000000000002,16424.125,10839.922500000001,8424.125,655,432.3,3]
[948,15168,"E",20,10,"DB",3.8,66,"B","A",1.1100000000000001,7500,299,8325,331.89000000000004,6450,7159.5000000000009,-1050,257.22831505483549,285.52342971086745,1]
[949,15169,"E",20,10,"DB",4.7,52,"II","A",0.85,12000,479,10200,407.15,20360.899999999998,17306.764999999999,8360.8999999999978,811.99999999999989,690.19999999999993,4]
[950,15170,"E",20,10,"DB",4,55,"D","C",0.81,3200,128,2592,103.68,2850,2308.5,-350,113.65902293120638,92.063808574277175,2]
[951,15171,"E",20,10,"DB",4,61,"C","B",1,5000,199,5000,199,6450,6450,1450,257.22831505483549,257.22831505483549,2]
[952,15172,"E",20,10,"DB",6.2,41,"C","C",0.69,4000,160,2760,110.39999999999999,8074.15,5571.1634999999997,4074.1499999999996,322,222.17999999999998,3]
[953,15173,"E",55,null,"DB",4,101,"D","A",2.78,3200,128,8896,355.84,6536,18170.079999999998,3336,260.65802592223332,724.62931206380858,4]
[954,15174,"E",55,null,"DB",4,98,"D","A",2.61,3200,128,8352,334.08,6100,15921,2900,243.27018943170489,634.93519441674971,3]
[955,15175,"E",27,null,"DB",6,37,"A","B",0.54,5500,219,2970,118.26,11434.199999999999,6174.4679999999998,5934.1999999999989,455.99999999999994,246.23999999999998,2]
[956,15176,"E",27,null,"DB",5,38,"B","C",0.47,4500,179,2115,84.13,6450,3031.5,1950,257.22831505483549,120.89730807577267,1]
[957,15177,"E",27,null,"DB",5,40,"B","B",0.53,6000,239,3180,126.67,11434.199999999999,6060.1259999999993,5434.1999999999989,455.99999999999994,241.67999999999998,2]
[958,15178,"E",27,null,"DB",5,36,"B","C",0.42,4500,179,1890,75.179999999999993,11434.199999999999,4802.3639999999996,6934.1999999999989,455.99999999999994,191.51999999999998,3]
[959,15179,"E",27,null,"DB",6,39,"B","C",0.6,4500,179,2700,107.39999999999999,6450,3870,1950,257.22831505483549,154.3369890329013,1]
[960,15180,"E",27,null,"DB",6,41,"A","A",0.66,8000,319,5280,210.54000000000002,14142.3,9333.9179999999997,6142.2999999999993,564,372.24,3]
[961,15181,"E",27,null,"DB",5,37,"B","C",0.45,4500,179,2025,80.55,6450,2902.5,1950,257.22831505483549,115.75274177467597,2]
[962,15182,"E",27,null,"DB",5,41,"B","B",0.55000000000000004,6000,239,3300.0000000000005,131.45000000000002,14142.3,7778.2650000000003,8142.2999999999993,564,310.20000000000005,4]
[963,15183,"E",27,null,"DB",5,40,"D","C",0.53,2500,100,1325,53,6450,3418.5,3950,257.22831505483549,136.33100697906281,4]
[964,15184,"E",27,null,"DB",5,41,"C","C",0.55000000000000004,4000,160,2200,88,7672.95,4220.1225000000004,3672.95,306,168.3,2]
[965,15185,"E",27,null,"DB",6,42,"II","A",0.7,10000,399,7000,279.29999999999995,14518.424999999999,10162.897499999999,4518.4249999999993,579,405.29999999999995,4]
[966,15186,"E",27,null,"DB",6,38,"B","C",0.56999999999999995,4500,179,2565,102.02999999999999,8050,4588.5,3550,321.03688933200402,182.99102691924227,2]
[967,15187,"E",27,null,"DB",6,38,"B","C",0.56999999999999995,4500,179,2565,102.02999999999999,10180.449999999999,5802.856499999999,5680.4499999999989,405.99999999999994,231.41999999999996,2]
[968,15188,"E",27,null,"DB",6,39,"A","B",0.6,5500,219,3300,131.4,13013.924999999999,7808.3549999999996,7513.9249999999993,519,311.39999999999998,4]
[969,15189,"E",27,null,"DB",5,39,"A","B",0.5,5500,219,2750,109.5,12186.449999999999,6093.2249999999995,6686.4499999999989,485.99999999999994,242.99999999999997,4]
[970,15190,"E",27,null,"DB",5,43,"B","B",0.61,6000,239,3660,145.79,12687.949999999999,7739.6494999999995,6687.9499999999989,505.99999999999994,308.65999999999997,3]
[971,15191,"E",27,null,"DB",6,36,"A","B",0.51,5500,219,2805,111.69,12186.449999999999,6215.0894999999991,6686.4499999999989,485.99999999999994,247.85999999999999,3]
[972,15192,"E",27,null,"DB",5,41,"D","C",0.55000000000000004,2500,100,1375,55.000000000000007,6644.875,3654.6812500000001,4144.875,265,145.75,3]
[973,15193,"E",18,null,"DB",6,60,"II","A",1.45,12000,479,17400,694.55,31168.224999999999,45193.926249999997,19168.224999999999,1243,1802.35,6]
[974,15194,"E",18,null,"DB",6,40,"A","A",0.63,8000,319,5040,200.97,13440.199999999999,8467.3259999999991,5440.1999999999989,536,337.68,3]
[975,15195,"E",18,null,"DB",6,42,"A","A",0.7,8000,319,5600,223.29999999999998,13440.199999999999,9408.14,5440.1999999999989,536,375.2,4]
[976,15196,"E",18,null,"DB",5,43,"A","A",0.61,8000,319,4880,194.59,13440.199999999999,8198.521999999999,5440.1999999999989,536,326.95999999999998,3]
[977,15197,"E",18,null,"DB",4,51,"II","A",0.69,12000,479,8280,330.51,15122,10434.179999999998,3122,603.07078763708876,416.11884346959118,3]
[978,15198,"E",18,null,"DB",5,55,"B","B",1.01,7500,299,7575,301.99,21639.724999999999,21856.12225,14139.724999999999,863,871.63,7]
[979,15199,"E",18,null,"DB",6,54,"B","B",1.17,7500,299,8775,349.83,17025.924999999999,19920.332249999999,9525.9249999999993,679,794.43,5]
[980,15200,"E",18,null,"DB",5,42,"B","B",0.57999999999999996,6000,239,3479.9999999999995,138.62,13264.674999999999,7693.5114999999987,7264.6749999999993,529,306.82,4]
[981,15201,"E",18,null,"DB",5,49,"A","A",0.8,8000,319,6400,255.20000000000002,16499.349999999999,13199.48,8499.3499999999985,658,526.4,5]
[982,15202,"E",18,null,"DB",5,49,"II","A",0.8,10000,399,8000,319.20000000000005,19382.974999999999,15506.38,9382.9749999999985,773,618.40000000000009,7]
[983,15203,"E",18,null,"DB",7.9,55,"II","A",1.6,12000,479,19200,766.40000000000009,15122,24195.200000000001,3122,603.07078763708876,964.91326021934208,4]
[984,15204,"E",18,null,"DB",4,63,"II","A",1.07,12000,479,12840,512.53000000000009,17522,18748.54,5522,698.7836490528415,747.6985044865404,4]
[985,15205,"E",18,null,"MD",4,57,"A","A",0.85,5500,219,4675,186.15,5692,4838.2,192,226.99900299102691,192.94915254237287,3]
[986,15206,"E",18,null,"MD",4,67,"A","A",1.18,5500,219,6490,258.41999999999996,5693,6717.74,193,227.03888334995017,267.90588235294121,4]
[987,15207,"E",18,null,"MD",4,43,"B","B",0.48,4000,160,1920,76.8,4157,1995.36,157,165.78265204386841,79.57567298105684,3]
[988,15208,"E",18,null,"MD",4,51,"A","A",0.68,5500,219,3740.0000000000005,148.92000000000002,5647,3839.9600000000005,147,225.20438683948157,153.13898305084749,4]
[989,15209,"E",18,null,"MD",4,53,"C","C",0.74,3000,120,2220,88.8,3154,2333.96,154,125.7826520438684,93.079162512462617,3]
[990,15210,"E",18,null,"MD",4,58,"B","B",0.88,4000,160,3520,140.80000000000001,4510,3968.8,510,179.86041874376869,158.27716849451645,4]
[991,15211,"E",18,null,"MD",4,63,"B","A",1.04,4000,160,4160,166.4,4121,4285.84,121,164.34695912263211,170.9208374875374,3]
[992,15212,"E",18,null,"MD",4,62,"A","A",1.01,5500,219,5555,221.19,5666,5722.66,166,225.96211365902295,228.22173479561317,3]
[993,15213,"E",11,null,"MD",4.0999999999999996,57,"B","B",0.88,4000,160,3520,140.80000000000001,4510,3968.8,510,179.86041874376869,158.27716849451645,3]
[994,15214,"E",11,null,"MD",4.0999999999999996,49,"B","B",0.65,4000,160,2600,104,4510,2931.5,510,179.86041874376869,116.90927218344966,3]
[995,15215,"E",11,null,"MD",4.0999999999999996,55,"B","B",0.81,4000,160,3240,129.60000000000002,4510,3653.1000000000004,510,179.86041874376869,145.68693918245265,3]
[996,15216,"E",11,null,"MD",4.0999999999999996,72,"A","A",1.4,5500,219,7699.9999999999991,306.59999999999997,5200,7279.9999999999991,-300,207.37786640079761,290.32901296111663,2]
[997,15217,"E",11,null,"MD",4.0999999999999996,61,"B","A",1,4000,160,4000,160,4510,4510,510,179.86041874376869,179.86041874376869,3]
[998,15218,"E",11,null,"MD",4.0999999999999996,50,"B","B",0.67,4000,160,2680,107.2,4510,3021.7000000000003,510,179.86041874376869,120.50648055832502,3]
[999,15219,"E",11,null,"MD",4.0999999999999996,46,"B","B",0.56999999999999995,4000,160,2280,91.199999999999989,4510,2570.6999999999998,510,179.86041874376869,102.52043868394814,3]
[1000,15220,"E",11,null,"MD",4.0999999999999996,49,"B","B",0.65,4000,160,2600,104,4510,2931.5,510,179.86041874376869,116.90927218344966,3]
[1001,15221,"E",11,null,"MD",4.0999999999999996,55,"B","B",0.81,4000,160,3240,129.60000000000002,4510,3653.1000000000004,510,179.86041874376869,145.68693918245265,3]
[1002,15222,"E",11,null,"MD",4.0999999999999996,59,"B","B",0.94,4000,160,3760,150.39999999999998,4510,4239.3999999999996,510,179.86041874376869,169.06879361914255,3]
[1003,15223,"E",11,null,"MD",4.0999999999999996,49,"B","B",0.65,4000,160,2600,104,4510,2931.5,510,179.86041874376869,116.90927218344966,3]
[1004,15224,"E",11,null,"MD",4.0999999999999996,56,"B","B",0.84,4000,160,3360,134.4,4510,3788.3999999999996,510,179.86041874376869,151.08275174476569,3]
[1005,15225,"E",11,null,"MD",4.0999999999999996,51,"A","A",0.7,5500,219,3849.9999999999995,153.29999999999998,5010,3507,-490,199.80059820538386,139.86041874376869,3]
[1006,15226,"E",11,null,"MD",4.0999999999999996,54,"A","A",0.78,5500,219,4290,170.82,5010,3907.8,-490,199.80059820538386,155.84446660019941,3]
[1007,15227,"E",11,null,"MD",4.0999999999999996,50,"A","A",0.67,5500,219,3685,146.73000000000002,5010,3356.7000000000003,-490,199.80059820538386,133.86640079760718,3]
[1008,15228,"E",11,null,"MD",4.0999999999999996,57,"A","A",0.88,5500,219,4840,192.72,5510,4848.8,10,219.74077766699901,193.37188434695912,3]
[1009,15229,"E",11,null,"MD",4.0999999999999996,61,"A","A",1,5500,219,5500,219,4650,4650,-850,185.44366899302094,185.44366899302094,2]
[1010,15230,"E",11,null,"MD",4.0999999999999996,50,"B","B",0.67,4000,160,2680,107.2,4510,3021.7000000000003,510,179.86041874376869,120.50648055832502,3]
[1011,15231,"E",11,null,"MD",4.0999999999999996,60,"A","A",0.97,5500,219,5335,212.43,5150,4995.5,-350,205.38384845463611,199.22233300099703,2]
[1012,15232,"E",19,10,"DB",4,56,"C","C",0.84,5000,199,4200,167.16,8550,7182,3550,340.97706879361914,286.42073778664007,1]
[1013,15233,"E",19,10,"DB",3.8,67,"A","A",1.1499999999999999,10000,399,11500,458.84999999999997,7550,8682.5,-2450,301.09670987038885,346.26121635094717,2]
[1014,15234,"E",19,10,"DB",5,72,"II","A",1.75,12000,479,21000,838.25,20552,35966,8552,819.6211365902293,1434.3369890329013,3]
[1015,15235,"E",19,10,"DB",4,45,"B","B",0.54,6000,239,3240,129.06,6450,3483.0000000000005,450,257.22831505483549,138.90329012961118,1]
[1016,15236,"E",19,10,"DB",4,58,"A","A",0.9,10000,399,9000,359.1,13122,11809.800000000001,3122,523.31006979062818,470.97906281156537,2]
[1017,15237,"E",19,10,"DB",4,51,"II","A",0.69,12000,479,8280,330.51,16522,11400.179999999998,4522,658.90329012961115,454.64327018943163,4]
[1018,15238,"E",19,10,"DB",4,47,"B","B",0.59,6000,239,3540,141.01,8550,5044.5,2550,340.97706879361914,201.17647058823528,1]
[1019,15239,"E",19,10,"DB",4,50,"II","A",0.67,12000,479,8040.0000000000009,320.93,15122,10131.74,3122,603.07078763708876,404.05742771684947,3]
[1020,15240,"E",19,10,"DB",3.1,54,"II","A",0.6,12000,479,7200,287.39999999999998,21614.649999999998,12968.789999999999,9614.6499999999978,861.99999999999989,517.19999999999993,4]
[1021,15241,"E",19,10,"DB",3.2,56,"A","A",0.67,10000,399,6700,267.33000000000004,8050,5393.5,-1950,321.03688933200402,215.0947158524427,2]
[1022,15242,"E",19,10,"DB",3.1,46,"B","B",0.43,6000,239,2580,102.77,8050,3461.5,2050,321.03688933200402,138.04586241276172,3]
[1023,15243,"E",19,10,"DB",3,48,"II","A",0.46,10000,399,4600,183.54000000000002,8050,3703,-1950,321.03688933200402,147.67696909272186,2]
[1024,15244,"E",19,10,"DB",3.5,60,"A","A",0.85,10000,399,8500,339.15,17577.575000000001,14940.938749999999,7577.5750000000007,701,595.85,3]
[1025,15245,"E",19,10,"DB",3,64,"II","A",0.83,12000,479,9960,397.57,20636.724999999999,17128.481749999999,8636.7249999999985,823,683.08999999999992,3]
[1026,15246,"E",19,10,"DB",3,52,"B","B",0.54,7500,299,4050.0000000000005,161.46,11409.125,6160.9275000000007,3909.125,455,245.70000000000002,2]
[1027,15247,"E",19,10,"DB",3.2,50,"A","A",0.53,10000,399,5300,211.47,10932.699999999999,5794.3310000000001,932.69999999999891,435.99999999999994,231.07999999999998,2]
[1028,15248,"E",15,15,"MD",4,48,"A","A",0.6,5500,219,3300,131.4,5654,3392.4,154,225.48354935194416,135.29012961116649,4]
[1029,15249,"E",15,15,"MD",4,53,"A","A",0.74,5500,219,4070,162.06,5647,4178.78,147,225.20438683948157,166.65124626121636,2]
[1030,15250,"E",15,15,"MD",4,43,"B","B",0.48,4000,160,1920,76.8,4163,1998.24,163,166.02193419740777,79.690528414755732,2]
[1031,15251,"E",15,15,"DB",7,46,"B","B",0.98,6000,239,5880,234.22,12687.949999999999,12434.190999999999,6687.9499999999989,505.99999999999994,495.87999999999994,3]
[1032,15252,"E",15,15,"DB",4,44,"B","B",0.51,6000,239,3060,121.89,8550,4360.5,2550,340.97706879361914,173.89830508474577,1]
[1033,15253,"E",15,15,"DB",8,54,"II","A",1.56,12000,479,18720,747.24,21138.224999999999,32975.631000000001,9138.2249999999985,843,1315.0800000000002,6]
[1034,15254,"E",15,15,"DB",9,47,"B","B",1.32,6000,239,7920,315.48,12687.949999999999,16748.094000000001,6687.9499999999989,505.99999999999994,667.92,2]
[1035,15255,"E",15,15,"DB",4,43,"B","B",0.49,6000,239,2940,117.11,8550,4189.5,2550,340.97706879361914,167.07876370887337,1]
[1036,15256,"E",15,15,"DB",4,46,"A","A",0.56000000000000005,8000,319,4480,178.64000000000001,16348.9,9155.384,8348.9,652,365.12000000000006,2]
[1037,15257,"E",15,15,"DB",3.1,59,"C","C",0.72,5000,199,3600,143.28,1200,864,-3800,47.85643070787637,34.456630109670982,1]
[1038,15258,"E",15,15,"DB",11.2,49,"II","A",1.79,10000,399,17900,714.21,19188,34346.520000000004,9188,765.2243270189432,1369.7515453639085,5]
[1039,15259,"E",15,15,"DB",3,55,"A","A",0.61,10000,399,6100,243.39,8050,4910.5,-1950,321.03688933200402,195.83250249252245,1]
[1040,15260,"E",15,15,"DB",4,50,"A","A",0.67,10000,399,6700,267.33000000000004,15122,10131.74,5122,603.07078763708876,404.05742771684947,3]
[1041,15261,"E",15,15,"DB",4,44,"A","A",0.51,8000,319,4080,162.69,15220.525,7762.4677499999998,7220.5249999999996,607,309.57,2]
[1042,15262,"E",14,10,"DB",4,65,"B","A",1.1399999999999999,7500,299,8550,340.85999999999996,8550,9747,1050,340.97706879361914,388.7138584247258,2]
[1043,15263,"E",14,10,"DB",4,56,"II","A",0.84,12000,479,10080,402.35999999999996,15122,12702.48,3122,603.07078763708876,506.57946161515451,3]
[1044,15264,"E",14,10,"DB",4,60,"C","B",0.97,5000,199,4850,193.03,6450,6256.5,1450,257.22831505483549,249.51146560319043,1]
[1045,15265,"E",14,10,"DB",4,55,"B","B",0.81,7500,299,6075,242.19000000000003,8550,6925.5000000000009,1050,340.97706879361914,276.19142572283153,1]
[1046,15266,"E",14,10,"DB",4,65,"D","C",1.1399999999999999,3200,128,3647.9999999999995,145.91999999999999,4350,4959,1150,173.47956131605184,197.76669990029907,2]
[1047,15267,"E",14,10,"DB",4,62,"D","C",1.03,3200,128,3296,131.84,6450,6643.5,3250,257.22831505483549,264.94516450648058,2]
[1048,15268,"E",14,10,"DB",4,52,"B","B",0.72,7500,299,5400,215.28,9252.6749999999993,6661.9259999999995,1752.6749999999993,369,265.68,2]
[1049,15269,"E",14,10,"DB",4,56,"B","B",0.84,7500,299,6300,251.16,8550,7182,1050,340.97706879361914,286.42073778664007,1]
[1050,15270,"E",14,10,"DB",4,53,"C","C",0.75,5000,199,3750,149.25,6450,4837.5,1450,257.22831505483549,192.9212362911266,1]
[1051,15271,"E",14,10,"DB",4,55,"A","A",0.81,10000,399,8100.0000000000009,323.19,16522,13382.820000000002,6522,658.90329012961115,533.71166500498509,3]
[1052,15272,"E",14,10,"DB",4,59,"II","A",0.93,12000,479,11160,445.47,17522,16295.460000000001,5522,698.7836490528415,649.86879361914259,3]
[1053,15273,"E",14,10,"DB",4,65,"D","C",1.1399999999999999,3200,128,3647.9999999999995,145.91999999999999,6450,7352.9999999999991,3250,257.22831505483549,293.24027916251242,3]
[1054,15274,"E",14,10,"DB",5,52,"C","C",0.9,5000,199,4500,179.1,6450,5805,1450,257.22831505483549,231.50548354935194,1]
[1055,15275,"E",14,10,"DB",3.9,59,"A","A",0.91,10000,399,9100,363.09000000000003,15122,13761.02,5122,603.07078763708876,548.79441674975078,2]
[1056,15276,"E",14,10,"DB",4,53,"A","A",0.75,10000,399,7500,299.25,16522,12391.5,6522,658.90329012961115,494.17746759720836,3]
[1057,15277,"E",14,10,"DB",4,50,"B","B",0.67,7500,299,5025,200.33,8550,5728.5,1050,340.97706879361914,228.45463609172484,1]
[1058,15278,"E",14,10,"DB",4,51,"A","A",0.69,10000,399,6899.9999999999991,275.31,12122,8364.1799999999985,2122,483.42971086739783,333.56650049850447,3]
[1059,15279,"E",14,10,"DB",4,50,"D","C",0.67,3200,128,2144,85.76,6450,4321.5,3250,257.22831505483549,172.34297108673979,2]
[1060,15280,"E",14,10,"DB",4,55,"A","A",0.81,10000,399,8100.0000000000009,323.19,15220.525,12328.625250000001,5220.5249999999996,607,491.67,3]
[1061,15281,"E",14,10,"DB",4,53,"B","B",0.75,7500,299,5625,224.25,8550,6412.5,1050,340.97706879361914,255.73280159521437,1]
[1062,15282,"E",14,10,"DB",5,52,"B","B",0.9,7500,299,6750,269.10000000000002,6450,5805,-1050,257.22831505483549,231.50548354935194,1]
[1063,15283,"E",14,10,"DB",4,53,"A","A",0.75,10000,399,7500,299.25,13122,9841.5,3122,523.31006979062818,392.48255234297113,2]
[1064,15284,"E",14,10,"DB",4,58,"C","C",0.9,5000,199,4500,179.1,3150,2835,-1850,125.62313060817547,113.06081754735793,1]
[1065,15285,"E",14,10,"DB",4,48,"C","C",0.61,4000,160,2440,97.6,6450,3934.5,2450,257.22831505483549,156.90927218344964,1]
[1066,15286,"E",15,15,"DB",5,45,"B","B",0.67,6000,239,4020.0000000000005,160.13,12186.449999999999,8164.9214999999995,6186.4499999999989,485.99999999999994,325.62,3]
[1067,15287,"E",15,15,"DB",7,45,"B","B",0.94,6000,239,5640,224.66,11434.199999999999,10748.147999999999,5434.1999999999989,455.99999999999994,428.63999999999993,3]
[1068,15288,"E",15,15,"DB",6,53,"C","C",1.1200000000000001,5000,199,5600.0000000000009,222.88000000000002,10180.449999999999,11402.103999999999,5180.4499999999989,405.99999999999994,454.71999999999997,2]
[1069,15289,"E",15,15,"DB",7,50,"A","A",1.17,10000,399,11700,466.83,15122,17692.739999999998,5122,603.07078763708876,705.5928215353938,4]
[1070,15290,"E",15,15,"DB",6,46,"B","B",0.84,6000,239,5040,200.76,8550,7182,2550,340.97706879361914,286.42073778664007,2]
[1071,15291,"E",15,15,"DB",6,46,"A","A",0.84,8000,319,6720,267.95999999999998,13966.775,11732.090999999999,5966.7749999999996,557,467.88,3]
[1072,15292,"E",15,15,"DB",5,45,"B","B",0.67,6000,239,4020.0000000000005,160.13,11434.199999999999,7660.9139999999998,5434.1999999999989,455.99999999999994,305.52,2]
[1073,15293,"E",15,15,"DB",6,43,"B","B",0.73,6000,239,4380,174.47,12186.449999999999,8896.1084999999985,6186.4499999999989,485.99999999999994,354.78,2]
[1074,15294,"E",15,15,"MD",4,45,"B","B",0.53,4000,160,2120,84.800000000000011,4510,2390.3000000000002,510,179.86041874376869,95.326021934197414,3]
[1075,15295,"E",15,15,"MD",4,45,"B","B",0.53,4000,160,2120,84.800000000000011,4250,2252.5,250,169.49152542372883,89.830508474576291,3]
[1076,15296,"E",15,15,"MD",4,46,"B","B",0.55000000000000004,4000,160,2200,88,4210,2315.5,210,167.8963110667996,92.34297108673978,3]
[1077,15297,"E",19,10,"DB",4.4000000000000004,52,"A","A",0.79,10000,399,7900,315.21000000000004,15122,11946.380000000001,5122,603.07078763708876,476.42592223330013,3]
[1078,15298,"E",19,10,"DB",4,43,"A","A",0.49,8000,319,3920,156.31,15120.225,7408.9102499999999,7120.2250000000004,603,295.46999999999997,2]
[1079,15299,"E",19,10,"DB",4,45,"A","A",0.54,8000,319,4320,172.26000000000002,15897.55,8584.6769999999997,7897.5499999999993,634,342.36,2]
[1080,15300,"E",19,10,"DB",5,41,"A","A",0.55000000000000004,8000,319,4400,175.45000000000002,14443.199999999999,7943.76,6443.1999999999989,576,316.8,4]
[1081,15301,"E",19,10,"DB",4.2,46,"B","B",0.59,6000,239,3540,141.01,13941.699999999999,8225.6029999999992,7941.6999999999989,556,328.03999999999996,4]
[1082,15302,"E",19,10,"DB",5.4,55,"A","A",1.0900000000000001,10000,399,10900,434.91,28409.974999999999,30966.872750000002,18409.974999999999,1133,1234.97,7]
[1083,15303,"E",19,10,"DB",5,51,"A","A",0.87,10000,399,8700,347.13,15671.875,13634.53125,5671.875,625,543.75,4]
[1084,15304,"E",19,10,"DB",5,55,"A","A",1.01,10000,399,10100,402.99,15122,15273.22,5122,603.07078763708876,609.10149551345967,4]
[1085,15305,"E",19,10,"DB",7.1,45,"A","A",0.95,8000,319,7600,303.05,13440.199999999999,12768.189999999999,5440.1999999999989,536,509.2,2]
[1086,15306,"E",19,10,"DB",6,56,"II","A",1.26,12000,479,15120,603.54,19282.674999999999,24296.1705,7282.6749999999993,769,968.94,5]
[1087,15307,"E",19,10,"DB",5,48,"A","A",0.77,8000,319,6160,245.63,14493.35,11159.879500000001,6493.35,578,445.06,4]
[1088,15308,"E",19,10,"DB",5,55,"A","A",1.01,10000,399,10100,402.99,13941.699999999999,14081.116999999998,3941.6999999999989,556,561.56000000000006,3]
[1089,15309,"E",19,10,"DB",6,43,"A","A",0.73,8000,319,5840,232.87,13440.199999999999,9811.3459999999995,5440.1999999999989,536,391.28,3]
[1090,15310,"E",19,10,"DB",5,48,"A","A",0.77,8000,319,6160,245.63,15396.05,11854.958499999999,7396.0499999999993,614,472.78000000000003,4]
[1091,15311,"E",19,10,"DB",5,48,"A","A",0.77,8000,319,6160,245.63,13440.199999999999,10348.954,5440.1999999999989,536,412.72,2]
[1092,15312,"E",19,10,"DB",5,52,"A","A",0.9,10000,399,9000,359.1,12687.949999999999,11419.154999999999,2687.9499999999989,505.99999999999994,455.4,2]
[1093,15313,"E",19,10,"DB",5,63,"II","A",1.33,12000,479,15960,637.07000000000005,14693.949999999999,19542.9535,2693.9499999999989,586,779.38,3]
[1094,15314,"E",11,null,"MD",4.0999999999999996,60,"B","A",0.97,4000,160,3880,155.19999999999999,4650,4510.5,650,185.44366899302094,179.88035892323029,3]
[1095,15315,"E",11,null,"MD",4.0999999999999996,68,"B","A",1.25,4000,160,5000,200,4650,5812.5,650,185.44366899302094,231.80458624127618,3]
[1096,15316,"E",11,null,"MD",4.0999999999999996,68,"A","A",1.25,5500,219,6875,273.75,5510,6887.5,10,219.74077766699901,274.67597208374877,3]
[1097,15317,"E",11,null,"MD",4.0999999999999996,55,"B","B",0.81,4000,160,3240,129.60000000000002,4650,3766.5000000000005,650,185.44366899302094,150.20937188434698,3]
[1098,15318,"E",11,null,"MD",4.0999999999999996,52,"B","B",0.73,4000,160,2920,116.8,4650,3394.5,650,185.44366899302094,135.37387836490527,3]
[1099,15319,"E",11,null,"MD",4.0999999999999996,68,"B","A",1.25,4000,160,5000,200,4650,5812.5,650,185.44366899302094,231.80458624127618,3]
[1100,15320,"E",11,null,"MD",4.0999999999999996,60,"A","A",0.97,5500,219,5335,212.43,5250,5092.5,-250,209.37188434695912,203.09072781655036,3]
[1101,15321,"E",11,null,"MD",4.0999999999999996,60,"A","A",0.97,5500,219,5335,212.43,5250,5092.5,-250,209.37188434695912,203.09072781655036,3]
[1102,15322,"E",11,null,"MD",4.0999999999999996,54,"B","B",0.78,4000,160,3120,124.80000000000001,4250,3315,250,169.49152542372883,132.20338983050848,3]
[1103,15323,"E",11,null,"MD",4.0999999999999996,49,"B","B",0.65,4000,160,2600,104,4650,3022.5,650,185.44366899302094,120.53838484546361,3]
[1104,15324,"E",11,null,"MD",4.0999999999999996,59,"A","A",0.94,5500,219,5170,205.85999999999999,4510,4239.3999999999996,-990,179.86041874376869,169.06879361914255,3]
[1105,15325,"E",11,null,"MD",4.0999999999999996,60,"A","A",0.97,5500,219,5335,212.43,5050,4898.5,-450,201.39581256231307,195.35393818544367,3]
[1106,15326,"E",11,null,"MD",4.0999999999999996,51,"A","A",0.7,5500,219,3849.9999999999995,153.29999999999998,5050,3535,-450,201.39581256231307,140.97706879361914,3]
[1107,15327,"E",11,null,"MD",4.0999999999999996,65,"A","A",1.1399999999999999,5500,219,6269.9999999999991,249.65999999999997,4850,5528.9999999999991,-650,193.41974077766702,220.49850448654038,2]
[1108,15328,"E",11,null,"MD",4.0999999999999996,53,"B","B",0.76,4000,160,3040,121.6,4510,3427.6,510,179.86041874376869,136.6939182452642,3]
[1109,15329,"E",11,null,"MD",4.0999999999999996,55,"A","A",0.81,5500,219,4455,177.39000000000001,3900,3159,-1600,155.5333998005982,125.98205383848456,1]
[1110,15330,"E",18,null,"MD",4,54,"A","A",0.77,5500,219,4235,168.63,5674,4368.9800000000005,174,226.28115653040879,174.23649052841478,4]
[1111,15331,"E",18,null,"MD",4,52,"B","B",0.71,4000,160,2840,113.6,4450,3159.5,450,177.46759720837488,126.00199401794616,3]
[1112,15332,"E",18,null,"MD",4,69,"A","A",1.25,5500,219,6875,273.75,6010,7512.5,510,239.68095712861415,299.60119641076767,4]
[1113,15333,"E",18,null,"MD",3,59,"B","B",0.69,4000,160,2760,110.39999999999999,4200,2898,200,167.4975074775673,115.57328015952143,2]
[1114,15334,"E",18,null,"MD",4,50,"A","A",0.66,5500,219,3630,144.54000000000002,5674,3744.84,174,226.28115653040879,149.34556331006982,4]
[1115,15335,"E",18,null,"MD",4,65,"A","A",1.1100000000000001,5500,219,6105.0000000000009,243.09000000000003,5652,6273.72,152,225.40378863409771,250.19820538384849,3]
[1116,15336,"E",18,null,"MD",4,46,"A","A",0.55000000000000004,5500,219,3025.0000000000005,120.45,5663,3114.65,163,225.84247258225324,124.21335992023928,3]
[1117,15337,"E",18,null,"DB",3,61,"II","A",0.75,12000,479,9000,359.25,31168.224999999999,23376.168749999997,19168.224999999999,1243,932.25,5]
[1118,15338,"E",27,null,"DB",5,37,"C","C",0.45,3000,120,1350,54,2150,967.5,-850,85.742771684945168,38.584247258225325,2]
[1119,15339,"E",27,null,"DB",6,38,"B","C",0.56999999999999995,4500,179,2565,102.02999999999999,8050,4588.5,3550,321.03688933200402,182.99102691924227,2]
[1120,15340,"E",27,null,"DB",6,37,"B","C",0.54,4500,179,2430,96.660000000000011,8050,4347,3550,321.03688933200402,173.35992023928219,2]
[1121,15341,"E",27,null,"DB",6,39,"B","C",0.6,4500,179,2700,107.39999999999999,10180.449999999999,6108.2699999999995,5680.4499999999989,405.99999999999994,243.59999999999997,4]
[1122,15342,"E",27,null,"DB",6,37,"B","C",0.54,4500,179,2430,96.660000000000011,10180.449999999999,5497.4430000000002,5680.4499999999989,405.99999999999994,219.23999999999998,4]
[1123,15343,"E",27,null,"DB",5,38,"B","C",0.47,4500,179,2115,84.13,8050,3783.5,3550,321.03688933200402,150.88733798604187,3]
[1124,15344,"E",27,null,"DB",5,42,"C","C",0.57999999999999996,4000,160,2320,92.8,10180.449999999999,5904.6609999999991,6180.4499999999989,405.99999999999994,235.47999999999996,4]
[1125,15345,"E",27,null,"DB",6,42,"A","A",0.7,8000,319,5600,223.29999999999998,14769.174999999999,10338.422499999999,6769.1749999999993,589,412.29999999999995,4]
[1126,15346,"E",27,null,"DB",6,40,"B","B",0.63,6000,239,3780,150.57,12186.449999999999,7677.4634999999989,6186.4499999999989,485.99999999999994,306.17999999999995,2]
[1127,15347,"E",27,null,"DB",6,42,"A","A",0.7,8000,319,5600,223.29999999999998,14418.125,10092.6875,6418.125,575,402.5,3]
[1128,15348,"E",27,null,"DB",6,38,"C","C",0.56999999999999995,3000,120,1709.9999999999998,68.399999999999991,7672.95,4373.5814999999993,4672.95,306,174.42,3]
[1129,15349,"E",27,null,"DB",6,46,"A","A",0.84,8000,319,6720,267.95999999999998,15521.424999999999,13037.996999999999,7521.4249999999993,619,519.96,4]
[1130,15350,"E",27,null,"DB",3,45,"B","B",0.4,6000,239,2400,95.600000000000009,11358.975,4543.59,5358.9750000000004,453,181.20000000000002,2]
[1131,15351,"E",27,null,"DB",3,40,"B","B",0.32,6000,239,1920,76.48,8050,2576,2050,321.03688933200402,102.7318045862413,2]
[1132,15352,"E",27,null,"DB",4,39,"C","C",0.4,3000,120,1200,48,6450,2580,3450,257.22831505483549,102.8913260219342,2]
[1133,15353,"E",27,null,"DB",4,42,"A","A",0.47,8000,319,3760,149.92999999999998,14142.3,6646.8809999999994,6142.2999999999993,564,265.08,3]
[1134,15354,"E",27,null,"DB",4,38,"B","C",0.38,4500,179,1710,68.02,8050,3059,3550,321.03688933200402,121.99401794616153,1]
[1135,15355,"E",27,null,"DB",4,44,"A","A",0.51,8000,319,4080,162.69,15095.15,7698.5264999999999,7095.15,602,307.02,2]
[1136,15356,"E",27,null,"DB",4,45,"B","B",0.54,6000,239,3240,129.06,10431.199999999999,5632.848,4431.1999999999989,415.99999999999994,224.64,2]
[1137,15357,"E",27,null,"DB",4,45,"A","A",0.54,8000,319,4320,172.26000000000002,15170.375,8192.0025000000005,7170.375,605,326.70000000000005,2]
[1138,15358,"E",27,null,"DB",4,46,"A","A",0.56000000000000005,8000,319,4480,178.64000000000001,15145.3,8481.3680000000004,7145.2999999999993,604,338.24,3]
[1139,15359,"E",27,null,"DB",4,49,"A","A",0.64,8000,319,5120,204.16,14443.199999999999,9243.6479999999992,6443.1999999999989,576,368.64,2]
[1140,15360,"E",27,null,"DB",4,41,"C","C",0.44,4000,160,1760,70.400000000000006,8550,3762,4550,340.97706879361914,150.02991026919241,3]
[1141,15361,"E",27,null,"DB",4,42,"A","A",0.47,8000,319,3760,149.92999999999998,13339.9,6269.7529999999997,5339.9,532,250.04,3]
[1142,15362,"E",27,null,"DB",3,38,"D","C",0.28000000000000003,1500,60,420.00000000000006,16.8,1450,406.00000000000006,-50,57.82652043868395,16.191425722831507,2]
[1143,15363,"E",27,null,"DB",3,37,"C","C",0.27,3000,120,810,32.400000000000006,3550,958.50000000000011,550,141.57527417746761,38.225324027916258,2]
[1144,15364,"E",27,null,"DB",3,36,"B","C",0.25,4500,179,1125,44.75,8625.7999999999993,2156.4499999999998,4125.7999999999993,344,86,2]
[1145,15365,"E",27,null,"DB",3,39,"B","C",0.3,4500,179,1350,53.699999999999996,7050,2115,2550,281.15653040877368,84.3469591226321,2]
[1146,15366,"E",27,null,"DB",3,35,"B","C",0.24,4500,179,1080,42.96,7547.5749999999998,1811.4179999999999,3047.5749999999998,301,72.239999999999995,2]
[1147,15367,"E",27,null,"DB",3,48,"C","C",0.46,4000,160,1840,73.600000000000009,9428.1999999999989,4336.9719999999998,5428.1999999999989,375.99999999999994,172.95999999999998,2]
[1148,15368,"E",27,null,"DB",3,41,"C","C",0.33,4000,160,1320,52.800000000000004,6619.8,2184.5340000000001,2619.8000000000002,264,87.12,2]
[1149,15369,"E",27,null,"DB",3,44,"B","B",0.38,6000,239,2280,90.820000000000007,13690.949999999999,5202.5609999999997,7690.9499999999989,546,207.48,2]
[1150,15370,"E",27,null,"DB",3,43,"C","C",0.37,4000,160,1480,59.2,10581.65,3915.2104999999997,6581.65,422,156.13999999999999,2]
[1151,15371,"F",44,null,"DB",4,41,"A","A",0.44,8000,319,3520,140.36000000000001,13690.949999999999,6024.0179999999991,5690.9499999999989,546,240.24,2]
[1152,15372,"F",44,null,"DB",4,41,"B","B",0.44,6000,239,2640,105.16,9628.7999999999993,4236.6719999999996,3628.7999999999993,384,168.96,2]
[1153,15373,"F",44,null,"DB",4,40,"B","B",0.42,6000,239,2520,100.38,8550,3591,2550,340.97706879361914,143.21036889332004,1]
[1154,15374,"F",44,null,"DB",6,36,"B","C",0.51,4500,179,2295,91.29,10180.449999999999,5192.0294999999996,5680.4499999999989,405.99999999999994,207.05999999999997,3]
[1155,15375,"F",44,null,"DB",5.9,36,"B","C",0.5,4500,179,2250,89.5,10180.449999999999,5090.2249999999995,5680.4499999999989,405.99999999999994,202.99999999999997,3]
[1156,15376,"F",44,null,"DB",6,39,"B","C",0.6,4500,179,2700,107.39999999999999,9678.9499999999989,5807.369999999999,5178.9499999999989,385.99999999999994,231.59999999999997,2]
[1157,15377,"F",44,null,"DB",5.9,36,"A","B",0.5,5500,219,2750,109.5,11434.199999999999,5717.0999999999995,5934.1999999999989,455.99999999999994,227.99999999999997,2]
[1158,15378,"F",44,null,"DB",6,33,"B","C",0.42,4500,179,1890,75.179999999999993,6450,2709,1950,257.22831505483549,108.03589232303091,1]
[1159,15379,"F",44,null,"DB",6,41,"C","C",0.66,4000,160,2640,105.60000000000001,8050,5313,4050,321.03688933200402,211.88434695912267,1]
[1160,15380,"F",44,null,"DB",6,43,"A","A",0.73,8000,319,5840,232.87,14342.9,10470.316999999999,6342.9,572,417.56,3]
[1161,15381,"F",44,null,"DB",6,44,"A","A",0.77,8000,319,6160,245.63,13440.199999999999,10348.954,5440.1999999999989,536,412.72,3]
[1162,15382,"F",44,null,"DB",6,39,"B","C",0.6,4500,179,2700,107.39999999999999,10180.449999999999,6108.2699999999995,5680.4499999999989,405.99999999999994,243.59999999999997,3]
[1163,15383,"F",44,null,"DB",6,37,"A","B",0.54,5500,219,2970,118.26,11434.199999999999,6174.4679999999998,5934.1999999999989,455.99999999999994,246.23999999999998,3]
[1164,15384,"F",44,null,"DB",5.9,34,"B","C",0.44,4500,179,1980,78.760000000000005,6450,2838,1950,257.22831505483549,113.18045862412761,2]
[1165,15385,"F",44,null,"DB",6,39,"A","B",0.6,5500,219,3300,131.4,12186.449999999999,7311.869999999999,6686.4499999999989,485.99999999999994,291.59999999999997,3]
[1166,15386,"F",44,null,"DB",6,43,"C","C",0.73,4000,160,2920,116.8,10180.449999999999,7431.7284999999993,6180.4499999999989,405.99999999999994,296.37999999999994,3]
[1167,15387,"F",44,null,"DB",6,45,"B","B",0.8,6000,239,4800,191.20000000000002,10180.449999999999,8144.36,4180.4499999999989,405.99999999999994,324.79999999999995,3]
[1168,15388,"F",44,null,"DB",6,32,"B","C",0.4,4500,179,1800,71.600000000000009,6450,2580,1950,257.22831505483549,102.8913260219342,1]
[1169,15389,"F",44,null,"DB",6,35,"B","C",0.48,4500,179,2160,85.92,6450,3096,1950,257.22831505483549,123.46959122632103,2]
[1170,15390,"F",44,null,"DB",6,43,"A","A",0.73,8000,319,5840,232.87,13440.199999999999,9811.3459999999995,5440.1999999999989,536,391.28,3]
[1171,15391,"F",44,null,"DB",6,38,"B","C",0.56999999999999995,4500,179,2565,102.02999999999999,10180.449999999999,5802.856499999999,5680.4499999999989,405.99999999999994,231.41999999999996,3]
[1172,15392,"F",44,null,"DB",6,44,"B","B",0.77,6000,239,4620,184.03,12687.949999999999,9769.7214999999997,6687.9499999999989,505.99999999999994,389.61999999999995,2]
[1173,15393,"F",44,null,"DB",6,43,"B","B",0.73,6000,239,4380,174.47,13741.1,10031.003000000001,7741.1,548,400.03999999999996,3]
[1174,15394,"F",44,null,"DB",4,51,"A","A",0.69,10000,399,6899.9999999999991,275.31,15122,10434.179999999998,5122,603.07078763708876,416.11884346959118,2]
[1175,15395,"F",44,null,"DB",4,45,"A","A",0.54,8000,319,4320,172.26000000000002,14117.225,7623.3015000000005,6117.2250000000004,563,304.02000000000004,2]
[1176,15396,"F",44,null,"DB",4,46,"B","B",0.56000000000000005,6000,239,3360.0000000000005,133.84,14393.05,8060.1080000000002,8393.0499999999993,574,321.44000000000005,2]
[1177,15397,"F",44,null,"DB",4,41,"A","A",0.44,8000,319,3520,140.36000000000001,14443.199999999999,6355.0079999999998,6443.1999999999989,576,253.44,2]
[1178,15398,"F",44,null,"DB",4,58,"B","B",0.9,7500,299,6750,269.10000000000002,19107.149999999998,17196.434999999998,11607.149999999998,761.99999999999989,685.8,4]
[1179,15399,"F",44,null,"DB",4,51,"II","A",0.69,12000,479,8280,330.51,16522,11400.179999999998,4522,658.90329012961115,454.64327018943163,3]
[1180,15400,"F",44,null,"DB",4,35,"B","C",0.32,4500,179,1440,57.28,5550,1776,1050,221.33599202392821,70.82751744765703,1]
[1181,15401,"F",44,null,"DB",4,45,"A","A",0.54,8000,319,4320,172.26000000000002,8550,4617,550,340.97706879361914,184.12761714855435,1]
[1182,15402,"F",44,null,"DB",4.4000000000000004,39,"B","C",0.44,4500,179,1980,78.760000000000005,10180.449999999999,4479.3979999999992,5680.4499999999989,405.99999999999994,178.64,3]
[1183,15403,"F",44,null,"DB",4.3,37,"C","C",0.39,3000,120,1170,46.800000000000004,7672.95,2992.4504999999999,4672.95,306,119.34,2]
[1184,15404,"F",44,null,"DB",5,46,"C","C",0.7,4000,160,2800,112,7672.95,5371.0649999999996,3672.95,306,214.2,2]
[1185,15405,"F",44,null,"DB",5.3,40,"B","B",0.56000000000000005,6000,239,3360.0000000000005,133.84,10180.449999999999,5701.0519999999997,4180.4499999999989,405.99999999999994,227.35999999999999,2]
[1186,15406,"F",44,null,"DB",5.3,32,"B","C",0.35,4500,179,1575,62.65,6450,2257.5,1950,257.22831505483549,90.029910269192413,1]
[1187,15407,"F",45,null,"DB",3.9,71,"B","A",1.33,7500,299,9975,397.67,6450,8578.5,-1050,257.22831505483549,342.11365902293124,1]
[1188,15408,"F",45,null,"DBC",4,79,"A","A",1.69,2500,100,4225,169,4500,7605,2000,179.46161515453639,303.29012961116649,3]
[1189,15409,"F",45,null,"DB",4,67,"C","B",1.21,5000,199,6050,240.79,6450,7804.5,1450,257.22831505483549,311.24626121635094,1]
[1190,15410,"F",45,null,"DB",6,69,"C","B",1.93,5000,199,9650,384.07,12122,23395.46,7122,483.42971086739783,933.01934197407775,3]
[1191,15411,"F",45,null,"DB",4,60,"C","B",0.97,5000,199,4850,193.03,6450,6256.5,1450,257.22831505483549,249.51146560319043,1]
[1192,15412,"F",45,null,"MD",6,61,"A","A",1.47,5500,219,8085,321.93,6010,8834.7000000000007,510,239.68095712861415,352.33100697906281,3]
[1193,15413,"F",45,null,"DB",6,53,"C","C",1.1200000000000001,5000,199,5600.0000000000009,222.88000000000002,11108.225,12441.212000000001,6108.2250000000004,443,496.16,2]
[1194,15414,"F",45,null,"DB",10,64,"C","B",2.75,5000,199,13750,547.25,2150,5912.5,-2850,85.742771684945168,235.79262213359922,1]
[1195,15415,"F",45,null,"MD",12,51,"A","A",2.0499999999999998,5500,219,11274.999999999998,448.95,6010,12320.499999999998,510,239.68095712861415,491.34596211365897,4]
[1196,15416,"F",45,null,"DB",9.1999999999999993,49,"C","C",1.47,4000,160,5880,235.2,8550,12568.5,4550,340.97706879361914,501.23629112662013,2]
[1197,15417,"F",45,null,"DB",7.4,56,"A","A",1.55,10000,399,15500,618.45000000000005,21639.724999999999,33541.573749999996,11639.724999999999,863,1337.65,5]
[1198,15418,"F",45,null,"DB",9.3000000000000007,50,"B","B",1.55,7500,299,11625,463.45,12687.949999999999,19666.322499999998,5187.9499999999989,505.99999999999994,784.3,2]
[1199,15419,"F",45,null,"MD",9,62,"C","B",2.27,3000,120,6810,272.39999999999998,8550,19408.5,5550,340.97706879361914,774.0179461615154,4]
[1200,15420,"F",45,null,"DB",12,49,"A","A",1.92,8000,319,15360,612.48,14719.025,28260.527999999998,6719.0249999999996,587,1127.04,4]
[1201,15421,"F",45,null,"DB",11.4,51,"A","A",1.98,10000,399,19800,790.02,13941.699999999999,27604.565999999999,3941.6999999999989,556,1100.8799999999999,4]
[1202,15422,"F",45,null,"DB",10.199999999999999,48,"B","B",1.56,6000,239,9360,372.84000000000003,12687.949999999999,19793.201999999997,6687.9499999999989,505.99999999999994,789.3599999999999,2]
[1203,15423,"F",45,null,"DB",12,51,"B","B",2.08,7500,299,15600,621.92000000000007,8550,17784,1050,340.97706879361914,709.23230309072778,1]
[1204,15424,"F",37,null,"DB",9.4,68,"II","A",2.93,12000,479,35160,1403.47,31895.399999999998,93453.521999999997,19895.399999999998,1272,3726.96,7]
[1205,15425,"F",37,null,"DB",6,81,"C","A",2.67,5000,199,13350,531.33000000000004,40596.424999999996,108392.45474999999,35596.424999999996,1618.9999999999998,4322.7299999999996,8]
[1206,15426,"F",37,null,"DB",5.5,88,"A","A",2.89,10000,399,28900,1153.1100000000001,41097.924999999996,118773.00324999999,31097.924999999996,1638.9999999999998,4736.7099999999991,7]
[1207,15427,"F",37,null,"DB",4,50,"B","B",0.67,7500,299,5025,200.33,8550,5728.5,1050,340.97706879361914,228.45463609172484,2]
[1208,15428,"F",37,null,"DB",8,54,"B","B",1.56,7500,299,11700,466.44,11434.199999999999,17837.351999999999,3934.1999999999989,455.99999999999994,711.3599999999999,2]
[1209,15429,"F",37,null,"DB",7.1,54,"A","A",1.38,10000,399,13799.999999999998,550.62,15122,20868.359999999997,5122,603.07078763708876,832.23768693918237,3]
[1210,15430,"F",37,null,"DB",6.2,56,"C","C",1.3,5000,199,6500,258.7,18530.424999999999,24089.552500000002,13530.424999999999,739,960.7,4]
[1211,15431,"F",37,null,"DB",6.1,55,"A","A",1.23,10000,399,12300,490.77,17778.174999999999,21867.15525,7778.1749999999993,709,872.06999999999994,5]
[1212,15432,"F",37,null,"DB",6,51,"II","A",1.04,12000,479,12480,498.16,20636.724999999999,21462.194,8636.7249999999985,823,855.92000000000007,5]
[1213,15433,"F",37,null,"DB",6.8,67,"II","A",2.06,12000,479,24720,986.74,35832.174999999996,73814.280499999993,23832.174999999996,1428.9999999999998,2943.74,7]
[1214,15434,"F",37,null,"DB",7.3,65,"II","A",2.0699999999999998,12000,479,24839.999999999996,991.53,20285.674999999999,41991.347249999992,8285.6749999999993,809,1674.6299999999999,4]
[1215,15435,"F",37,null,"DB",8.1999999999999993,56,"A","A",1.72,10000,399,17200,686.28,18530.424999999999,31872.330999999998,8530.4249999999993,739,1271.08,3]
[1216,15436,"F",43,null,"DB",4.4000000000000004,78,"D","B",1.81,3200,128,5792,231.68,6268.75,11346.4375,3068.75,250,452.5,3]
[1217,15437,"F",43,null,"DB",3.9,59,"B","B",0.91,7500,299,6825,272.09000000000003,13390.05,12184.9455,5890.0499999999993,534,485.94,2]
[1218,15438,"F",43,null,"DB",4,72,"D","B",1.4,3200,128,4480,179.2,11584.65,16218.509999999998,8384.65,462,646.79999999999995,3]
[1219,15439,"F",43,null,"DB",3.9,50,"B","B",0.65,7500,299,4875,194.35,7750,5037.5,250,309.07278165503493,200.89730807577271,1]
[1220,15440,"F",43,null,"DB",5,69,"C","B",1.6,5000,199,8000,318.40000000000003,17522,28035.200000000001,12522,698.7836490528415,1118.0538384845465,5]
[1221,15441,"F",43,null,"DB",5,37,"A","B",0.45,5500,219,2475,98.55,10932.699999999999,4919.7149999999992,5432.6999999999989,435.99999999999994,196.2,2]
[1222,15442,"F",43,null,"DB",4.9000000000000004,40,"A","A",0.52,8000,319,4160,165.88,12888.55,6702.0460000000003,4888.5499999999993,514,267.28000000000003,3]
[1223,15443,"F",43,null,"DB",5,50,"A","A",0.83,10000,399,8300,331.16999999999996,13440.199999999999,11155.365999999998,3440.1999999999989,536,444.88,3]
[1224,15444,"F",43,null,"DB",5,56,"A","A",1.05,10000,399,10500,418.95000000000005,26654.724999999999,27987.46125,16654.724999999999,1063,1116.1500000000001,6]
[1225,15445,"F",43,null,"DB",4.9000000000000004,43,"A","A",0.6,8000,319,4800,191.4,13440.199999999999,8064.119999999999,5440.1999999999989,536,321.59999999999997,3]
[1226,15446,"F",43,null,"DB",5,46,"A","A",0.7,8000,319,5600,223.29999999999998,13866.475,9706.5324999999993,5866.4750000000004,553,387.09999999999997,3]
[1227,15447,"F",43,null,"DB",8,40,"A","A",0.84,8000,319,6720,267.95999999999998,12687.949999999999,10657.877999999999,4687.9499999999989,505.99999999999994,425.03999999999996,3]
[1228,15448,"F",43,null,"DB",8.1,39,"B","C",0.81,4500,179,3645.0000000000005,144.99,10180.449999999999,8246.164499999999,5680.4499999999989,405.99999999999994,328.85999999999996,2]
[1229,15449,"F",43,null,"DB",5.9,40,"A","A",0.62,8000,319,4960,197.78,13490.35,8364.0169999999998,5490.35,538,333.56,3]
[1230,15450,"F",59,null,"DB",6.5,79,"B","A",2.75,7500,299,20625,822.25,17522,48185.5,10022,698.7836490528415,1921.6550348953142,3]
[1231,15451,"F",59,null,"DB",4.5999999999999996,73,"D","B",1.66,3200,128,5312,212.48,15345.9,25474.194,12145.9,612,1015.92,6]
[1232,15452,"F",59,null,"DB",5,62,"D","C",1.29,3200,128,4128,165.12,6450,8320.5,3250,257.22831505483549,331.82452642073781,3]
[1233,15453,"F",59,null,"DB",4.7,46,"A","A",0.66,8000,319,5280,210.54000000000002,12687.949999999999,8374.0470000000005,4687.9499999999989,505.99999999999994,333.96,2]
[1234,15454,"F",59,null,"DB",4,54,"C","C",0.78,5000,199,3900,155.22,6450,5031,1450,257.22831505483549,200.63808574277169,2]
[1235,15455,"F",59,null,"DB",5.6,58,"II","A",1.26,12000,479,15120,603.54,28409.974999999999,35796.568500000001,16409.974999999999,1133,1427.58,6]
[1236,15456,"F",59,null,"DB",5.5,58,"A","A",1.24,10000,399,12400,494.76,18279.674999999999,22666.796999999999,8279.6749999999993,729,903.96,4]
[1237,15457,"F",59,null,"DB",3.8,44,"B","B",0.49,6000,239,2940,117.11,6250,3062.5,250,249.25224327018944,122.13359920239283,1]
[1238,15458,"F",59,null,"DB",3.2,38,"B","C",0.3,4500,179,1350,53.699999999999996,5550,1665,1050,221.33599202392821,66.400797607178461,2]
[1239,15459,"F",59,null,"DB",2.5,41,"A","A",0.28000000000000003,8000,319,2240,89.320000000000007,8550,2394.0000000000005,550,340.97706879361914,95.473579262213363,2]
[1240,15460,"F",59,null,"DB",2.5,41,"B","B",0.28000000000000003,6000,239,1680.0000000000002,66.92,8050,2254,2050,321.03688933200402,89.890329012961132,1]
[1241,15461,"F",59,null,"DB",2.5,38,"B","C",0.24,4500,179,1080,42.96,7998.9250000000002,1919.742,3498.9250000000002,319,76.56,2]
[1242,15462,"F",59,null,"DB",2.5,37,"B","C",0.22,4500,179,990,39.380000000000003,5550,1221,1050,221.33599202392821,48.693918245264207,1]
[1243,15463,"F",59,null,"DB",3,55,"C","C",0.61,5000,199,3050,121.39,4650,2836.5,-350,185.44366899302094,113.12063808574277,2]
[1244,15464,"F",59,null,"DB",3,35,"B","C",0.24,4500,179,1080,42.96,"NEVYDRAŽENO","NEVYDRAŽENO",-1350,"NEVYDRAŽENO","NEVYDRAŽENO",1]
[1245,15465,"F",59,null,"DB",3,44,"C","C",0.38,4000,160,1520,60.8,"NEVYDRAŽENO","NEVYDRAŽENO",-850,"NEVYDRAŽENO","NEVYDRAŽENO",1]
[1246,15466,"F",59,null,"DB",3,47,"D","C",0.44,2500,100,1100,44,4000,1760,1500,159.52143569292124,70.189431704885351,2]
[1247,15467,"F",59,null,"DB",2.5,42,"II","A",0.28999999999999998,10000,399,2900,115.71,8050,2334.5,-1950,321.03688933200402,93.100697906281155,1]
[1248,15468,"F",59,null,"DB",3,39,"B","C",0.3,4500,179,1350,53.699999999999996,6450,1935,1950,257.22831505483549,77.16849451645065,1]
[1249,15469,"F",59,null,"DB",3,42,"B","B",0.35,6000,239,2100,83.649999999999991,8050,2817.5,2050,321.03688933200402,112.36291126620139,1]
[1250,15470,"F",59,null,"DB",2.5,39,"B","C",0.25,4500,179,1125,44.75,6450,1612.5,1950,257.22831505483549,64.307078763708873,1]
[1251,15471,"F",59,null,"DB",3,35,"B","C",0.24,4500,179,1080,42.96,"NEVYDRAŽENO","NEVYDRAŽENO",-950,"NEVYDRAŽENO","NEVYDRAŽENO",1]
[1252,15472,"F",59,null,"DB",3,42,"D","C",0.35,2500,100,875,35,3500,1225,1000,139.5812562313061,48.853439680957131,3]
[1253,15473,"F",59,null,"DB",3,45,"B","B",0.4,6000,239,2400,95.600000000000009,"NEVYDRAŽENO","NEVYDRAŽENO",-3450,"NEVYDRAŽENO","NEVYDRAŽENO",1]
[1254,15474,"F",58,null,"DB",4,36,"A","B",0.34,5500,219,1870.0000000000002,74.460000000000008,10656.875,3623.3375000000001,5156.875,425,144.5,2]
[1255,15475,"F",58,null,"DB",4,35,"B","C",0.32,4500,179,1440,57.28,6450,2064,1950,257.22831505483549,82.313060817547353,2]
[1256,15476,"F",58,null,"DB",4,43,"II","A",0.49,10000,399,4900,195.51,15120.225,7408.9102499999999,5120.2250000000004,603,295.46999999999997,2]
[1257,15477,"F",58,null,"DB",4,49,"B","B",0.64,6000,239,3840,152.96,19107.149999999998,12228.575999999999,13107.149999999998,761.99999999999989,487.67999999999995,3]
[1258,15478,"F",58,null,"DB",4,42,"C","C",0.47,4000,160,1880,75.199999999999989,8550,4018.4999999999995,4550,340.97706879361914,160.25922233300099,1]
[1259,15479,"F",58,null,"DB",4,40,"A","A",0.42,8000,319,3360,133.97999999999999,8550,3591,550,340.97706879361914,143.21036889332004,1]
[1260,15480,"F",58,null,"DB",4,43,"A","A",0.49,8000,319,3920,156.31,14668.875,7187.7487499999997,6668.875,585,286.64999999999998,2]
[1261,15481,"F",58,null,"DB",4,44,"B","B",0.51,6000,239,3060,121.89,13139.3,6701.0429999999997,7139.2999999999993,524,267.24,2]
[1262,15482,"F",58,null,"DB",4,39,"A","B",0.4,5500,219,2200,87.600000000000009,10481.35,4192.54,4981.3500000000004,418,167.20000000000002,2]
[1263,15483,"F",58,null,"DB",4,37,"C","C",0.36,3000,120,1080,43.199999999999996,2550,918,-450,101.69491525423729,36.610169491525419,1]
[1264,15484,"F",58,null,"DB",4,65,"D","C",1.1399999999999999,3200,128,3647.9999999999995,145.91999999999999,4250,4845,1050,169.49152542372883,193.22033898305085,2]
[1265,15485,"F",58,null,"DB",4,47,"C","C",0.59,4000,160,2360,94.399999999999991,8050,4749.5,4050,321.03688933200402,189.41176470588238,1]
[1266,15486,"F",58,null,"DB",4,42,"D","C",0.47,2500,100,1175,47,7622.8,3582.7159999999999,5122.8,304,142.88,3]
[1267,15487,"F",58,null,"DB",4,40,"B","B",0.42,6000,239,2520,100.38,8550,3591,2550,340.97706879361914,143.21036889332004,1]
[1268,15488,"F",58,null,"DB",4,36,"B","C",0.34,4500,179,1530,60.860000000000007,3550,1207,-950,141.57527417746761,48.13559322033899,1]
[1269,15489,"F",58,null,"DB",4,44,"B","B",0.51,6000,239,3060,121.89,8550,4360.5,2550,340.97706879361914,173.89830508474577,1]
[1270,15490,"F",58,null,"DB",4,59,"C","C",0.93,5000,199,4650,185.07000000000002,8550,7951.5,3550,340.97706879361914,317.10867397806584,2]
[1271,15491,"F",58,null,"DB",4,50,"B","B",0.67,7500,299,5025,200.33,8550,5728.5,1050,340.97706879361914,228.45463609172484,1]
[1272,15492,"F",58,null,"DB",4,46,"B","B",0.56000000000000005,6000,239,3360.0000000000005,133.84,8550,4788.0000000000009,2550,340.97706879361914,190.94715852442673,1]
[1273,15493,"F",58,null,"DB",3.9,44,"D","C",0.5,2500,100,1250,50,1850,925,-650,73.778664007976076,36.889332003988038,1]
[1274,15494,"F",58,null,"DB",4,45,"C","C",0.54,4000,160,2160,86.4,6450,3483.0000000000005,2450,257.22831505483549,138.90329012961118,1]
[1275,15495,"F",58,null,"DB",4,47,"A","A",0.59,8000,319,4720,188.20999999999998,15571.574999999999,9187.2292499999985,7571.5749999999989,621,366.39,2]
[1276,15496,"F",58,null,"DB",4,42,"A","A",0.47,8000,319,3760,149.92999999999998,14142.3,6646.8809999999994,6142.2999999999993,564,265.08,2]
[1277,15497,"F",58,null,"DB",5,47,"A","A",0.73,8000,319,5840,232.87,13440.199999999999,9811.3459999999995,5440.1999999999989,536,391.28,2]
[1278,15498,"F",58,null,"DB",4.9000000000000004,43,"B","B",0.6,6000,239,3600,143.4,11434.199999999999,6860.5199999999995,5434.1999999999989,455.99999999999994,273.59999999999997,2]
[1279,15499,"F",58,null,"DB",5,39,"C","C",0.5,3000,120,1500,60,2550,1275,-450,101.69491525423729,50.847457627118644,1]
[1280,15500,"F",58,null,"DB",5,35,"B","C",0.4,4500,179,1800,71.600000000000009,11434.199999999999,4573.6799999999994,6934.1999999999989,455.99999999999994,182.39999999999998,2]
[1281,15501,"F",58,null,"DB",5,40,"C","C",0.53,4000,160,2120,84.800000000000011,10180.449999999999,5395.6385,6180.4499999999989,405.99999999999994,215.17999999999998,2]
[1282,15502,"F",58,null,"DB",5,44,"D","C",0.64,2500,100,1600,64,3200,2048,700,127.61714855433699,81.674975074775674,1]
[1283,15503,"F",58,null,"DB",5,54,"A","A",0.97,10000,399,9700,387.03,15122,14668.34,5122,603.07078763708876,584.97866400797602,3]
[1284,15504,"F",58,null,"DB",5,51,"C","C",0.87,5000,199,4350,173.13,3550,3088.5,-1450,141.57527417746761,123.17048853439681,1]
[1285,15505,"F",58,null,"DB",5,49,"A","A",0.8,8000,319,6400,255.20000000000002,13440.199999999999,10752.16,5440.1999999999989,536,428.8,2]
[1286,15506,"F",58,null,"DB",5,38,"A","B",0.47,5500,219,2585,102.92999999999999,11434.199999999999,5374.0739999999996,5934.1999999999989,455.99999999999994,214.31999999999996,3]
[1287,15507,"F",58,null,"DB",5,44,"II","A",0.64,10000,399,6400,255.36,15170.375,9709.0400000000009,5170.375,605,387.2,4]
[1288,15508,"F",58,null,"DB",5,56,"B","B",1.05,7500,299,7875,313.95,11434.199999999999,12005.91,3934.1999999999989,455.99999999999994,478.79999999999995,2]
[1289,15509,"F",58,null,"DB",5.0999999999999996,59,"B","B",1.19,7500,299,8925,355.81,10180.449999999999,12114.735499999999,2680.4499999999989,405.99999999999994,483.13999999999993,2]
[1290,15510,"F",58,null,"DB",4,45,"B","B",0.54,6000,239,3240,129.06,13239.6,7149.3840000000009,7239.6,528,285.12,2]
[1291,15511,"F",58,null,"DB",4,32,"B","C",0.27,4500,179,1215,48.330000000000005,3150,850.5,-1350,125.62313060817547,33.918245264207378,1]
[1292,15512,"F",58,null,"DB",4,36,"C","C",0.34,3000,120,1020.0000000000001,40.800000000000004,3150,1071,150,125.62313060817547,42.711864406779661,1]
[1293,15513,"F",58,null,"DB",4,33,"C","C",0.28000000000000003,3000,120,840.00000000000011,33.6,3150,882.00000000000011,150,125.62313060817547,35.174476570289137,1]
[1294,15514,"F",58,null,"DB",4,38,"D","C",0.38,1500,60,570,22.8,3150,1197,1650,125.62313060817547,47.736789631106681,1]
[1295,15515,"F",58,null,"DB",4,38,"B","C",0.38,4500,179,1710,68.02,5750,2185,1250,229.31206380857429,87.138584247258237,1]
[1296,15516,"F",58,null,"DB",4,35,"B","C",0.32,4500,179,1440,57.28,3150,1008,-1350,125.62313060817547,40.199401794616151,1]
[1297,15517,"F",58,null,"DB",4,39,"B","C",0.4,4500,179,1800,71.600000000000009,8050,3220,3550,321.03688933200402,128.41475573280161,1]
[1298,15518,"F",58,null,"DB",4,41,"B","B",0.44,6000,239,2640,105.16,12938.699999999999,5693.0279999999993,6938.6999999999989,516,227.04,2]
[1299,15519,"F",58,null,"DB",4,37,"C","C",0.36,3000,120,1080,43.199999999999996,3150,1134,150,125.62313060817547,45.224327018943171,1]
[1300,15520,"F",59,null,"DB",3.5,53,"A","A",0.66,10000,399,6600,263.34000000000003,7550,4983,-2450,301.09670987038885,198.72382851445664,1]
[1301,15521,"F",59,null,"DB",3,37,"A","B",0.27,5500,219,1485,59.13,7773.25,2098.7775000000001,2273.25,310,83.7,2]
[1302,15522,"F",43,null,"DB",5.9,45,"II","A",0.79,10000,399,7900,315.21000000000004,15370.975,12143.070250000001,5370.9750000000004,613,484.27000000000004,3]
[1303,15523,"F",43,null,"DB",6,42,"A","A",0.7,8000,319,5600,223.29999999999998,13440.199999999999,9408.14,5440.1999999999989,536,375.2,3]
[1304,15524,"F",43,null,"DB",5.5,42,"A","A",0.64,8000,319,5120,204.16,12938.699999999999,8280.768,4938.6999999999989,516,330.24,3]
[1305,15525,"F",43,null,"DB",6,41,"A","A",0.66,8000,319,5280,210.54000000000002,14142.3,9333.9179999999997,6142.2999999999993,564,372.24,3]
[1306,15526,"F",43,null,"DB",5.6,58,"C","C",1.26,5000,199,6300,250.74,15122,19053.72,10122,603.07078763708876,759.86919242273189,5]
[1307,15527,"F",43,null,"DB",8,44,"A","A",1.02,8000,319,8160,325.38,13440.199999999999,13709.003999999999,5440.1999999999989,536,546.72,2]
[1308,15528,"F",43,null,"DB",8.3000000000000007,44,"A","A",1.06,8000,319,8480,338.14000000000004,13189.449999999999,13980.816999999999,5189.4499999999989,526,557.56000000000006,2]
[1309,15529,"F",43,null,"DB",7,42,"A","A",0.81,8000,319,6480,258.39000000000004,13440.199999999999,10886.562,5440.1999999999989,536,434.16,3]
[1310,15530,"F",43,null,"DB",6,43,"B","B",0.73,6000,239,4380,174.47,12687.949999999999,9262.2034999999996,6687.9499999999989,505.99999999999994,369.37999999999994,2]
[1311,15531,"F",43,null,"DB",6.9,44,"B","B",0.88,6000,239,5280,210.32,13440.199999999999,11827.375999999998,7440.1999999999989,536,471.68,2]
[1312,15532,"F",43,null,"DB",6.6,43,"A","A",0.81,8000,319,6480,258.39000000000004,13440.199999999999,10886.562,5440.1999999999989,536,434.16,3]
[1313,15533,"F",43,null,"DB",4,68,"II","A",1.25,12000,479,15000,598.75,26153.224999999999,32691.53125,14153.224999999999,1043,1303.75,5]
[1314,15534,"F",43,null,"DB",3.9,60,"II","A",0.94,12000,479,11280,450.26,31644.649999999998,29745.970999999998,19644.649999999998,1262,1186.28,3]
[1315,15535,"F",43,null,"DB",3.9,63,"B","A",1.04,7500,299,7800,310.96000000000004,8550,8892,1050,340.97706879361914,354.61615154536389,1]
[1316,15536,"F",43,null,"DB",3.9,56,"B","B",0.82,7500,299,6150,245.17999999999998,8050,6601,550,321.03688933200402,263.25024925224329,1]
[1317,15537,"F",43,null,"DB",4,58,"D","C",0.9,3200,128,2880,115.2,8776.25,7898.625,5576.25,350,315,2]
[1318,15538,"G",56,null,"MD",4,39,"A","B",0.4,5500,219,2200,87.600000000000009,5632,2252.8000000000002,132,224.60618145563311,89.842472582253251,2]
[1319,15539,"G",56,null,"MD",4,40,"B","B",0.42,4000,160,1680,67.2,4185,1757.7,185,166.89930209371886,70.097706879361922,2]
[1320,15540,"G",56,null,"MD",4,38,"A","B",0.37,5500,219,2035,81.03,5614,2077.1799999999998,114,223.88833499501496,82.838683948155534,2]
[1321,15541,"G",56,null,"MD",4,38,"B","C",0.37,4000,160,1480,59.2,4185,1548.45,185,166.89930209371886,61.752741774675975,2]
[1322,15542,"G",56,null,"MD",4,35,"A","B",0.32,5500,219,1760,70.08,5678,1816.96,178,226.4406779661017,72.461016949152551,2]
[1323,15543,"G",56,null,"MD",4,38,"B","C",0.37,4000,160,1480,59.2,4152,1536.24,152,165.58325024925225,61.265802592223331,2]
[1324,15544,"G",56,null,"MD",4,41,"B","B",0.44,4000,160,1760,70.400000000000006,4114,1810.16,114,164.06779661016949,72.189830508474572,2]
[1325,15545,"G",56,null,"MD",4,36,"A","B",0.34,5500,219,1870.0000000000002,74.460000000000008,5665,1926.1000000000001,165,225.92223330009972,76.81355932203391,2]
[1326,15546,"G",56,null,"MD",4,37,"A","B",0.35,5500,219,1924.9999999999998,76.649999999999991,5623,1968.05,123,224.24725822532403,78.48654037886341,2]
[1327,15547,"G",56,null,"MD",4,41,"B","B",0.44,4000,160,1760,70.400000000000006,4141,1822.04,141,165.14456630109672,72.663609172482552,2]
[1328,15548,"G",56,null,"MD",4,46,"B","B",0.55000000000000004,4000,160,2200,88,4163,2289.65,163,166.02193419740777,91.31206380857428,2]
[1329,15549,"G",56,null,"MD",4,35,"B","C",0.32,4000,160,1280,51.2,4152,1328.64,152,165.58325024925225,52.986640079760718,2]
[1330,15550,"G",56,null,"MD",4,34,"B","C",0.3,4000,160,1200,48,4157,1247.0999999999999,157,165.78265204386841,49.734795613160522,2]
[1331,15551,"G",56,null,"MD",4,45,"A","A",0.53,5500,219,2915,116.07000000000001,5647,2992.9100000000003,147,225.20438683948157,119.35832502492524,2]
[1332,15552,"G",56,null,"MD",4,40,"A","A",0.42,5500,219,2310,91.97999999999999,5639,2368.38,139,224.88534396809573,94.451844466600207,2]
[1333,15553,"G",56,null,"MD",4,39,"A","B",0.4,5500,219,2200,87.600000000000009,5625,2250,125,224.32701894317049,89.730807577268195,2]
[1334,15554,"G",56,null,"MD",4,38,"A","B",0.37,5500,219,2035,81.03,5685,2103.4499999999998,185,226.71984047856432,83.886340977068798,2]
[1335,15555,"G",56,null,"MD",4,33,"B","C",0.28000000000000003,4000,160,1120,44.800000000000004,4152,1162.5600000000002,152,165.58325024925225,46.363310069790636,2]
[1336,15556,"G",56,null,"MD",4,37,"B","C",0.35,4000,160,1400,56,4154,1453.8999999999999,154,165.6630109670987,57.982053838484539,2]
[1337,15557,"G",56,null,"MD",4,45,"B","B",0.53,4000,160,2120,84.800000000000011,4139,2193.67,139,165.06480558325026,87.484346959122647,2]
[1338,15558,"G",56,null,"MD",4,36,"B","C",0.34,4000,160,1360,54.400000000000006,4157,1413.38,157,165.78265204386841,56.366101694915265,2]
[1339,15559,"G",56,null,"MD",4,37,"B","C",0.35,4000,160,1400,56,4168,1458.8,168,166.22133599202394,58.177467597208377,2]
[1340,15560,"G",56,null,"MD",4,42,"A","A",0.46,5500,219,2530,100.74000000000001,5697,2620.62,197,227.19840478564308,104.51126620139583,2]
[1341,15561,"G",56,null,"MD",4,38,"B","C",0.37,4000,160,1480,59.2,4167,1541.79,167,166.18145563310071,61.487138584247262,2]
[1342,15562,"G",56,null,"MD",4,41,"A","A",0.44,5500,219,2420,96.36,5698,2507.12,198,227.23828514456631,99.984845463609176,3]
[1343,15563,"G",56,null,"MD",4,32,"B","C",0.26,4000,160,1040,41.6,4168,1083.68,168,166.22133599202394,43.217547357926229,2]
[1344,15564,"G",56,null,"MD",4,40,"B","B",0.42,4000,160,1680,67.2,4167,1750.1399999999999,167,166.18145563310071,69.796211365902295,3]
[1345,15565,"G",55,null,"DB",6,38,"C","C",0.56999999999999995,3000,120,1709.9999999999998,68.399999999999991,"NEVYDRAŽENO","NEVYDRAŽENO",-150,"NEVYDRAŽENO","NEVYDRAŽENO",1]
[1346,15566,"G",55,null,"DB",7,47,"C","C",1.03,4000,160,4120,164.8,9001.9249999999993,9271.9827499999992,5001.9249999999993,359,369.77,3]
[1347,15567,"G",55,null,"DB",5,60,"C","B",1.21,5000,199,6050,240.79,6450,7804.5,1450,257.22831505483549,311.24626121635094,3]
[1348,15568,"G",55,null,"DB",5.2,69,"B","A",1.67,7500,299,12525,499.33,8550,14278.5,1050,340.97706879361914,569.43170488534395,2]
[1349,15569,"G",55,null,"DB",3.9,66,"D","C",1.1399999999999999,3200,128,3647.9999999999995,145.91999999999999,4450,5073,1250,177.46759720837488,202.31306081754735,1]
[1350,15570,"G",55,null,"DB",4.5,45,"A","A",0.6,8000,319,4800,191.4,8550,5130,550,340.97706879361914,204.58624127617148,1]
[1351,15571,"G",55,null,"MD",5.5,41,"B","B",0.6,4000,160,2400,96,3250,1950,-750,129.61116650049851,77.766699900299102,2]
[1352,15572,"G",55,null,"DB",4.5,37,"C","C",0.4,3000,120,1200,48,6450,2580,3450,257.22831505483549,102.8913260219342,2]
[1353,15573,"G",55,null,"DB",3,46,"A","A",0.42,8000,319,3360,133.97999999999999,"NEVYDRAŽENO","NEVYDRAŽENO",-4850,"NEVYDRAŽENO","NEVYDRAŽENO",1]
[1354,15574,"G",55,null,"DB",3,49,"C","C",0.48,4000,160,1920,76.8,"NEVYDRAŽENO","NEVYDRAŽENO",-850,"NEVYDRAŽENO","NEVYDRAŽENO",2]
[1355,15575,"G",55,null,"DB",3,44,"II","A",0.38,10000,399,3800,151.62,8050,3059,-1950,321.03688933200402,121.99401794616153,1]
[1356,15576,"G",55,null,"DB",3.9,79,"C","B",1.65,5000,199,8250,328.34999999999997,5050,8332.5,50,201.39581256231307,332.30309072781654,1]
[1357,15577,"G",55,null,"DB",4,45,"B","B",0.54,6000,239,3240,129.06,8550,4617,2550,340.97706879361914,184.12761714855435,1]
[1358,15578,"G",55,null,"DB",3,51,"B","B",0.52,7500,299,3900,155.48000000000002,8050,4186,550,321.03688933200402,166.93918245264209,1]
[1359,15579,"G",55,null,"DB",4,63,"A","A",1.07,10000,399,10700,426.93,15122,16180.54,5122,603.07078763708876,645.28574277168502,2]
[1360,15580,"G",55,null,"DB",4,80,"C","A",1.73,5000,199,8650,344.27,15122,26161.06,10122,603.07078763708876,1043.3124626121635,3]
[1361,15581,"G",55,null,"DB",4,74,"C","B",1.48,5000,199,7400,294.52,"NEVYDRAŽENO","NEVYDRAŽENO",-1450,"NEVYDRAŽENO","NEVYDRAŽENO",1]
[1362,15582,"G",55,null,"DB",3,40,"B","B",0.32,6000,239,1920,76.48,"NEVYDRAŽENO","NEVYDRAŽENO",-2450,"NEVYDRAŽENO","NEVYDRAŽENO",1]
[1363,15583,"G",55,null,"DB",3,47,"B","B",0.44,6000,239,2640,105.16,"NEVYDRAŽENO","NEVYDRAŽENO",-2450,"NEVYDRAŽENO","NEVYDRAŽENO",1]
[1364,15584,"G",55,null,"DB",3,51,"C","C",0.52,5000,199,2600,103.48,8050,4186,3050,321.03688933200402,166.93918245264209,1]
[1365,15585,"G",55,null,"DB",3,63,"D","C",0.8,3200,128,2560,102.4,"NEVYDRAŽENO","NEVYDRAŽENO",-250,"NEVYDRAŽENO","NEVYDRAŽENO",1]
[1366,15586,"G",55,null,"DB",3,41,"B","B",0.33,6000,239,1980,78.87,8050,2656.5,2050,321.03688933200402,105.94217347956133,1]
[1367,15587,"G",55,null,"DB",2.5,40,"A","A",0.26,8000,319,2080,82.94,10556.574999999999,2744.7094999999999,2556.5749999999989,420.99999999999994,109.46,2]
[1368,15588,"G",55,null,"DB",3.3,80,"B","A",1.43,7500,299,10725,427.57,5550,7936.5,-1950,221.33599202392821,316.51046859421734,1]
[1369,15589,"G",55,null,"DB",3,38,"D","C",0.28000000000000003,1500,60,420.00000000000006,16.8,"NEVYDRAŽENO","NEVYDRAŽENO",-50,"NEVYDRAŽENO","NEVYDRAŽENO",1]
[1370,15590,"G",55,null,"DB",3,37,"B","C",0.27,4500,179,1215,48.330000000000005,"NEVYDRAŽENO","NEVYDRAŽENO",-2350,"NEVYDRAŽENO","NEVYDRAŽENO",1]
[1371,15591,"G",55,null,"DB",3,58,"A","A",0.68,10000,399,6800.0000000000009,271.32,8050,5474,-1950,321.03688933200402,218.30508474576274,1]
[1372,15592,"G",55,null,"DB",3,37,"B","C",0.27,4500,179,1215,48.330000000000005,8050,2173.5,3550,321.03688933200402,86.679960119641095,1]
[1373,15593,"G",55,null,"DB",3,82,"D","B",1.37,3200,128,4384,175.36,6100,8357,2900,243.27018943170489,333.28015952143573,4]
[1374,15594,"G",55,null,"DB",3,74,"C","B",1.1100000000000001,5000,199,5550.0000000000009,220.89000000000001,"NEVYDRAŽENO","NEVYDRAŽENO",-3800,"NEVYDRAŽENO","NEVYDRAŽENO",1]
[1375,15595,"G",55,null,"DB",3,65,"C","B",0.85,5000,199,4250,169.15,"NEVYDRAŽENO","NEVYDRAŽENO",-3800,"NEVYDRAŽENO","NEVYDRAŽENO",1]
[1376,15596,"G",55,null,"DB",3,62,"C","B",0.77,5000,199,3850,153.22999999999999,"NEVYDRAŽENO","NEVYDRAŽENO",-1850,"NEVYDRAŽENO","NEVYDRAŽENO",1]
[1377,15597,"G",18,null,"MD",4,47,"B","B",0.57999999999999996,4000,160,2320,92.8,4157,2411.06,157,165.78265204386841,96.153938185443664,3]
[1378,15598,"G",56,null,"DB",4,38,"C","C",0.38,3000,120,1140,45.6,"NEVYDRAŽENO","NEVYDRAŽENO",-800,"NEVYDRAŽENO","NEVYDRAŽENO",2]
[1379,15599,"G",56,null,"DB",4,33,"C","C",0.28000000000000003,3000,120,840.00000000000011,33.6,"NEVYDRAŽENO","NEVYDRAŽENO",-800,"NEVYDRAŽENO","NEVYDRAŽENO",2]
[1380,15600,"G",56,null,"DB",4,42,"D","C",0.47,2500,100,1175,47,"NEVYDRAŽENO","NEVYDRAŽENO",-850,"NEVYDRAŽENO","NEVYDRAŽENO",1]
[1381,15601,"G",56,null,"DB",4,39,"B","C",0.4,4500,179,1800,71.600000000000009,"NEVYDRAŽENO","NEVYDRAŽENO",-1950,"NEVYDRAŽENO","NEVYDRAŽENO",1]
[1382,15602,"G",56,null,"DB",4,33,"C","C",0.28000000000000003,3000,120,840.00000000000011,33.6,"NEVYDRAŽENO","NEVYDRAŽENO",-800,"NEVYDRAŽENO","NEVYDRAŽENO",2]
[1383,15603,"G",56,null,"DB",4,42,"D","C",0.47,2500,100,1175,47,"NEVYDRAŽENO","NEVYDRAŽENO",-50,"NEVYDRAŽENO","NEVYDRAŽENO",2]
[1384,15604,"G",56,null,"DB",4,42,"C","C",0.47,4000,160,1880,75.199999999999989,"NEVYDRAŽENO","NEVYDRAŽENO",-1850,"NEVYDRAŽENO","NEVYDRAŽENO",1]
[1385,15605,"G",56,null,"DB",4,38,"D","C",0.38,1500,60,570,22.8,"NEVYDRAŽENO","NEVYDRAŽENO",-50,"NEVYDRAŽENO","NEVYDRAŽENO",1]
[1386,15606,"G",56,null,"DB",4,31,"C","C",0.25,3000,120,750,30,2450,612.5,-550,97.706879361914261,24.426719840478565,2]
[1387,15607,"G",56,null,"DB",4,38,"C","C",0.38,3000,120,1140,45.6,"NEVYDRAŽENO","NEVYDRAŽENO",-450,"NEVYDRAŽENO","NEVYDRAŽENO",2]
[1388,15608,"G",56,null,"DB",4,45,"D","C",0.54,2500,100,1350,54,2650,1431,150,105.68295114656033,57.068793619142582,2]
[1389,15609,"G",56,null,"DB",4,35,"C","C",0.32,3000,120,960,38.4,"NEVYDRAŽENO","NEVYDRAŽENO",-450,"NEVYDRAŽENO","NEVYDRAŽENO",2]
[1390,15610,"G",56,null,"DB",4,45,"C","C",0.54,4000,160,2160,86.4,"NEVYDRAŽENO","NEVYDRAŽENO",-1450,"NEVYDRAŽENO","NEVYDRAŽENO",1]
[1391,15611,"G",56,null,"DB",4,43,"C","C",0.49,4000,160,1960,78.400000000000006,"NEVYDRAŽENO","NEVYDRAŽENO",-1450,"NEVYDRAŽENO","NEVYDRAŽENO",1]
[1392,15612,"G",56,null,"DB",4,43,"B","B",0.49,6000,239,2940,117.11,"NEVYDRAŽENO","NEVYDRAŽENO",-3450,"NEVYDRAŽENO","NEVYDRAŽENO",1]
[1393,15613,"G",56,null,"DB",4,45,"C","C",0.54,4000,160,2160,86.4,"NEVYDRAŽENO","NEVYDRAŽENO",-1450,"NEVYDRAŽENO","NEVYDRAŽENO",1]
[1394,15614,"G",56,null,"DB",3.6,55,"D","C",0.73,3200,128,2336,93.44,"NEVYDRAŽENO","NEVYDRAŽENO",-550,"NEVYDRAŽENO","NEVYDRAŽENO",2]
[1395,15615,"G",56,null,"DB",3.7,54,"D","C",0.72,3200,128,2304,92.16,2850,2052,-350,113.65902293120638,81.834496510468597,2]
[1396,15616,"G",56,null,"DB",3.5,36,"C","C",0.3,3000,120,900,36,2550,765,-450,101.69491525423729,30.508474576271183,2]
[1397,15617,"G",56,null,"DB",3.8,48,"B","B",0.57999999999999996,6000,239,3479.9999999999995,138.62,"NEVYDRAŽENO","NEVYDRAŽENO",-3450,"NEVYDRAŽENO","NEVYDRAŽENO",1]
[1398,15618,"G",56,null,"DB",4,45,"D","C",0.54,2500,100,1350,54,2550,1377,50,101.69491525423729,54.915254237288138,2]
[1399,15619,"G",56,null,"DB",4,35,"B","C",0.32,4500,179,1440,57.28,"NEVYDRAŽENO","NEVYDRAŽENO",-1950,"NEVYDRAŽENO","NEVYDRAŽENO",1]
[1400,15620,"G",56,null,"DB",4,31,"C","C",0.25,3000,120,750,30,2550,637.5,-450,101.69491525423729,25.423728813559322,1]
[1401,15621,"G",56,null,"DB",4,39,"C","C",0.4,3000,120,1200,48,6250,2500,3250,249.25224327018944,99.700897308075781,1]
[1402,15622,"G",56,null,"DB",4,47,"B","B",0.59,6000,239,3540,141.01,6450,3805.5,450,257.22831505483549,151.76470588235293,1]
[1403,15623,"G",56,null,"DB",4,54,"D","C",0.78,3200,128,2496,99.84,"NEVYDRAŽENO","NEVYDRAŽENO",-550,"NEVYDRAŽENO","NEVYDRAŽENO",2]
[1404,15624,"G",56,null,"DB",4,47,"D","C",0.59,2500,100,1475,59,3250,1917.5,750,129.61116650049851,76.470588235294116,2]
[1405,15625,"G",56,null,"DB",3,60,"D","C",0.72,3200,128,2304,92.16,3450,2484,250,137.58723828514456,99.062811565304088,2]
[1406,15626,"G",56,null,"DB",4,37,"C","C",0.36,3000,120,1080,43.199999999999996,2250,810,-750,89.730807577268195,32.303090727816546,1]
[1407,15627,"G",56,null,"DB",4,45,"D","C",0.54,2500,100,1350,54,"NEVYDRAŽENO","NEVYDRAŽENO",-650,"NEVYDRAŽENO","NEVYDRAŽENO",1]
[1408,15628,"G",56,null,"DB",4,32,"D","C",0.27,1500,60,405,16.200000000000003,2550,688.5,1050,101.69491525423729,27.457627118644069,2]
[1409,15629,"G",56,null,"DB",4,33,"C","C",0.28000000000000003,3000,120,840.00000000000011,33.6,2550,714.00000000000011,-450,101.69491525423729,28.474576271186443,2]
[1410,15630,"G",56,null,"DB",4,39,"C","C",0.4,3000,120,1200,48,"NEVYDRAŽENO","NEVYDRAŽENO",-450,"NEVYDRAŽENO","NEVYDRAŽENO",2]
[1411,15631,"G",56,null,"DB",4,36,"D","C",0.34,1500,60,510.00000000000006,20.400000000000002,"NEVYDRAŽENO","NEVYDRAŽENO",-50,"NEVYDRAŽENO","NEVYDRAŽENO",1]
[1412,15632,"G",56,null,"DB",4,33,"C","C",0.28000000000000003,3000,120,840.00000000000011,33.6,2200,616.00000000000011,-800,87.736789631106689,24.566301096709875,2]
[1413,15633,"G",56,null,"DB",4,39,"D","C",0.4,1500,60,600,24,"NEVYDRAŽENO","NEVYDRAŽENO",-50,"NEVYDRAŽENO","NEVYDRAŽENO",1]
[1414,15634,"G",56,null,"DB",4,36,"B","C",0.34,4500,179,1530,60.860000000000007,"NEVYDRAŽENO","NEVYDRAŽENO",-950,"NEVYDRAŽENO","NEVYDRAŽENO",1]
[1415,15635,"G",56,null,"DB",4,38,"C","C",0.38,3000,120,1140,45.6,3550,1349,550,141.57527417746761,53.798604187437689,2]
[1416,15636,"G",56,null,"DB",4,41,"C","C",0.44,4000,160,1760,70.400000000000006,"NEVYDRAŽENO","NEVYDRAŽENO",-1850,"NEVYDRAŽENO","NEVYDRAŽENO",1]
[1417,15637,"F",56,null,"DB",3,42,"C","C",0.35,4000,160,1400,56,"NEVYDRAŽENO","NEVYDRAŽENO",-800,"NEVYDRAŽENO","NEVYDRAŽENO",2]
[1418,15638,"F",56,null,"DB",3.5,36,"C","C",0.3,3000,120,900,36,"NEVYDRAŽENO","NEVYDRAŽENO",-350,"NEVYDRAŽENO","NEVYDRAŽENO",2]
[1419,15639,"F",56,null,"DB",3.6,39,"A","B",0.36,5500,219,1980,78.84,"NEVYDRAŽENO","NEVYDRAŽENO",-3350,"NEVYDRAŽENO","NEVYDRAŽENO",1]
[1420,15640,"F",56,null,"DB",3.7,35,"B","C",0.3,4500,179,1350,53.699999999999996,"NEVYDRAŽENO","NEVYDRAŽENO",-2350,"NEVYDRAŽENO","NEVYDRAŽENO",1]
[1421,15641,"F",56,null,"DB",3.1,80,"C","A",1.34,5000,199,6700,266.66000000000003,5250,7035,250,209.37188434695912,280.55832502492524,2]